{"text_format":"3","workbook":"xlsx","n_sheets":6,"sheets":["PLANILHA ORCAMENTARIA","RESUMO","COMPOSICOES","CRONOGRAMA","BDI","ENCARGOS SOCIAIS"],"not_rendered":{"images":6,"defined_names":9},"read":"whole","date_system":"1900"}

{"sheet":"PLANILHA ORCAMENTARIA","index":0,"n_rows":152,"n_cols":10,"rows_kept":152,"merged":[[0,0,0,9],[1,0,2,0],[1,1,2,1],[1,2,2,2],[1,3,2,3],[1,4,2,4],[1,5,2,5],[1,6,1,8],[1,9,2,9],[3,1,3,8],[4,1,4,8],[8,1,8,8],[17,1,17,8],[28,1,28,8],[30,1,30,8],[31,1,31,8],[34,1,34,8],[43,1,43,8],[54,1,54,8],[56,1,56,8],[57,1,57,8],[60,1,60,8],[69,1,69,8],[81,1,81,8],[83,1,83,8],[84,1,84,8],[87,1,87,8],[94,1,94,8],[96,1,96,8],[97,1,97,8],[100,1,100,8],[108,1,108,8],[120,1,120,8],[122,1,122,8],[123,1,123,8],[126,1,126,8],[135,1,135,8],[147,1,147,8],[149,7,149,8],[150,7,150,8],[151,7,151,8]]}
[]
["ITEM","CÓDIGO","DESCRIÇÃO","FONTE","UNID","QUANTIDADE","PREÇO UNITÁRIO R$",null,null,"PREÇO\nTOTAL R$"]
[{"$nulls":6},"SEM BDI","BDI","COM BDI"]
["1","RUA PROJETADA l",{"$nulls":7},{"v":74705.67,"d":"74,705.67"}]
["1.1","SERVIÇOS PRELIMINARES",{"$nulls":7},{"v":3667.68,"d":"3,667.68"}]
["1.1.1","COMP-45621063","PLACA DE OBRA EM CHAPA DE AÇO GALVANIZADO.","PRÓPRIA","M2",{"v":8,"d":"8.00"},"332,69",80.61,"413,30",{"v":3306.4,"d":"3,306.40"}]
["1.1.2","COMP-48999838","SERVICOS TOPOGRAFICOS PARA PAVIMENTACAO, INCLUSIVE NOTA DE SERVICOS, ACOMPANHAMENTO E GREIDE","PRÓPRIA","M2",398.35,"0,32",0.08,"0,40",159.34]
["1.1.3","COMP-69215843","PLACA ESMALTADA PARA IDENTIFICAÇÃO NR DE RUA, LOGRADOURO, 45X25CM","PRÓPRIA","UNID",{"v":2,"d":"2.00"},"81,28",19.69,"100,97",201.94]
["1.2","PAVIMENTAÇÃO ",{"$nulls":7},{"v":53107.12,"d":"53,107.12"}]
["1.2.1","101169","EXECUÇÃO DE PAVIMENTO EM PARALELEPÍPEDOS, REJUNTAMENTO COM ARGAMASSA TRAÇO 1:3 (CIMENTO E AREIA). AF_05/2020","SINAPI","M2",398.35,"60,96",14.77,"75,73",{"v":30167.05,"d":"30,167.05"}]
["1.2.2","04.910.02","ASSENTAMENTO DE MEIO FIO GRANÍTICO ","PRÓPRIA","M",250.35,"27,84",6.75,"34,59",{"v":8659.61,"d":"8,659.61"}]
["1.2.3","04.910.02","ASSENTAMENTO DE MEIO FIO GRANÍTICO ","PRÓPRIA","M",{"v":5,"d":"5.00"},"27,84",6.75,"34,59",172.95]
["1.2.4","94993","EXECUÇÃO DE PASSEIO (CALÇADA) OU PISO DE CONCRETO COM CONCRETO MOLDADO IN LOCO, USINADO, ACABAMENTO CONVENCIONAL, ESPESSURA 6 CM, ARMADO. AF_07/2016","SINAPI","M2",82.31,"65,51",15.87,"81,38",{"v":6698.39,"d":"6,698.39"}]
["1.2.5","COMP-17702425","rampa de acessibilidade ( passeio 1,5M) (UN)","PRÓPRIA","un",{"v":4,"d":"4.00"},"750,94",181.95,"932,89",{"v":3731.56,"d":"3,731.56"}]
["1.2.6","S09418","Piso tátil direcional e/ou alerta, de concreto, na cor natural, p/deficientes visuais, dimensões 25x25cm, aplicado com argamassa industrializada ac-ii, rejuntado, exclusive regularização de base","ORSE","m2",30.83,"83,86",20.32,"104,18",{"v":3211.87,"d":"3,211.87"}]
["1.2.7","102498","PINTURA DE MEIO-FIO COM TINTA BRANCA A BASE DE CAL (CAIAÇÃO). AF_05/2021","SINAPI","M",155.32,"1,09",0.26,"1,35",209.68]
["1.2.8","5213570","Placa em aço - película I + I - fornecimento e implantação","SICRO NOVO","m²",0.68,"303,05",73.43,"376,48",256.01]
["1.3","DRENAGEM",{"$nulls":7},{"v":17767.55,"d":"17,767.55"}]
["1.3.1","99063","LOCAÇÃO DE REDE DE ÁGUA OU ESGOTO. AF_10/2018","SINAPI","M",26.29,"4,01",0.97,"4,98",130.92]
["1.3.2","90092","ESCAVAÇÃO MECANIZADA DE VALA COM PROF. MAIOR QUE 1,5 M E ATÉ 3,0 M(MÉDIA ENTRE MONTANTE E JUSANTE/UMA COMPOSIÇÃO POR TRECHO), COM ESCAVADEIRA HIDRÁULICA (0,8 M3/111 HP), LARG. MENOR QUE 1,5 M, EM SOLO DE 1A CATEGORIA, LOCAIS COM BAIXO NÍVEL DE INTERFERÊNCIA. AF_02/2021","SINAPI","M3",59.64,"3,72",{"v":0.9,"d":"0.90"},"4,62",275.54]
["1.3.3","101573","ESCORAMENTO DE VALA, TIPO PONTALETEAMENTO, COM PROFUNDIDADE DE 1,5 A 3,0 M, LARGURA MAIOR OU IGUAL A 1,5 M E MENOR QUE 2,5 M. AF_08/2020","SINAPI","M2",{"v":76.1,"d":"76.10"},"13,20",{"v":3.2,"d":"3.20"},"16,40",{"v":1248.04,"d":"1,248.04"}]
["1.3.4","COMP-97632275","COLCHÃO DE AREIA (M3)","PRÓPRIA","m3",5.24,"99,00",23.99,"122,99",644.47]
["1.3.5","92212","TUBO DE CONCRETO PARA REDES COLETORAS DE ÁGUAS PLUVIAIS, DIÂMETRO DE 600 MM, JUNTA RÍGIDA, INSTALADO EM LOCAL COM BAIXO NÍVEL DE INTERFERÊNCIAS - FORNECIMENTO E ASSENTAMENTO. AF_12/2015","SINAPI","M",23.29,"205,05",49.68,"254,73",{"v":5932.66,"d":"5,932.66"}]
["1.3.6","93360","REATERRO MECANIZADO DE VALA COM ESCAVADEIRA HIDRÁULICA (CAPACIDADE DA CAÇAMBA: 0,8 M³ / POTÊNCIA: 111 HP), LARGURA DE 1,5 A 2,5 M, PROFUNDIDADE ATÉ 1,5 M, COM SOLO DE 1ª CATEGORIA EM LOCAIS COM ALTO NÍVEL DE INTERFERÊNCIA. AF_04/2016","SINAPI","M3",35.94,"14,30",3.46,"17,76",638.29]
["1.3.7","COMP-19845271","BOCA DE LOBO EM ALVENARIA TIJOLO MACICO, REVESTIDA C/ ARGAMASSA DE CIMENTO E AREIA 1:3, SOBRE LASTRO DE CONCRETO 10CM E TAMPA DE CONCRETO ARMADO","PRÓPRIA","un",{"v":2,"d":"2.00"},"871,87",211.25,"1.083,12",{"v":2166.24,"d":"2,166.24"}]
["1.3.8","83716","GRELHA FF 30X100CM, COM ASSENTAMENTO DE ARGAMASSA CIMENTO/AREIA 1:4","SINAPI","UN",{"v":2,"d":"2.00"},"595,01",144.17,"739,18",{"v":1478.36,"d":"1,478.36"}]
["1.3.9","COMP-87246896","POÇO DE VISITA EM ALVENARIA TIJ. MACIÇOS * ESP.=20M ; DIM. INTERNO = 1,20X1,20X1,60M; LAJE SUPERIOR C. A. ESPESSURA DE =0,15M, INCLUSIVE TAMPÃO TD-600","PRÓPRIA","UN",{"v":1,"d":"1.00"},"2.953,97",715.75,"3.669,72",{"v":3669.72,"d":"3,669.72"}]
["1.3.10","102738","BOCA PARA BUEIRO SIMPLES TUBULAR D = 60 CM EM CONCRETO,  INCLUINDO FÔRMAS E MATERIAIS. AF_07/2021","SINAPI","UN",{"v":1,"d":"1.00"},"1.274,50",308.81,"1.583,31",{"v":1583.31,"d":"1,583.31"}]
["1.4","DIVERSOS",{"$nulls":7},163.32]
["1.4.1","COMP-51076047","LIMPEZA FINAL DA OBRA  ","PRÓPRIA","m2",398.35,"0,33",0.08,"0,41",163.32]
["2","RUA PROJETADA ll",{"$nulls":7},{"v":86120.75,"d":"86,120.75"}]
["2.1","SERVIÇOS PRELIMINARES",{"$nulls":7},401.34]
["2.1.1","COMP-48999838","SERVICOS TOPOGRAFICOS PARA PAVIMENTACAO, INCLUSIVE NOTA DE SERVICOS, ACOMPANHAMENTO E GREIDE","PRÓPRIA","M2",{"v":498.5,"d":"498.50"},"0,32",0.08,"0,40",{"v":199.4,"d":"199.40"}]
["2.1.2","COMP-69215843","PLACA ESMALTADA PARA IDENTIFICAÇÃO NR DE RUA, LOGRADOURO, 45X25CM","PRÓPRIA","UNID",{"v":2,"d":"2.00"},"81,28",19.69,"100,97",201.94]
["2.2","PAVIMENTAÇÃO ",{"$nulls":7},{"v":66493.01,"d":"66,493.01"}]
["2.2.1","101169","EXECUÇÃO DE PAVIMENTO EM PARALELEPÍPEDOS, REJUNTAMENTO COM ARGAMASSA TRAÇO 1:3 (CIMENTO E AREIA). AF_05/2020","SINAPI","M2",{"v":498.5,"d":"498.50"},"60,96",14.77,"75,73",{"v":37751.41,"d":"37,751.41"}]
["2.2.2","04.910.02","ASSENTAMENTO DE MEIO FIO GRANÍTICO ","PRÓPRIA","M",323.04,"27,84",6.75,"34,59",{"v":11173.95,"d":"11,173.95"}]
["2.2.3","04.910.02","ASSENTAMENTO DE MEIO FIO GRANÍTICO ","PRÓPRIA","M",{"v":5,"d":"5.00"},"27,84",6.75,"34,59",172.95]
["2.2.4","94993","EXECUÇÃO DE PASSEIO (CALÇADA) OU PISO DE CONCRETO COM CONCRETO MOLDADO IN LOCO, USINADO, ACABAMENTO CONVENCIONAL, ESPESSURA 6 CM, ARMADO. AF_07/2016","SINAPI","M2",111.18,"65,51",15.87,"81,38",{"v":9047.83,"d":"9,047.83"}]
["2.2.5","COMP-17702425","rampa de acessibilidade ( passeio 1,5M) (UN)","PRÓPRIA","un",{"v":4,"d":"4.00"},"750,94",181.95,"932,89",{"v":3731.56,"d":"3,731.56"}]
["2.2.6","S09418","Piso tátil direcional e/ou alerta, de concreto, na cor natural, p/deficientes visuais, dimensões 25x25cm, aplicado com argamassa industrializada ac-ii, rejuntado, exclusive regularização de base","ORSE","m2",39.31,"83,86",20.32,"104,18",{"v":4095.32,"d":"4,095.32"}]
["2.2.7","102498","PINTURA DE MEIO-FIO COM TINTA BRANCA A BASE DE CAL (CAIAÇÃO). AF_05/2021","SINAPI","M",195.54,"1,09",0.26,"1,35",263.98]
["2.2.8","5213570","Placa em aço - película I + I - fornecimento e implantação","SICRO NOVO","m²",0.68,"303,05",73.43,"376,48",256.01]
["2.3","DRENAGEM",{"$nulls":7},{"v":19022.01,"d":"19,022.01"}]
["2.3.1","99063","LOCAÇÃO DE REDE DE ÁGUA OU ESGOTO. AF_10/2018","SINAPI","M",35.07,"4,01",0.97,"4,98",174.65]
["2.3.2","90092","ESCAVAÇÃO MECANIZADA DE VALA COM PROF. MAIOR QUE 1,5 M E ATÉ 3,0 M(MÉDIA ENTRE MONTANTE E JUSANTE/UMA COMPOSIÇÃO POR TRECHO), COM ESCAVADEIRA HIDRÁULICA (0,8 M3/111 HP), LARG. MENOR QUE 1,5 M, EM SOLO DE 1A CATEGORIA, LOCAIS COM BAIXO NÍVEL DE INTERFERÊNCIA. AF_02/2021","SINAPI","M3",76.54,"3,72",{"v":0.9,"d":"0.90"},"4,62",353.61]
["2.3.3","101573","ESCORAMENTO DE VALA, TIPO PONTALETEAMENTO, COM PROFUNDIDADE DE 1,5 A 3,0 M, LARGURA MAIOR OU IGUAL A 1,5 M E MENOR QUE 2,5 M. AF_08/2020","SINAPI","M2",99.81,"13,20",{"v":3.2,"d":"3.20"},"16,40",{"v":1636.88,"d":"1,636.88"}]
["2.3.4","COMP-97632275","COLCHÃO DE AREIA (M3)","PRÓPRIA","m3",7.12,"99,00",23.99,"122,99",875.69]
["2.3.5","92212","TUBO DE CONCRETO PARA REDES COLETORAS DE ÁGUAS PLUVIAIS, DIÂMETRO DE 600 MM, JUNTA RÍGIDA, INSTALADO EM LOCAL COM BAIXO NÍVEL DE INTERFERÊNCIAS - FORNECIMENTO E ASSENTAMENTO. AF_12/2015","SINAPI","M",{"v":28.8,"d":"28.80"},"205,05",49.68,"254,73",{"v":7336.22,"d":"7,336.22"}]
["2.3.6","93360","REATERRO MECANIZADO DE VALA COM ESCAVADEIRA HIDRÁULICA (CAPACIDADE DA CAÇAMBA: 0,8 M³ / POTÊNCIA: 111 HP), LARGURA DE 1,5 A 2,5 M, PROFUNDIDADE ATÉ 1,5 M, COM SOLO DE 1ª CATEGORIA EM LOCAIS COM ALTO NÍVEL DE INTERFERÊNCIA. AF_04/2016","SINAPI","M3",48.78,"14,30",3.46,"17,76",866.33]
["2.3.7","COMP-19845271","BOCA DE LOBO EM ALVENARIA TIJOLO MACICO, REVESTIDA C/ ARGAMASSA DE CIMENTO E AREIA 1:3, SOBRE LASTRO DE CONCRETO 10CM E TAMPA DE CONCRETO ARMADO","PRÓPRIA","un",{"v":2,"d":"2.00"},"871,87",211.25,"1.083,12",{"v":2166.24,"d":"2,166.24"}]
["2.3.8","83716","GRELHA FF 30X100CM, COM ASSENTAMENTO DE ARGAMASSA CIMENTO/AREIA 1:4","SINAPI","UN",{"v":2,"d":"2.00"},"595,01",144.17,"739,18",{"v":1478.36,"d":"1,478.36"}]
["2.3.9","COMP-87246896","POÇO DE VISITA EM ALVENARIA TIJ. MACIÇOS * ESP.=20M ; DIM. INTERNO = 1,20X1,20X1,60M; LAJE SUPERIOR C. A. ESPESSURA DE =0,15M, INCLUSIVE TAMPÃO TD-600","PRÓPRIA","UN",{"v":1,"d":"1.00"},"2.953,97",715.75,"3.669,72",{"v":3669.72,"d":"3,669.72"}]
["2.3.10","92210","TUBO DE CONCRETO PARA REDES COLETORAS DE ÁGUAS PLUVIAIS, DIÂMETRO DE 400 MM, JUNTA RÍGIDA, INSTALADO EM LOCAL COM BAIXO NÍVEL DE INTERFERÊNCIAS - FORNECIMENTO E ASSENTAMENTO. AF_12/2015","SINAPI","M",3.27,"114,30",27.69,"141,99",464.31]
["2.4","DIVERSOS",{"$nulls":7},204.39]
["2.4.1","COMP-51076047","LIMPEZA FINAL DA OBRA ","PRÓPRIA","m2",{"v":498.5,"d":"498.50"},"0,33",0.08,"0,41",204.39]
["3","RUA PROJETADA lll",{"$nulls":7},{"v":118540.14,"d":"118,540.14"}]
["3.1","SERVIÇOS PRELIMINARES",{"$nulls":7},619.24]
["3.1.1","COMP-48999838","SERVICOS TOPOGRAFICOS PARA PAVIMENTACAO, INCLUSIVE NOTA DE SERVICOS, ACOMPANHAMENTO E GREIDE","PRÓPRIA","M2",790.82,"0,32",0.08,"0,40",316.33]
["3.1.2","COMP-69215843","PLACA ESMALTADA PARA IDENTIFICAÇÃO NR DE RUA, LOGRADOURO, 45X25CM","PRÓPRIA","UNID",{"v":3,"d":"3.00"},"81,28",19.69,"100,97",302.91]
["3.2","PAVIMENTAÇÃO ",{"$nulls":7},{"v":100789.93,"d":"100,789.93"}]
["3.2.1","101169","EXECUÇÃO DE PAVIMENTO EM PARALELEPÍPEDOS, REJUNTAMENTO COM ARGAMASSA TRAÇO 1:3 (CIMENTO E AREIA). AF_05/2020","SINAPI","M2",790.82,"60,96",14.77,"75,73",{"v":59888.8,"d":"59,888.80"}]
["3.2.2","04.910.02","ASSENTAMENTO DE MEIO FIO GRANÍTICO ","PRÓPRIA","M",371.23,"27,84",6.75,"34,59",{"v":12840.85,"d":"12,840.85"}]
["3.2.3","04.910.02","ASSENTAMENTO DE MEIO FIO GRANÍTICO ","PRÓPRIA","M",{"v":10,"d":"10.00"},"27,84",6.75,"34,59",{"v":345.9,"d":"345.90"}]
["3.2.4","94993","EXECUÇÃO DE PASSEIO (CALÇADA) OU PISO DE CONCRETO COM CONCRETO MOLDADO IN LOCO, USINADO, ACABAMENTO CONVENCIONAL, ESPESSURA 6 CM, ARMADO. AF_07/2016","SINAPI","M2",169.63,"65,51",15.87,"81,38",{"v":13804.49,"d":"13,804.49"}]
["3.2.5","COMP-17702425","rampa de acessibilidade ( passeio 1,5M) (UN)","PRÓPRIA","un",{"v":8,"d":"8.00"},"750,94",181.95,"932,89",{"v":7463.12,"d":"7,463.12"}]
["3.2.6","S09418","Piso tátil direcional e/ou alerta, de concreto, na cor natural, p/deficientes visuais, dimensões 25x25cm, aplicado com argamassa industrializada ac-ii, rejuntado, exclusive regularização de base","ORSE","m2",56.62,"83,86",20.32,"104,18",{"v":5898.67,"d":"5,898.67"}]
["3.2.7","102498","PINTURA DE MEIO-FIO COM TINTA BRANCA A BASE DE CAL (CAIAÇÃO). AF_05/2021","SINAPI","M",294.45,"1,09",0.26,"1,35",397.51]
["3.2.8","5213570","Placa em aço - película I + I - fornecimento e implantação","SICRO NOVO","m²",{"v":0.4,"d":"0.40"},"303,05",73.43,"376,48",150.59]
["3.3","DRENAGEM",{"$nulls":7},{"v":16806.73,"d":"16,806.73"}]
["3.3.1","99063","LOCAÇÃO DE REDE DE ÁGUA OU ESGOTO. AF_10/2018","SINAPI","M",21.37,"4,01",0.97,"4,98",106.42]
["3.3.2","90092","ESCAVAÇÃO MECANIZADA DE VALA COM PROF. MAIOR QUE 1,5 M E ATÉ 3,0 M(MÉDIA ENTRE MONTANTE E JUSANTE/UMA COMPOSIÇÃO POR TRECHO), COM ESCAVADEIRA HIDRÁULICA (0,8 M3/111 HP), LARG. MENOR QUE 1,5 M, EM SOLO DE 1A CATEGORIA, LOCAIS COM BAIXO NÍVEL DE INTERFERÊNCIA. AF_02/2021","SINAPI","M3",55.26,"3,72",{"v":0.9,"d":"0.90"},"4,62",{"v":255.3,"d":"255.30"}]
["3.3.3","101573","ESCORAMENTO DE VALA, TIPO PONTALETEAMENTO, COM PROFUNDIDADE DE 1,5 A 3,0 M, LARGURA MAIOR OU IGUAL A 1,5 M E MENOR QUE 2,5 M. AF_08/2020","SINAPI","M2",74.85,"13,20",{"v":3.2,"d":"3.20"},"16,40",{"v":1227.54,"d":"1,227.54"}]
["3.3.4","COMP-97632275","COLCHÃO DE AREIA (M3)","PRÓPRIA","m3",4.71,"99,00",23.99,"122,99",579.28]
["3.3.5","92212","TUBO DE CONCRETO PARA REDES COLETORAS DE ÁGUAS PLUVIAIS, DIÂMETRO DE 600 MM, JUNTA RÍGIDA, INSTALADO EM LOCAL COM BAIXO NÍVEL DE INTERFERÊNCIAS - FORNECIMENTO E ASSENTAMENTO. AF_12/2015","SINAPI","M",{"v":18.1,"d":"18.10"},"205,05",49.68,"254,73",{"v":4610.61,"d":"4,610.61"}]
["3.3.6","93360","REATERRO MECANIZADO DE VALA COM ESCAVADEIRA HIDRÁULICA (CAPACIDADE DA CAÇAMBA: 0,8 M³ / POTÊNCIA: 111 HP), LARGURA DE 1,5 A 2,5 M, PROFUNDIDADE ATÉ 1,5 M, COM SOLO DE 1ª CATEGORIA EM LOCAIS COM ALTO NÍVEL DE INTERFERÊNCIA. AF_04/2016","SINAPI","M3",37.48,"14,30",3.46,"17,76",665.64]
["3.3.7","COMP-19845271","BOCA DE LOBO EM ALVENARIA TIJOLO MACICO, REVESTIDA C/ ARGAMASSA DE CIMENTO E AREIA 1:3, SOBRE LASTRO DE CONCRETO 10CM E TAMPA DE CONCRETO ARMADO","PRÓPRIA","un",{"v":2,"d":"2.00"},"871,87",211.25,"1.083,12",{"v":2166.24,"d":"2,166.24"}]
["3.3.8","83716","GRELHA FF 30X100CM, COM ASSENTAMENTO DE ARGAMASSA CIMENTO/AREIA 1:4","SINAPI","UN",{"v":2,"d":"2.00"},"595,01",144.17,"739,18",{"v":1478.36,"d":"1,478.36"}]
["3.3.9","COMP-87246896","POÇO DE VISITA EM ALVENARIA TIJ. MACIÇOS * ESP.=20M ; DIM. INTERNO = 1,20X1,20X1,60M; LAJE SUPERIOR C. A. ESPESSURA DE =0,15M, INCLUSIVE TAMPÃO TD-600","PRÓPRIA","UN",{"v":1,"d":"1.00"},"2.953,97",715.75,"3.669,72",{"v":3669.72,"d":"3,669.72"}]
["3.3.10","92210","TUBO DE CONCRETO PARA REDES COLETORAS DE ÁGUAS PLUVIAIS, DIÂMETRO DE 400 MM, JUNTA RÍGIDA, INSTALADO EM LOCAL COM BAIXO NÍVEL DE INTERFERÊNCIAS - FORNECIMENTO E ASSENTAMENTO. AF_12/2015","SINAPI","M",3.27,"114,30",27.69,"141,99",464.31]
["3.3.11","102738","BOCA PARA BUEIRO SIMPLES TUBULAR D = 60 CM EM CONCRETO,  INCLUINDO FÔRMAS E MATERIAIS. AF_07/2021","SINAPI","UN",{"v":1,"d":"1.00"},"1.274,50",308.81,"1.583,31",{"v":1583.31,"d":"1,583.31"}]
["3.4","DIVERSOS",{"$nulls":7},324.24]
["3.4.1","COMP-51076047","LIMPEZA FINAL DA OBRA ","PRÓPRIA","m2",790.82,"0,33",0.08,"0,41",324.24]
["4","RUA PROJETADA lV",{"$nulls":7},{"v":88627.71,"d":"88,627.71"}]
["4.1","SERVIÇOS PRELIMINARES",{"$nulls":7},466.16]
["4.1.1","COMP-48999838","SERVICOS TOPOGRAFICOS PARA PAVIMENTACAO, INCLUSIVE NOTA DE SERVICOS, ACOMPANHAMENTO E GREIDE","PRÓPRIA","M2",660.55,"0,32",0.08,"0,40",264.22]
["4.1.2","COMP-69215843","PLACA ESMALTADA PARA IDENTIFICAÇÃO NR DE RUA, LOGRADOURO, 45X25CM","PRÓPRIA","UNID",{"v":2,"d":"2.00"},"81,28",19.69,"100,97",201.94]
["4.2","PAVIMENTAÇÃO ",{"$nulls":7},{"v":87890.72,"d":"87,890.72"}]
["4.2.1","101169","EXECUÇÃO DE PAVIMENTO EM PARALELEPÍPEDOS, REJUNTAMENTO COM ARGAMASSA TRAÇO 1:3 (CIMENTO E AREIA). AF_05/2020","SINAPI","M2",660.55,"60,96",14.77,"75,73",{"v":50023.45,"d":"50,023.45"}]
["4.2.2","04.910.02","ASSENTAMENTO DE MEIO FIO GRANÍTICO ","PRÓPRIA","M",411.99,"27,84",6.75,"34,59",{"v":14250.73,"d":"14,250.73"}]
["4.2.3","94993","EXECUÇÃO DE PASSEIO (CALÇADA) OU PISO DE CONCRETO COM CONCRETO MOLDADO IN LOCO, USINADO, ACABAMENTO CONVENCIONAL, ESPESSURA 6 CM, ARMADO. AF_07/2016","SINAPI","M2",164.56,"65,51",15.87,"81,38",{"v":13391.89,"d":"13,391.89"}]
["4.2.4","COMP-17702425","rampa de acessibilidade ( passeio 1,5M) (UN)","PRÓPRIA","un",{"v":4,"d":"4.00"},"750,94",181.95,"932,89",{"v":3731.56,"d":"3,731.56"}]
["4.2.5","S09418","Piso tátil direcional e/ou alerta, de concreto, na cor natural, p/deficientes visuais, dimensões 25x25cm, aplicado com argamassa industrializada ac-ii, rejuntado, exclusive regularização de base","ORSE","m2",58.86,"83,86",20.32,"104,18",{"v":6132.03,"d":"6,132.03"}]
["4.2.6","102498","PINTURA DE MEIO-FIO COM TINTA BRANCA A BASE DE CAL (CAIAÇÃO). AF_05/2021","SINAPI","M",267.45,"1,09",0.26,"1,35",361.06]
["4.3","DIVERSOS",{"$nulls":7},270.83]
["4.3.1","COMP-51076047","LIMPEZA FINAL DA OBRA ","PRÓPRIA","m2",660.55,"0,33",0.08,"0,41",270.83]
["5","RUA PROJETADA V",{"$nulls":7},{"v":81659.89,"d":"81,659.89"}]
["5.1","SERVIÇOS PRELIMINARES",{"$nulls":7},357.32]
["5.1.1","COMP-48999838","SERVICOS TOPOGRAFICOS PARA PAVIMENTACAO, INCLUSIVE NOTA DE SERVICOS, ACOMPANHAMENTO E GREIDE","PRÓPRIA","M2",388.45,"0,32",0.08,"0,40",155.38]
["5.1.2","COMP-69215843","PLACA ESMALTADA PARA IDENTIFICAÇÃO NR DE RUA, LOGRADOURO, 45X25CM","PRÓPRIA","UNID",{"v":2,"d":"2.00"},"81,28",19.69,"100,97",201.94]
["5.2","PAVIMENTAÇÃO ",{"$nulls":7},{"v":49355.55,"d":"49,355.55"}]
["5.2.1","101169","EXECUÇÃO DE PAVIMENTO EM PARALELEPÍPEDOS, REJUNTAMENTO COM ARGAMASSA TRAÇO 1:3 (CIMENTO E AREIA). AF_05/2020","SINAPI","M2",388.45,"60,96",14.77,"75,73",{"v":29417.32,"d":"29,417.32"}]
["5.2.2","04.910.02","ASSENTAMENTO DE MEIO FIO GRANÍTICO ","PRÓPRIA","M",171.08,"27,84",6.75,"34,59",{"v":5917.66,"d":"5,917.66"}]
["5.2.3","04.910.02","ASSENTAMENTO DE MEIO FIO GRANÍTICO ","PRÓPRIA","M",{"v":10,"d":"10.00"},"27,84",6.75,"34,59",{"v":345.9,"d":"345.90"}]
["5.2.4","94993","EXECUÇÃO DE PASSEIO (CALÇADA) OU PISO DE CONCRETO COM CONCRETO MOLDADO IN LOCO, USINADO, ACABAMENTO CONVENCIONAL, ESPESSURA 6 CM, ARMADO. AF_07/2016","SINAPI","M2",83.66,"65,51",15.87,"81,38",{"v":6808.25,"d":"6,808.25"}]
["5.2.5","COMP-17702425","rampa de acessibilidade ( passeio 1,5M) (UN)","PRÓPRIA","un",{"v":4,"d":"4.00"},"750,94",181.95,"932,89",{"v":3731.56,"d":"3,731.56"}]
["5.2.6","S09418","Piso tátil direcional e/ou alerta, de concreto, na cor natural, p/deficientes visuais, dimensões 25x25cm, aplicado com argamassa industrializada ac-ii, rejuntado, exclusive regularização de base","ORSE","m2",28.22,"83,86",20.32,"104,18",{"v":2939.96,"d":"2,939.96"}]
["5.2.7","102498","PINTURA DE MEIO-FIO COM TINTA BRANCA A BASE DE CAL (CAIAÇÃO). AF_05/2021","SINAPI","M",144.37,"1,09",0.26,"1,35",{"v":194.9,"d":"194.90"}]
["5.3","DRENAGEM",{"$nulls":7},{"v":31787.76,"d":"31,787.76"}]
["5.3.1","99063","LOCAÇÃO DE REDE DE ÁGUA OU ESGOTO. AF_10/2018","SINAPI","M",38.92,"4,01",0.97,"4,98",193.82]
["5.3.2","90092","ESCAVAÇÃO MECANIZADA DE VALA COM PROF. MAIOR QUE 1,5 M E ATÉ 3,0 M(MÉDIA ENTRE MONTANTE E JUSANTE/UMA COMPOSIÇÃO POR TRECHO), COM ESCAVADEIRA HIDRÁULICA (0,8 M3/111 HP), LARG. MENOR QUE 1,5 M, EM SOLO DE 1A CATEGORIA, LOCAIS COM BAIXO NÍVEL DE INTERFERÊNCIA. AF_02/2021","SINAPI","M3",98.85,"3,72",{"v":0.9,"d":"0.90"},"4,62",456.69]
["5.3.3","101573","ESCORAMENTO DE VALA, TIPO PONTALETEAMENTO, COM PROFUNDIDADE DE 1,5 A 3,0 M, LARGURA MAIOR OU IGUAL A 1,5 M E MENOR QUE 2,5 M. AF_08/2020","SINAPI","M2",{"v":139.6,"d":"139.60"},"13,20",{"v":3.2,"d":"3.20"},"16,40",{"v":2289.44,"d":"2,289.44"}]
["5.3.4","COMP-97632275","COLCHÃO DE AREIA (M3)","PRÓPRIA","m3",8.45,"99,00",23.99,"122,99",{"v":1039.27,"d":"1,039.27"}]
["5.3.5","92212","TUBO DE CONCRETO PARA REDES COLETORAS DE ÁGUAS PLUVIAIS, DIÂMETRO DE 600 MM, JUNTA RÍGIDA, INSTALADO EM LOCAL COM BAIXO NÍVEL DE INTERFERÊNCIAS - FORNECIMENTO E ASSENTAMENTO. AF_12/2015","SINAPI","M",28.53,"205,05",49.68,"254,73",{"v":7267.45,"d":"7,267.45"}]
["5.3.6","93360","REATERRO MECANIZADO DE VALA COM ESCAVADEIRA HIDRÁULICA (CAPACIDADE DA CAÇAMBA: 0,8 M³ / POTÊNCIA: 111 HP), LARGURA DE 1,5 A 2,5 M, PROFUNDIDADE ATÉ 1,5 M, COM SOLO DE 1ª CATEGORIA EM LOCAIS COM ALTO NÍVEL DE INTERFERÊNCIA. AF_04/2016","SINAPI","M3",71.54,"14,30",3.46,"17,76",{"v":1270.55,"d":"1,270.55"}]
["5.3.7","COMP-19845271","BOCA DE LOBO EM ALVENARIA TIJOLO MACICO, REVESTIDA C/ ARGAMASSA DE CIMENTO E AREIA 1:3, SOBRE LASTRO DE CONCRETO 10CM E TAMPA DE CONCRETO ARMADO","PRÓPRIA","un",{"v":4,"d":"4.00"},"871,87",211.25,"1.083,12",{"v":4332.48,"d":"4,332.48"}]
["5.3.8","83716","GRELHA FF 30X100CM, COM ASSENTAMENTO DE ARGAMASSA CIMENTO/AREIA 1:4","SINAPI","UN",{"v":4,"d":"4.00"},"595,01",144.17,"739,18",{"v":2956.72,"d":"2,956.72"}]
["5.3.9","COMP-87246896","POÇO DE VISITA EM ALVENARIA TIJ. MACIÇOS * ESP.=20M ; DIM. INTERNO = 1,20X1,20X1,60M; LAJE SUPERIOR C. A. ESPESSURA DE =0,15M, INCLUSIVE TAMPÃO TD-600","PRÓPRIA","UN",{"v":2,"d":"2.00"},"2.953,97",715.75,"3.669,72",{"v":7339.44,"d":"7,339.44"}]
["5.3.10","92210","TUBO DE CONCRETO PARA REDES COLETORAS DE ÁGUAS PLUVIAIS, DIÂMETRO DE 400 MM, JUNTA RÍGIDA, INSTALADO EM LOCAL COM BAIXO NÍVEL DE INTERFERÊNCIAS - FORNECIMENTO E ASSENTAMENTO. AF_12/2015","SINAPI","M",10.39,"114,30",27.69,"141,99",{"v":1475.28,"d":"1,475.28"}]
["5.3.11","102738","BOCA PARA BUEIRO SIMPLES TUBULAR D = 60 CM EM CONCRETO,  INCLUINDO FÔRMAS E MATERIAIS. AF_07/2021","SINAPI","UN",{"v":2,"d":"2.00"},"1.274,50",308.81,"1.583,31",{"v":3166.62,"d":"3,166.62"}]
["5.4","DIVERSOS",{"$nulls":7},159.26]
["5.4.1","COMP-51076047","LIMPEZA FINAL DA OBRA ","PRÓPRIA","m2",388.45,"0,33",0.08,"0,41",159.26]
["6","TRAVESSA PEDRO HORONATO ( TRECHO 3)",{"$nulls":7},{"v":187674.46,"d":"187,674.46"}]
["6.1","SERVIÇOS PRELIMINARES",{"$nulls":7},{"v":678.7,"d":"678.70"}]
["6.1.1","COMP-48999838","SERVICOS TOPOGRAFICOS PARA PAVIMENTACAO, INCLUSIVE NOTA DE SERVICOS, ACOMPANHAMENTO E GREIDE","PRÓPRIA","M2",{"v":1191.91,"d":"1,191.91"},"0,32",0.08,"0,40",476.76]
["6.1.2","COMP-69215843","PLACA ESMALTADA PARA IDENTIFICAÇÃO NR DE RUA, LOGRADOURO, 45X25CM","PRÓPRIA","UNID",{"v":2,"d":"2.00"},"81,28",19.69,"100,97",201.94]
["6.2","PAVIMENTAÇÃO ",{"$nulls":7},{"v":152080.86,"d":"152,080.86"}]
["6.2.1","101169","EXECUÇÃO DE PAVIMENTO EM PARALELEPÍPEDOS, REJUNTAMENTO COM ARGAMASSA TRAÇO 1:3 (CIMENTO E AREIA). AF_05/2020","SINAPI","M2",{"v":1191.91,"d":"1,191.91"},"60,96",14.77,"75,73",{"v":90263.34,"d":"90,263.34"}]
["6.2.2","04.910.02","ASSENTAMENTO DE MEIO FIO GRANÍTICO ","PRÓPRIA","M",674.31,"27,84",6.75,"34,59",{"v":23324.38,"d":"23,324.38"}]
["6.2.3","04.910.02","ASSENTAMENTO DE MEIO FIO GRANÍTICO ","PRÓPRIA","M",{"v":6.5,"d":"6.50"},"27,84",6.75,"34,59",224.84]
["6.2.4","94993","EXECUÇÃO DE PASSEIO (CALÇADA) OU PISO DE CONCRETO COM CONCRETO MOLDADO IN LOCO, USINADO, ACABAMENTO CONVENCIONAL, ESPESSURA 6 CM, ARMADO. AF_07/2016","SINAPI","M2",276.75,"65,51",15.87,"81,38",{"v":22521.92,"d":"22,521.92"}]
["6.2.5","COMP-00473759","rampa de acessibilidade ( passeio 1,25M) (UN)","PRÓPRIA","un",{"v":6,"d":"6.00"},"899,19",217.87,"1.117,06",{"v":6702.36,"d":"6,702.36"}]
["6.2.6","S09418","Piso tátil direcional e/ou alerta, de concreto, na cor natural, p/deficientes visuais, dimensões 25x25cm, aplicado com argamassa industrializada ac-ii, rejuntado, exclusive regularização de base","ORSE","m2",79.44,"83,86",20.32,"104,18",{"v":8276.06,"d":"8,276.06"}]
["6.2.7","102498","PINTURA DE MEIO-FIO COM TINTA BRANCA A BASE DE CAL (CAIAÇÃO). AF_05/2021","SINAPI","M",366.74,"1,09",0.26,"1,35",{"v":495.1,"d":"495.10"}]
["6.2.8","5213570","Placa em aço - película I + I - fornecimento e implantação","SICRO NOVO","m²",0.68,"323,00",78.26,"401,26",272.86]
["6.3","DRENAGEM",{"$nulls":7},{"v":34426.22,"d":"34,426.22"}]
["6.3.1","99063","LOCAÇÃO DE REDE DE ÁGUA OU ESGOTO. AF_10/2018","SINAPI","M",49.82,"4,01",0.97,"4,98",{"v":248.1,"d":"248.10"}]
["6.3.2","90092","ESCAVAÇÃO MECANIZADA DE VALA COM PROF. MAIOR QUE 1,5 M E ATÉ 3,0 M(MÉDIA ENTRE MONTANTE E JUSANTE/UMA COMPOSIÇÃO POR TRECHO), COM ESCAVADEIRA HIDRÁULICA (0,8 M3/111 HP), LARG. MENOR QUE 1,5 M, EM SOLO DE 1A CATEGORIA, LOCAIS COM BAIXO NÍVEL DE INTERFERÊNCIA. AF_02/2021","SINAPI","M3",{"v":0,"d":"0.00"},"3,72",{"v":0.9,"d":"0.90"},"4,62",{"v":0,"d":"0.00"}]
["6.3.3","101573","ESCORAMENTO DE VALA, TIPO PONTALETEAMENTO, COM PROFUNDIDADE DE 1,5 A 3,0 M, LARGURA MAIOR OU IGUAL A 1,5 M E MENOR QUE 2,5 M. AF_08/2020","SINAPI","M2",{"v":169.1,"d":"169.10"},"13,20",{"v":3.2,"d":"3.20"},"16,40",{"v":2773.24,"d":"2,773.24"}]
["6.3.4","COMP-97632275","COLCHÃO DE AREIA (M3)","PRÓPRIA","m3",10.71,"99,00",23.99,"122,99",{"v":1317.22,"d":"1,317.22"}]
["6.3.5","92212","TUBO DE CONCRETO PARA REDES COLETORAS DE ÁGUAS PLUVIAIS, DIÂMETRO DE 600 MM, JUNTA RÍGIDA, INSTALADO EM LOCAL COM BAIXO NÍVEL DE INTERFERÊNCIAS - FORNECIMENTO E ASSENTAMENTO. AF_12/2015","SINAPI","M",33.17,"205,05",49.68,"254,73",{"v":8449.39,"d":"8,449.39"}]
["6.3.6","93360","REATERRO MECANIZADO DE VALA COM ESCAVADEIRA HIDRÁULICA (CAPACIDADE DA CAÇAMBA: 0,8 M³ / POTÊNCIA: 111 HP), LARGURA DE 1,5 A 2,5 M, PROFUNDIDADE ATÉ 1,5 M, COM SOLO DE 1ª CATEGORIA EM LOCAIS COM ALTO NÍVEL DE INTERFERÊNCIA. AF_04/2016","SINAPI","M3",83.27,"14,30",3.46,"17,76",{"v":1478.88,"d":"1,478.88"}]
["6.3.7","COMP-19845271","BOCA DE LOBO EM ALVENARIA TIJOLO MACICO, REVESTIDA C/ ARGAMASSA DE CIMENTO E AREIA 1:3, SOBRE LASTRO DE CONCRETO 10CM E TAMPA DE CONCRETO ARMADO","PRÓPRIA","un",{"v":4,"d":"4.00"},"871,87",211.25,"1.083,12",{"v":4332.48,"d":"4,332.48"}]
["6.3.8","83716","GRELHA FF 30X100CM, COM ASSENTAMENTO DE ARGAMASSA CIMENTO/AREIA 1:4","SINAPI","UN",{"v":4,"d":"4.00"},"595,01",144.17,"739,18",{"v":2956.72,"d":"2,956.72"}]
["6.3.9","COMP-87246896","POÇO DE VISITA EM ALVENARIA TIJ. MACIÇOS * ESP.=20M ; DIM. INTERNO = 1,20X1,20X1,60M; LAJE SUPERIOR C. A. ESPESSURA DE =0,15M, INCLUSIVE TAMPÃO TD-600","PRÓPRIA","UN",{"v":2,"d":"2.00"},"2.953,97",715.75,"3.669,72",{"v":7339.44,"d":"7,339.44"}]
["6.3.10","92210","TUBO DE CONCRETO PARA REDES COLETORAS DE ÁGUAS PLUVIAIS, DIÂMETRO DE 400 MM, JUNTA RÍGIDA, INSTALADO EM LOCAL COM BAIXO NÍVEL DE INTERFERÊNCIAS - FORNECIMENTO E ASSENTAMENTO. AF_12/2015","SINAPI","M",16.65,"114,30",27.69,"141,99",{"v":2364.13,"d":"2,364.13"}]
["6.3.11","102738","BOCA PARA BUEIRO SIMPLES TUBULAR D = 60 CM EM CONCRETO,  INCLUINDO FÔRMAS E MATERIAIS. AF_07/2021","SINAPI","UN",{"v":2,"d":"2.00"},"1.274,50",308.81,"1.583,31",{"v":3166.62,"d":"3,166.62"}]
["6.4","DIVERSOS",{"$nulls":7},488.68]
["6.4.1","COMP-51076047","LIMPEZA FINAL DA OBRA ","PRÓPRIA","m2",{"v":1191.91,"d":"1,191.91"},"0,33",0.08,"0,41",488.68]
[{"$nulls":7},"VALOR BDI TOTAL:",null,{"v":124311.15,"d":"124,311.15"}]
[{"$nulls":7},"VALOR ORÇAMENTO:",null,{"v":513017.47,"d":"513,017.47"}]
[{"$nulls":7},"VALOR TOTAL:",null,{"v":637328.62,"d":"637,328.62"}]

{"sheet":"RESUMO","index":1,"n_rows":35,"n_cols":5,"rows_kept":35,"merged":[[0,0,2,4],[3,1,3,2],[4,1,4,2],[5,1,5,2],[6,1,6,2],[7,1,7,2],[8,1,8,2],[9,1,9,2],[10,1,10,2],[11,1,11,2],[12,1,12,2],[13,1,13,2],[14,1,14,2],[15,1,15,2],[16,1,16,2],[17,1,17,2],[18,1,18,2],[19,1,19,2],[20,1,20,2],[21,1,21,2],[22,1,22,2],[23,1,23,2],[24,1,24,2],[25,1,25,2],[26,1,26,2],[27,1,27,2],[28,1,28,2],[29,1,29,2],[30,1,30,2],[31,1,31,2]]}
[]
[]
[]
["1","RUA PROJETADA l",null,{"v":74705.67,"d":"74,705.67"},{"v":11.72168762796185,"d":"11.72"}]
["1.1","SERVIÇOS PRELIMINARES",null,{"v":3667.68,"d":"3,667.68"},{"v":0.5754770592288795,"d":"0.58"}]
["1.2","PAVIMENTAÇÃO ",null,{"v":53107.12,"d":"53,107.12"},{"v":8.332768737107711,"d":"8.33"}]
["1.3","DRENAGEM",null,{"v":17767.55,"d":"17,767.55"},{"v":2.7878161191003787,"d":"2.79"}]
["1.4","DIVERSOS",null,163.32,{"v":0.025625712524882376,"d":"0.03"}]
["2","RUA PROJETADA ll",null,{"v":86120.75,"d":"86,120.75"},{"v":13.512769911384177,"d":"13.51"}]
["2.1","SERVIÇOS PRELIMINARES",null,401.34,{"v":0.06297222302679581,"d":"0.06"}]
["2.2","PAVIMENTAÇÃO ",null,{"v":66493.01,"d":"66,493.01"},{"v":10.433080817867554,"d":"10.43"}]
["2.3","DRENAGEM",null,{"v":19022.01,"d":"19,022.01"},{"v":2.984647072651468,"d":"2.98"}]
["2.4","DIVERSOS",null,204.39,{"v":0.03206979783835849,"d":"0.03"}]
["3","RUA PROJETADA lll",null,{"v":118540.14,"d":"118,540.14"},{"v":18.599531902395974,"d":"18.60"}]
["3.1","SERVIÇOS PRELIMINARES",null,619.24,{"v":0.09716180641628804,"d":"0.10"}]
["3.2","PAVIMENTAÇÃO ",null,{"v":100789.93,"d":"100,789.93"},{"v":15.814436514713556,"d":"15.81"}]
["3.3","DRENAGEM",null,{"v":16806.73,"d":"16,806.73"},{"v":2.63705872803892,"d":"2.64"}]
["3.4","DIVERSOS",null,324.24,{"v":0.050874853227209534,"d":"0.05"}]
["4","RUA PROJETADA lV",null,{"v":88627.71,"d":"88,627.71"},{"v":13.90612428483127,"d":"13.91"}]
["4.1","SERVIÇOS PRELIMINARES",null,466.16,{"v":0.07314280033430791,"d":"0.07"}]
["4.2","PAVIMENTAÇÃO ",null,{"v":87890.72,"d":"87,890.72"},{"v":13.790486923370866,"d":"13.79"}]
["4.3","DIVERSOS",null,270.83,{"v":0.042494561126095357,"d":"0.04"}]
["5","RUA PROJETADA V",null,{"v":81659.89,"d":"81,659.89"},{"v":12.81283900289932,"d":"12.81"}]
["5.1","SERVIÇOS PRELIMINARES",null,357.32,{"v":0.056065268181428915,"d":"0.06"}]
["5.2","PAVIMENTAÇÃO ",null,{"v":49355.55,"d":"49,355.55"},{"v":7.744128923631266,"d":"7.74"}]
["5.3","DRENAGEM",null,{"v":31787.76,"d":"31,787.76"},{"v":4.9876561325615665,"d":"4.99"}]
["5.4","DIVERSOS",null,159.26,{"v":0.024988678525059805,"d":"0.02"}]
["6","TRAVESSA PEDRO HORONATO ( TRECHO 3)",null,{"v":187674.46,"d":"187,674.46"},{"v":29.44704727052741,"d":"29.45"}]
["6.1","SERVIÇOS PRELIMINARES",null,{"v":678.7,"d":"678.70"},{"v":0.1064913733200935,"d":"0.11"}]
["6.2","PAVIMENTAÇÃO ",null,{"v":152080.86,"d":"152,080.86"},{"v":23.862236094151864,"d":"23.86"}]
["6.3","DRENAGEM",null,{"v":34426.22,"d":"34,426.22"},{"v":5.401643503786163,"d":"5.40"}]
["6.4","DIVERSOS",null,488.68,{"v":0.07667629926928435,"d":"0.08"}]
[null,null,"VALOR BDI TOTAL:",{"v":124311.15,"d":"124,311.15"},{"v":100,"d":"100.00"}]
[null,null,"VALOR ORÇAMENTO:",{"v":513017.47,"d":"513,017.47"}]
[null,null,"VALOR TOTAL:",{"v":637328.62,"d":"637,328.62"}]

{"sheet":"COMPOSICOES","index":2,"n_rows":1371,"n_cols":7,"rows_kept":1371,"merged":[[0,0,0,6],[1,2,1,3],[2,0,2,6],[3,0,3,1],[5,4,5,5],[6,0,6,1],[9,4,9,5],[10,4,10,5],[11,2,11,3],[12,0,12,6],[13,0,13,1],[19,4,19,5],[20,4,20,5],[21,2,21,3],[22,0,22,6],[23,0,23,1],[25,4,25,5],[26,0,26,1],[29,4,29,5],[30,4,30,5],[31,2,31,3],[32,0,32,6],[33,0,33,1],[36,4,36,5],[37,0,37,1],[43,4,43,5],[44,4,44,5],[45,2,45,3],[46,0,46,6],[47,0,47,1],[49,4,49,5],[50,0,50,1],[53,4,53,5],[54,4,54,5],[55,2,55,3],[56,0,56,6],[57,0,57,1],[59,4,59,5],[60,0,60,1],[63,4,63,5],[64,4,64,5],[65,2,65,3],[66,0,66,6],[67,0,67,1],[72,4,72,5],[73,0,73,1],[77,4,77,5],[78,4,78,5],[79,2,79,3],[80,0,80,6],[81,0,81,1],[83,4,83,5],[84,0,84,1],[89,4,89,5],[90,4,90,5],[91,2,91,3],[92,0,92,6],[93,0,93,1],[96,4,96,5],[97,0,97,1],[101,4,101,5],[102,0,102,1],[105,4,105,5],[106,4,106,5],[107,2,107,3],[108,0,108,6],[109,0,109,1],[111,4,111,5],[112,0,112,1],[115,4,115,5],[116,4,116,5],[117,2,117,3],[118,0,118,6],[119,0,119,1],[122,4,122,5],[123,0,123,1],[126,4,126,5],[127,0,127,1],[129,4,129,5],[130,4,130,5],[131,2,131,3],[132,0,132,6],[133,0,133,1],[135,4,135,5],[136,4,136,5],[137,2,137,3],[138,0,138,6],[139,0,139,1],[143,4,143,5],[144,4,144,5],[145,2,145,3],[146,0,146,6],[147,0,147,1],[151,4,151,5],[152,0,152,1],[155,4,155,5],[156,4,156,5],[157,2,157,3],[158,0,158,6],[159,0,159,1],[161,4,161,5],[162,0,162,1],[164,4,164,5],[165,4,165,5],[166,2,166,3],[167,0,167,6],[168,0,168,1],[170,4,170,5],[171,0,171,1],[177,4,177,5],[178,4,178,5],[179,2,179,3],[180,0,180,6],[181,0,181,1],[188,4,188,5],[189,4,189,5],[190,2,190,3],[191,0,191,6],[192,0,192,1],[203,4,203,5],[204,0,204,1],[209,4,209,5],[210,4,210,5],[211,2,211,3],[212,0,212,6],[213,0,213,1],[215,4,215,5],[216,0,216,1],[220,4,220,5],[221,4,221,5],[222,2,222,3],[223,0,223,6],[224,0,224,1],[227,4,227,5],[228,0,228,1],[233,4,233,5],[234,4,234,5],[235,2,235,3],[236,0,236,6],[237,0,237,1],[246,4,246,5],[247,4,247,5],[248,2,248,3],[249,0,249,6],[250,0,250,1],[252,4,252,5],[253,0,253,1],[255,4,255,5],[256,4,256,5],[257,2,257,3],[258,0,258,6],[259,0,259,1],[265,4,265,5],[266,4,266,5],[267,2,267,3],[268,0,268,6],[269,0,269,1],[271,4,271,5],[272,0,272,1],[275,4,275,5],[276,4,276,5],[277,2,277,3],[278,0,278,6],[279,0,279,1],[282,4,282,5],[283,0,283,1],[289,4,289,5],[290,4,290,5],[291,2,291,3],[292,0,292,6],[293,0,293,1],[295,4,295,5],[296,0,296,1],[299,4,299,5],[300,4,300,5],[301,2,301,3],[302,0,302,6],[303,0,303,1],[305,4,305,5],[306,0,306,1],[309,4,309,5],[310,4,310,5],[311,2,311,3],[312,0,312,6],[313,0,313,1],[318,4,318,5],[319,0,319,1],[323,4,323,5],[324,4,324,5],[325,2,325,3],[326,0,326,6],[327,0,327,1],[329,4,329,5],[330,0,330,1],[335,4,335,5],[336,4,336,5],[337,2,337,3],[338,0,338,6],[339,0,339,1],[342,4,342,5],[343,0,343,1],[347,4,347,5],[348,0,348,1],[351,4,351,5],[352,4,352,5],[353,2,353,3],[354,0,354,6],[355,0,355,1],[357,4,357,5],[358,0,358,1],[361,4,361,5],[362,4,362,5],[363,2,363,3],[364,0,364,6],[365,0,365,1],[368,4,368,5],[369,0,369,1],[372,4,372,5],[373,0,373,1],[375,4,375,5],[376,4,376,5],[377,2,377,3],[378,0,378,6],[379,0,379,1],[381,4,381,5],[382,4,382,5],[383,2,383,3],[384,0,384,6],[385,0,385,1],[389,4,389,5],[390,4,390,5],[391,2,391,3],[392,0,392,6],[393,0,393,1],[397,4,397,5],[398,0,398,1],[401,4,401,5],[402,4,402,5],[403,2,403,3],[404,0,404,6],[405,0,405,1],[407,4,407,5],[408,0,408,1],[410,4,410,5],[411,4,411,5],[412,2,412,3],[413,0,413,6],[414,0,414,1],[416,4,416,5],[417,0,417,1],[423,4,423,5],[424,4,424,5],[425,2,425,3],[426,0,426,6],[427,0,427,1],[434,4,434,5],[435,4,435,5],[436,2,436,3],[437,0,437,6],[438,0,438,1],[449,4,449,5],[450,0,450,1],[455,4,455,5],[456,4,456,5],[457,2,457,3],[458,0,458,6],[459,0,459,1],[461,4,461,5],[462,0,462,1],[466,4,466,5],[467,4,467,5],[468,2,468,3],[469,0,469,6],[470,0,470,1],[473,4,473,5],[474,0,474,1],[479,4,479,5],[480,4,480,5],[481,2,481,3],[482,0,482,6],[483,0,483,1],[485,4,485,5],[486,0,486,1],[492,4,492,5],[493,4,493,5],[494,2,494,3],[495,0,495,6],[496,0,496,1],[498,4,498,5],[499,0,499,1],[501,4,501,5],[502,4,502,5],[503,2,503,3],[504,0,504,6],[505,0,505,1],[511,4,511,5],[512,4,512,5],[513,2,513,3],[514,0,514,6],[515,0,515,1],[517,4,517,5],[518,0,518,1],[521,4,521,5],[522,4,522,5],[523,2,523,3],[524,0,524,6],[525,0,525,1],[528,4,528,5],[529,0,529,1],[535,4,535,5],[536,4,536,5],[537,2,537,3],[538,0,538,6],[539,0,539,1],[541,4,541,5],[542,0,542,1],[545,4,545,5],[546,4,546,5],[547,2,547,3],[548,0,548,6],[549,0,549,1],[551,4,551,5],[552,0,552,1],[555,4,555,5],[556,4,556,5],[557,2,557,3],[558,0,558,6],[559,0,559,1],[564,4,564,5],[565,0,565,1],[569,4,569,5],[570,4,570,5],[571,2,571,3],[572,0,572,6],[573,0,573,1],[575,4,575,5],[576,0,576,1],[581,4,581,5],[582,4,582,5],[583,2,583,3],[584,0,584,6],[585,0,585,1],[588,4,588,5],[589,0,589,1],[593,4,593,5],[594,0,594,1],[597,4,597,5],[598,4,598,5],[599,2,599,3],[600,0,600,6],[601,0,601,1],[603,4,603,5],[604,0,604,1],[607,4,607,5],[608,4,608,5],[609,2,609,3],[610,0,610,6],[611,0,611,1],[614,4,614,5],[615,0,615,1],[618,4,618,5],[619,0,619,1],[621,4,621,5],[622,4,622,5],[623,2,623,3],[624,0,624,6],[625,0,625,1],[627,4,627,5],[628,4,628,5],[629,2,629,3],[630,0,630,6],[631,0,631,1],[635,4,635,5],[636,4,636,5],[637,2,637,3],[638,0,638,6],[639,0,639,1],[643,4,643,5],[644,0,644,1],[647,4,647,5],[648,4,648,5],[649,2,649,3],[650,0,650,6],[651,0,651,1],[653,4,653,5],[654,0,654,1],[656,4,656,5],[657,4,657,5],[658,2,658,3],[659,0,659,6],[660,0,660,1],[662,4,662,5],[663,0,663,1],[669,4,669,5],[670,4,670,5],[671,2,671,3],[672,0,672,6],[673,0,673,1],[680,4,680,5],[681,4,681,5],[682,2,682,3],[683,0,683,6],[684,0,684,1],[695,4,695,5],[696,0,696,1],[701,4,701,5],[702,4,702,5],[703,2,703,3],[704,0,704,6],[705,0,705,1],[707,4,707,5],[708,0,708,1],[712,4,712,5],[713,4,713,5],[714,2,714,3],[715,0,715,6],[716,0,716,1],[719,4,719,5],[720,0,720,1],[725,4,725,5],[726,4,726,5],[727,2,727,3],[728,0,728,6],[729,0,729,1],[731,4,731,5],[732,0,732,1],[738,4,738,5],[739,4,739,5],[740,2,740,3],[741,0,741,6],[742,0,742,1],[751,4,751,5],[752,4,752,5],[753,2,753,3],[754,0,754,6],[755,0,755,1],[757,4,757,5],[758,0,758,1],[760,4,760,5],[761,4,761,5],[762,2,762,3],[763,0,763,6],[764,0,764,1],[770,4,770,5],[771,4,771,5],[772,2,772,3],[773,0,773,6],[774,0,774,1],[776,4,776,5],[777,0,777,1],[780,4,780,5],[781,4,781,5],[782,2,782,3],[783,0,783,6],[784,0,784,1],[787,4,787,5],[788,0,788,1],[794,4,794,5],[795,4,795,5],[796,2,796,3],[797,0,797,6],[798,0,798,1],[800,4,800,5],[801,0,801,1],[804,4,804,5],[805,4,805,5],[806,2,806,3],[807,0,807,6],[808,0,808,1],[813,4,813,5],[814,0,814,1],[818,4,818,5],[819,4,819,5],[820,2,820,3],[821,0,821,6],[822,0,822,1],[824,4,824,5],[825,0,825,1],[830,4,830,5],[831,4,831,5],[832,2,832,3],[833,0,833,6],[834,0,834,1],[837,4,837,5],[838,0,838,1],[842,4,842,5],[843,0,843,1],[846,4,846,5],[847,4,847,5],[848,2,848,3],[849,0,849,6],[850,0,850,1],[852,4,852,5],[853,0,853,1],[856,4,856,5],[857,4,857,5],[858,2,858,3],[859,0,859,6],[860,0,860,1],[862,4,862,5],[863,0,863,1],[865,4,865,5],[866,4,866,5],[867,2,867,3],[868,0,868,6],[869,0,869,1],[875,4,875,5],[876,4,876,5],[877,2,877,3],[878,0,878,6],[879,0,879,1],[881,4,881,5],[882,0,882,1],[885,4,885,5],[886,4,886,5],[887,2,887,3],[888,0,888,6],[889,0,889,1],[892,4,892,5],[893,0,893,1],[899,4,899,5],[900,4,900,5],[901,2,901,3],[902,0,902,6],[903,0,903,1],[905,4,905,5],[906,0,906,1],[909,4,909,5],[910,4,910,5],[911,2,911,3],[912,0,912,6],[913,0,913,1],[915,4,915,5],[916,0,916,1],[919,4,919,5],[920,4,920,5],[921,2,921,3],[922,0,922,6],[923,0,923,1],[928,4,928,5],[929,0,929,1],[933,4,933,5],[934,4,934,5],[935,2,935,3],[936,0,936,6],[937,0,937,1],[939,4,939,5],[940,0,940,1],[945,4,945,5],[946,4,946,5],[947,2,947,3],[948,0,948,6],[949,0,949,1],[952,4,952,5],[953,0,953,1],[957,4,957,5],[958,0,958,1],[961,4,961,5],[962,4,962,5],[963,2,963,3],[964,0,964,6],[965,0,965,1],[967,4,967,5],[968,0,968,1],[971,4,971,5],[972,4,972,5],[973,2,973,3],[974,0,974,6],[975,0,975,1],[977,4,977,5],[978,4,978,5],[979,2,979,3],[980,0,980,6],[981,0,981,1],[985,4,985,5],[986,4,986,5],[987,2,987,3],[988,0,988,6],[989,0,989,1],[993,4,993,5],[994,0,994,1],[997,4,997,5],[998,4,998,5],[999,2,999,3],[1000,0,1000,6],[1001,0,1001,1],[1003,4,1003,5],[1004,0,1004,1],[1006,4,1006,5],[1007,4,1007,5],[1008,2,1008,3],[1009,0,1009,6],[1010,0,1010,1],[1012,4,1012,5],[1013,0,1013,1],[1019,4,1019,5],[1020,4,1020,5],[1021,2,1021,3],[1022,0,1022,6],[1023,0,1023,1],[1030,4,1030,5],[1031,4,1031,5],[1032,2,1032,3],[1033,0,1033,6],[1034,0,1034,1],[1045,4,1045,5],[1046,0,1046,1],[1051,4,1051,5],[1052,4,1052,5],[1053,2,1053,3],[1054,0,1054,6],[1055,0,1055,1],[1057,4,1057,5],[1058,0,1058,1],[1062,4,1062,5],[1063,4,1063,5],[1064,2,1064,3],[1065,0,1065,6],[1066,0,1066,1],[1069,4,1069,5],[1070,0,1070,1],[1075,4,1075,5],[1076,4,1076,5],[1077,2,1077,3],[1078,0,1078,6],[1079,0,1079,1],[1081,4,1081,5],[1082,0,1082,1],[1088,4,1088,5],[1089,4,1089,5],[1090,2,1090,3],[1091,0,1091,6],[1092,0,1092,1],[1101,4,1101,5],[1102,4,1102,5],[1103,2,1103,3],[1104,0,1104,6],[1105,0,1105,1],[1107,4,1107,5],[1108,0,1108,1],[1110,4,1110,5],[1111,4,1111,5],[1112,2,1112,3],[1113,0,1113,6],[1114,0,1114,1],[1120,4,1120,5],[1121,4,1121,5],[1122,2,1122,3],[1123,0,1123,6],[1124,0,1124,1],[1126,4,1126,5],[1127,0,1127,1],[1130,4,1130,5],[1131,4,1131,5],[1132,2,1132,3],[1133,0,1133,6],[1134,0,1134,1],[1137,4,1137,5],[1138,0,1138,1],[1144,4,1144,5],[1145,4,1145,5],[1146,2,1146,3],[1147,0,1147,6],[1148,0,1148,1],[1150,4,1150,5],[1151,0,1151,1],[1154,4,1154,5],[1155,4,1155,5],[1156,2,1156,3],[1157,0,1157,6],[1158,0,1158,1],[1160,4,1160,5],[1161,0,1161,1],[1164,4,1164,5],[1165,4,1165,5],[1166,2,1166,3],[1167,0,1167,6],[1168,0,1168,1],[1173,4,1173,5],[1174,0,1174,1],[1178,4,1178,5],[1179,4,1179,5],[1180,2,1180,3],[1181,0,1181,6],[1182,0,1182,1],[1184,4,1184,5],[1185,0,1185,1],[1190,4,1190,5],[1191,4,1191,5],[1192,2,1192,3],[1193,0,1193,6],[1194,0,1194,1],[1197,4,1197,5],[1198,0,1198,1],[1202,4,1202,5],[1203,0,1203,1],[1206,4,1206,5],[1207,4,1207,5],[1208,2,1208,3],[1209,0,1209,6],[1210,0,1210,1],[1212,4,1212,5],[1213,0,1213,1],[1216,4,1216,5],[1217,4,1217,5],[1218,2,1218,3],[1219,0,1219,6],[1220,0,1220,1],[1223,4,1223,5],[1224,0,1224,1],[1227,4,1227,5],[1228,0,1228,1],[1230,4,1230,5],[1231,4,1231,5],[1232,2,1232,3],[1233,0,1233,6],[1234,0,1234,1],[1236,4,1236,5],[1237,4,1237,5],[1238,2,1238,3],[1239,0,1239,6],[1240,0,1240,1],[1244,4,1244,5],[1245,4,1245,5],[1246,2,1246,3],[1247,0,1247,6],[1248,0,1248,1],[1252,4,1252,5],[1253,0,1253,1],[1256,4,1256,5],[1257,4,1257,5],[1258,2,1258,3],[1259,0,1259,6],[1260,0,1260,1],[1262,4,1262,5],[1263,0,1263,1],[1265,4,1265,5],[1266,4,1266,5],[1267,2,1267,3],[1268,0,1268,6],[1269,0,1269,1],[1271,4,1271,5],[1272,0,1272,1],[1278,4,1278,5],[1279,4,1279,5],[1280,2,1280,3],[1281,0,1281,6],[1282,0,1282,1],[1289,4,1289,5],[1290,4,1290,5],[1291,2,1291,3],[1292,0,1292,6],[1293,0,1293,1],[1304,4,1304,5],[1305,0,1305,1],[1310,4,1310,5],[1311,4,1311,5],[1312,2,1312,3],[1313,0,1313,6],[1314,0,1314,1],[1316,4,1316,5],[1317,0,1317,1],[1321,4,1321,5],[1322,4,1322,5],[1323,2,1323,3],[1324,0,1324,6],[1325,0,1325,1],[1328,4,1328,5],[1329,0,1329,1],[1334,4,1334,5],[1335,4,1335,5],[1336,2,1336,3],[1337,0,1337,6],[1338,0,1338,1],[1340,4,1340,5],[1341,0,1341,1],[1347,4,1347,5],[1348,4,1348,5],[1349,2,1349,3],[1350,0,1350,6],[1351,0,1351,1],[1360,4,1360,5],[1361,4,1361,5],[1362,2,1362,3],[1363,0,1363,6],[1364,0,1364,1],[1366,4,1366,5],[1367,0,1367,1],[1369,4,1369,5],[1370,4,1370,5]]}
[]
[null,null,""]
["1.1.1. COMP-45621063 - PLACA DE OBRA EM CHAPA DE AÇO GALVANIZADO. (M2)"]
["MATERIAL",null,"FONTE","UNID","COEFICIENTE","PREÇO UNITÁRIO","TOTAL"]
["I01776","Placa de obra em chapa galvanizada 26","ORSE","m2",1.13279308,258.27,292.57]
[{"$nulls":4},"TOTAL MATERIAL:",null,292.57]
["SERVICO",null,"FONTE","UNID","COEFICIENTE","PREÇO UNITÁRIO","TOTAL"]
["88309","PEDREIRO COM ENCARGOS COMPLEMENTARES","SINAPI","H",1.13279308,19.82,22.45]
["88316","SERVENTE COM ENCARGOS COMPLEMENTARES","SINAPI","H",1.13279308,{"v":15.6,"d":"15.60"},17.67]
[{"$nulls":4},"TOTAL SERVICO:",null,40.12]
[{"$nulls":4},"VALOR:",null,332.69]
[null,null,""]
["1.1.2. COMP-48999838 - SERVICOS TOPOGRAFICOS PARA PAVIMENTACAO, INCLUSIVE NOTA DE SERVICOS, ACOMPANHAMENTO E GREIDE (M2)"]
["SERVICO",null,"FONTE","UNID","COEFICIENTE","PREÇO UNITÁRIO","TOTAL"]
["88253","AUXILIAR DE TOPÓGRAFO COM ENCARGOS COMPLEMENTARES","SINAPI","H",0.00229144,12.03,0.03]
["92145","CAMINHONETE CABINE SIMPLES COM MOTOR 1.6 FLEX, CÂMBIO MANUAL, POTÊNCIA 101/104 CV, 2 PORTAS - CHP DIURNO. AF_11/2015","SINAPI","CHP",0.00229144,61.04,0.14]
["88597","DESENHISTA DETALHISTA COM ENCARGOS COMPLEMENTARES","SINAPI","H",0.00229144,36.13,0.08]
["88288","NIVELADOR COM ENCARGOS COMPLEMENTARES","SINAPI","H",0.00229144,14.85,0.03]
["88316","SERVENTE COM ENCARGOS COMPLEMENTARES","SINAPI","H",0.00229144,{"v":15.6,"d":"15.60"},0.04]
[{"$nulls":4},"TOTAL SERVICO:",null,0.32]
[{"$nulls":4},"VALOR:",null,0.32]
[null,null,""]
["1.1.3. COMP-69215843 - PLACA ESMALTADA PARA IDENTIFICAÇÃO NR DE RUA, LOGRADOURO, 45X25CM (UNID)"]
["MATERIAL",null,"FONTE","UNID","COEFICIENTE","PREÇO UNITÁRIO","TOTAL"]
["00013521","PLACA DE ACO ESMALTADA PARA  IDENTIFICACAO DE RUA, *45 CM X 20* CM","SINAPI","UN",{"v":1,"d":"1.00000000"},74.25,74.25]
[{"$nulls":4},"TOTAL MATERIAL:",null,74.25]
["SERVICO",null,"FONTE","UNID","COEFICIENTE","PREÇO UNITÁRIO","TOTAL"]
["88309","PEDREIRO COM ENCARGOS COMPLEMENTARES","SINAPI","H",0.19896054,19.82,3.94]
["88316","SERVENTE COM ENCARGOS COMPLEMENTARES","SINAPI","H",0.19831951,{"v":15.6,"d":"15.60"},3.09]
[{"$nulls":4},"TOTAL SERVICO:",null,7.03]
[{"$nulls":4},"VALOR:",null,81.28]
[null,null,""]
["1.2.1. 101169 - EXECUÇÃO DE PAVIMENTO EM PARALELEPÍPEDOS, REJUNTAMENTO COM ARGAMASSA TRAÇO 1:3 (CIMENTO E AREIA). AF_05/2020 (M2)"]
["MATERIAL",null,"FONTE","UNID","COEFICIENTE","PREÇO UNITÁRIO","TOTAL"]
["00000367","AREIA GROSSA - POSTO JAZIDA/FORNECEDOR (RETIRADO NA JAZIDA, SEM TRANSPORTE)","SINAPI","M3",0.10395572,{"v":84,"d":"84.00"},8.73]
["00004385","PARALELEPIPEDO GRANITICO OU BASALTICO, PARA PAVIMENTACAO, SEM FRETE (VARIACAO REGIONAL DE PECAS POR M2)","SINAPI","MIL",0.03009244,881.67,26.53]
[{"$nulls":4},"TOTAL MATERIAL:",null,35.26]
["SERVICO",null,"FONTE","UNID","COEFICIENTE","PREÇO UNITÁRIO","TOTAL"]
["88628","ARGAMASSA TRAÇO 1:3 (EM VOLUME DE CIMENTO E AREIA MÉDIA ÚMIDA), PREPARO MECÂNICO COM BETONEIRA 400 L. AF_08/2019","SINAPI","M3",{"v":0.0186026,"d":"0.01860260"},{"v":403,"d":"403.00"},7.49]
["88260","CALCETEIRO COM ENCARGOS COMPLEMENTARES","SINAPI","H",0.36667188,19.71,7.22]
["5685","ROLO COMPACTADOR VIBRATÓRIO DE UM CILINDRO AÇO LISO, POTÊNCIA 80 HP, PESO OPERACIONAL MÁXIMO 8,1 T, IMPACTO DINÂMICO 16,15 / 9,5 T, LARGURA DE TRABALHO 1,68 M - CHI DIURNO. AF_06/2014","SINAPI","CHI",{"v":0.1193667,"d":"0.11936670"},41.63,4.96]
["5684","ROLO COMPACTADOR VIBRATÓRIO DE UM CILINDRO AÇO LISO, POTÊNCIA 80 HP, PESO OPERACIONAL MÁXIMO 8,1 T, IMPACTO DINÂMICO 16,15 / 9,5 T, LARGURA DE TRABALHO 1,68 M - CHP DIURNO. AF_06/2014","SINAPI","CHP",{"v":2.82686E-3,"d":"0.00282686"},111.02,0.31]
["88316","SERVENTE COM ENCARGOS COMPLEMENTARES","SINAPI","H",0.36667188,{"v":15.6,"d":"15.60"},5.72]
[{"$nulls":4},"TOTAL SERVICO:",null,{"v":25.7,"d":"25.70"}]
[{"$nulls":4},"VALOR:",null,60.96]
[null,null,""]
["1.2.2. 04.910.02 - ASSENTAMENTO DE MEIO FIO GRANÍTICO  (M)"]
["GERAL",null,"FONTE","UNID","COEFICIENTE","PREÇO UNITÁRIO","TOTAL"]
["COMP-65017280","FORN. E APLICAÇÃO DE MEIO FIO EM PEDRA GRANILÍTICA","PRÓPRIA","M",0.17865623,71.29,12.74]
[{"$nulls":4},"TOTAL GERAL:",null,12.74]
["MATERIAL",null,"FONTE","UNID","COEFICIENTE","PREÇO UNITÁRIO","TOTAL"]
["00000367","AREIA GROSSA - POSTO JAZIDA/FORNECEDOR (RETIRADO NA JAZIDA, SEM TRANSPORTE)","SINAPI","M3",0.17853718,{"v":84,"d":"84.00"},{"v":15,"d":"15.00"}]
["00001379","CIMENTO PORTLAND COMPOSTO CP II-32","SINAPI","KG",0.17865623,0.54,{"v":0.1,"d":"0.10"}]
[{"$nulls":4},"TOTAL MATERIAL:",null,{"v":15.1,"d":"15.10"}]
[{"$nulls":4},"VALOR:",null,27.84]
[null,null,""]
["1.2.3. 04.910.02 - ASSENTAMENTO DE MEIO FIO GRANÍTICO  (M)"]
["GERAL",null,"FONTE","UNID","COEFICIENTE","PREÇO UNITÁRIO","TOTAL"]
["COMP-65017280","FORN. E APLICAÇÃO DE MEIO FIO EM PEDRA GRANILÍTICA","PRÓPRIA","M",0.17865623,71.29,12.74]
[{"$nulls":4},"TOTAL GERAL:",null,12.74]
["MATERIAL",null,"FONTE","UNID","COEFICIENTE","PREÇO UNITÁRIO","TOTAL"]
["00000367","AREIA GROSSA - POSTO JAZIDA/FORNECEDOR (RETIRADO NA JAZIDA, SEM TRANSPORTE)","SINAPI","M3",0.17853718,{"v":84,"d":"84.00"},{"v":15,"d":"15.00"}]
["00001379","CIMENTO PORTLAND COMPOSTO CP II-32","SINAPI","KG",0.17865623,0.54,{"v":0.1,"d":"0.10"}]
[{"$nulls":4},"TOTAL MATERIAL:",null,{"v":15.1,"d":"15.10"}]
[{"$nulls":4},"VALOR:",null,27.84]
[null,null,""]
["1.2.4. 94993 - EXECUÇÃO DE PASSEIO (CALÇADA) OU PISO DE CONCRETO COM CONCRETO MOLDADO IN LOCO, USINADO, ACABAMENTO CONVENCIONAL, ESPESSURA 6 CM, ARMADO. AF_07/2016 (M2)"]
["MATERIAL",null,"FONTE","UNID","COEFICIENTE","PREÇO UNITÁRIO","TOTAL"]
["00034492","CONCRETO USINADO BOMBEAVEL, CLASSE DE RESISTENCIA C20, COM BRITA 0 E 1, SLUMP = 100 +/- 20 MM, EXCLUI SERVICO DE BOMBEAMENTO (NBR 8953)","SINAPI","M3",0.06880121,{"v":310,"d":"310.00"},21.32]
["00003777","LONA PLASTICA PESADA PRETA, E = 150 MICRA","SINAPI","M2",1.06554116,1.38,1.47]
["00004517","SARRAFO *2,5 X 7,5* CM EM PINUS, MISTA OU EQUIVALENTE DA REGIAO - BRUTA","SINAPI","M",0.42508291,4.58,1.94]
["00007156","TELA DE ACO SOLDADA NERVURADA, CA-60, Q-196, (3,11 KG/M2), DIAMETRO DO FIO = 5,0 MM, LARGURA = 2,45 M, ESPACAMENTO DA MALHA = 10 X 10 CM","SINAPI","M2",1.06025124,30.51,32.34]
[{"$nulls":4},"TOTAL MATERIAL:",null,57.07]
["SERVICO",null,"FONTE","UNID","COEFICIENTE","PREÇO UNITÁRIO","TOTAL"]
["88262","CARPINTEIRO DE FORMAS COM ENCARGOS COMPLEMENTARES","SINAPI","H",0.12790272,19.61,{"v":2.5,"d":"2.50"}]
["88309","PEDREIRO COM ENCARGOS COMPLEMENTARES","SINAPI","H",0.11174957,19.82,2.21]
["88316","SERVENTE COM ENCARGOS COMPLEMENTARES","SINAPI","H",0.23965229,{"v":15.6,"d":"15.60"},3.73]
[{"$nulls":4},"TOTAL SERVICO:",null,8.44]
[{"$nulls":4},"VALOR:",null,65.51]
[null,null,""]
["1.2.5. COMP-17702425 - rampa de acessibilidade ( passeio 1,5M) (UN) (un)"]
["MATERIAL",null,"FONTE","UNID","COEFICIENTE","PREÇO UNITÁRIO","TOTAL"]
["00007348","TINTA ACRILICA PREMIUM PARA PISO","SINAPI","L",{"v":3.6701041,"d":"3.67010410"},{"v":11.7,"d":"11.70"},42.94]
[{"$nulls":4},"TOTAL MATERIAL:",null,42.94]
["SERVICO",null,"FONTE","UNID","COEFICIENTE","PREÇO UNITÁRIO","TOTAL"]
["95241","LASTRO DE CONCRETO MAGRO, APLICADO EM PISOS, LAJES SOBRE SOLO OU RADIERS, ESPESSURA DE 5 CM. AF_07/2016","SINAPI","M2",{"v":3.6701041,"d":"3.67010410"},23.29,85.48]
["88309","PEDREIRO COM ENCARGOS COMPLEMENTARES","SINAPI","H",{"v":3.6701041,"d":"3.67010410"},19.82,72.74]
["101094","PISO PODOTÁTIL, DIRECIONAL OU ALERTA, ASSENTADO SOBRE ARGAMASSA. AF_05/2020","SINAPI","M",{"v":3.6701041,"d":"3.67010410"},{"v":134.2,"d":"134.20"},492.53]
["88316","SERVENTE COM ENCARGOS COMPLEMENTARES","SINAPI","H",{"v":3.6701041,"d":"3.67010410"},{"v":15.6,"d":"15.60"},57.25]
[{"$nulls":4},"TOTAL SERVICO:",null,{"v":708,"d":"708.00"}]
[{"$nulls":4},"VALOR:",null,750.94]
[null,null,""]
["1.2.6. S09418 - Piso tátil direcional e/ou alerta, de concreto, na cor natural, p/deficientes visuais, dimensões 25x25cm, aplicado com argamassa industrializada ac-ii, rejuntado, exclusive regularização de base (m2)"]
["MAO DE OBRA",null,"FONTE","UNID","COEFICIENTE","PREÇO UNITÁRIO","TOTAL"]
["I04750S","Pedreiro","ORSE","h",0.50554819,13.99,7.07]
["I06111S","Servente de obras","ORSE","h",1.21331564,10.55,{"v":12.8,"d":"12.80"}]
[{"$nulls":4},"TOTAL MAO DE OBRA:",null,19.87]
["MATERIAL",null,"FONTE","UNID","COEFICIENTE","PREÇO UNITÁRIO","TOTAL"]
["I02684","Argamassa industrializada Votomassa AC-II, ou similar","ORSE","kg",4.04438548,1.09,4.41]
["I09758","Piso tátil direcional e/ou alerta, de concreto, na cor natural, dim 25x25 cm  - para deficiente visual","ORSE","m2",1.06165119,48.69,51.69]
["I02540","Rejunte colorido flexivel  para revestimentos cerâmicos","ORSE","kg",0.52577011,{"v":3.5,"d":"3.50"},1.84]
[{"$nulls":4},"TOTAL MATERIAL:",null,57.94]
["SERVICO",null,"FONTE","UNID","COEFICIENTE","PREÇO UNITÁRIO","TOTAL"]
["S10550","Encargos Complementares - Pedreiro","ORSE","h",0.50554819,3.46,1.75]
["S10549","Encargos Complementares - Servente","ORSE","h",1.21331564,3.54,{"v":4.3,"d":"4.30"}]
[{"$nulls":4},"TOTAL SERVICO:",null,6.05]
[{"$nulls":4},"VALOR:",null,83.86]
[null,null,""]
["1.2.7. 102498 - PINTURA DE MEIO-FIO COM TINTA BRANCA A BASE DE CAL (CAIAÇÃO). AF_05/2021 (M)"]
["MATERIAL",null,"FONTE","UNID","COEFICIENTE","PREÇO UNITÁRIO","TOTAL"]
["00011161","CAL HIDRATADA PARA PINTURA","SINAPI","KG",0.10503636,0.92,0.09]
[{"$nulls":4},"TOTAL MATERIAL:",null,0.09]
["SERVICO",null,"FONTE","UNID","COEFICIENTE","PREÇO UNITÁRIO","TOTAL"]
["88310","PINTOR COM ENCARGOS COMPLEMENTARES","SINAPI","H",0.03666363,20.82,0.76]
["88316","SERVENTE COM ENCARGOS COMPLEMENTARES","SINAPI","H",0.01585454,{"v":15.6,"d":"15.60"},0.24]
[{"$nulls":4},"TOTAL SERVICO:",null,{"v":1,"d":"1.00"}]
[{"$nulls":4},"VALOR:",null,1.09]
[null,null,""]
["1.2.8. 5213570 - Placa em aço - película I + I - fornecimento e implantação (m²)"]
["EQUIPAMENTO",null,"FONTE","UNID","COEFICIENTE","PREÇO UNITÁRIO","TOTAL"]
["E9687","Caminhão carroceria com capacidade de 5 t - 115 kW","SICRO NOVO","UN",0.21954866,{"v":0,"d":"0.0000"},{"v":0,"d":"0.0000"}]
["E9687","Caminhão carroceria com capacidade de 5 t - 115 kW","SICRO NOVO","UN",0.09409229,{"v":0,"d":"0.0000"},{"v":0,"d":"0.0000"}]
[{"$nulls":4},"TOTAL EQUIPAMENTO:",null,{"v":0,"d":"0.0000"}]
["MAO DE OBRA",null,"FONTE","UNID","COEFICIENTE","PREÇO UNITÁRIO","TOTAL"]
["P9830","Montador","SICRO NOVO","h",0.31364095,24.8247,7.7846]
["P9824","Servente","SICRO NOVO","h",0.62728191,16.4619,10.3251]
[{"$nulls":4},"TOTAL MAO DE OBRA:",null,18.1097]
["SERVICO",null,"FONTE","UNID","COEFICIENTE","PREÇO UNITÁRIO","TOTAL"]
["5213416","Placa em aço nº 16 galvanizado com película retrorrefletiva tipo I + I - confecção","SICRO NOVO","m²",0.94092286,{"v":302.83,"d":"302.8300"},284.9397]
[{"$nulls":4},"TOTAL SERVICO:",null,284.9397]
[{"$nulls":4},"VALOR:",null,{"v":303.05,"d":"303.0500"}]
[null,null,""]
["1.3.1. 99063 - LOCAÇÃO DE REDE DE ÁGUA OU ESGOTO. AF_10/2018 (M)"]
["SERVICO",null,"FONTE","UNID","COEFICIENTE","PREÇO UNITÁRIO","TOTAL"]
["99061","LOCAÇÃO COM CAVALETE COM ALTURA DE 0,50 M - 2 UTILIZAÇÕES. AF_10/2018","SINAPI","UN",0.04920849,81.49,{"v":4,"d":"4.00"}]
[{"$nulls":4},"TOTAL SERVICO:",null,{"v":4,"d":"4.00"}]
[{"$nulls":4},"VALOR:",null,4.01]
[null,null,""]
["1.3.2. 90092 - ESCAVAÇÃO MECANIZADA DE VALA COM PROF. MAIOR QUE 1,5 M E ATÉ 3,0 M(MÉDIA ENTRE MONTANTE E JUSANTE/UMA COMPOSIÇÃO POR TRECHO), COM ESCAVADEIRA HIDRÁULICA (0,8 M3/111 HP), LARG. MENOR QUE 1,5 M, EM SOLO DE 1A CATEGORIA, LOCAIS COM BAIXO NÍVEL DE INTERFERÊNCIA. AF_02/2021 (M3)"]
["SERVICO",null,"FONTE","UNID","COEFICIENTE","PREÇO UNITÁRIO","TOTAL"]
["5632","ESCAVADEIRA HIDRÁULICA SOBRE ESTEIRAS, CAÇAMBA 0,80 M3, PESO OPERACIONAL 17 T, POTENCIA BRUTA 111 HP - CHI DIURNO. AF_06/2014","SINAPI","CHI",0.01709189,55.42,0.94]
["5631","ESCAVADEIRA HIDRÁULICA SOBRE ESTEIRAS, CAÇAMBA 0,80 M3, PESO OPERACIONAL 17 T, POTENCIA BRUTA 111 HP - CHP DIURNO. AF_06/2014","SINAPI","CHP",0.01572088,144.56,2.27]
["88316","SERVENTE COM ENCARGOS COMPLEMENTARES","SINAPI","H",0.03281277,{"v":15.6,"d":"15.60"},0.51]
[{"$nulls":4},"TOTAL SERVICO:",null,3.72]
[{"$nulls":4},"VALOR:",null,3.72]
[null,null,""]
["1.3.3. 101573 - ESCORAMENTO DE VALA, TIPO PONTALETEAMENTO, COM PROFUNDIDADE DE 1,5 A 3,0 M, LARGURA MAIOR OU IGUAL A 1,5 M E MENOR QUE 2,5 M. AF_08/2020 (M2)"]
["MATERIAL",null,"FONTE","UNID","COEFICIENTE","PREÇO UNITÁRIO","TOTAL"]
["00021138","MOURAO ROLICO DE MADEIRA TRATADA, D = 8 A 11 CM, H = 2,20 M, EM EUCALIPTO OU EQUIVALENTE DA REGIAO (PARA CERCA)","SINAPI","M",0.07393089,7.13,0.52]
["00005061","PREGO DE ACO POLIDO COM CABECA 18 X 27 (2 1/2 X 10)","SINAPI","KG",0.00698314,22.33,0.15]
["00006189","TABUA NAO APARELHADA *2,5 X 30* CM, EM MACARANDUBA, ANGELIM OU EQUIVALENTE DA REGIAO - BRUTA","SINAPI","M",0.12941309,19.28,2.49]
[{"$nulls":4},"TOTAL MATERIAL:",null,3.16]
["SERVICO",null,"FONTE","UNID","COEFICIENTE","PREÇO UNITÁRIO","TOTAL"]
["88262","CARPINTEIRO DE FORMAS COM ENCARGOS COMPLEMENTARES","SINAPI","H",0.38211242,19.61,7.49]
["88316","SERVENTE COM ENCARGOS COMPLEMENTARES","SINAPI","H",0.16379164,{"v":15.6,"d":"15.60"},2.55]
[{"$nulls":4},"TOTAL SERVICO:",null,10.04]
[{"$nulls":4},"VALOR:",null,{"v":13.2,"d":"13.20"}]
[null,null,""]
["1.3.4. COMP-97632275 - COLCHÃO DE AREIA (M3) (m3)"]
["MATERIAL",null,"FONTE","UNID","COEFICIENTE","PREÇO UNITÁRIO","TOTAL"]
["00000366","AREIA FINA - POSTO JAZIDA/FORNECEDOR (RETIRADO NA JAZIDA, SEM TRANSPORTE)","SINAPI","M3",1.03556485,{"v":80,"d":"80.00"},82.85]
[{"$nulls":4},"TOTAL MATERIAL:",null,82.85]
["SERVICO",null,"FONTE","UNID","COEFICIENTE","PREÇO UNITÁRIO","TOTAL"]
["88316","SERVENTE COM ENCARGOS COMPLEMENTARES","SINAPI","H",1.03556485,{"v":15.6,"d":"15.60"},16.15]
[{"$nulls":4},"TOTAL SERVICO:",null,16.15]
[{"$nulls":4},"VALOR:",null,{"v":99,"d":"99.00"}]
[null,null,""]
["1.3.5. 92212 - TUBO DE CONCRETO PARA REDES COLETORAS DE ÁGUAS PLUVIAIS, DIÂMETRO DE 600 MM, JUNTA RÍGIDA, INSTALADO EM LOCAL COM BAIXO NÍVEL DE INTERFERÊNCIAS - FORNECIMENTO E ASSENTAMENTO. AF_12/2015 (M)"]
["MATERIAL",null,"FONTE","UNID","COEFICIENTE","PREÇO UNITÁRIO","TOTAL"]
["00007725","TUBO DE CONCRETO ARMADO PARA AGUAS PLUVIAIS, CLASSE PA-1, COM ENCAIXE PONTA E BOLSA, DIAMETRO NOMINAL DE = 600 MM","SINAPI","M",0.93295122,168.89,157.56]
[{"$nulls":4},"TOTAL MATERIAL:",null,157.56]
["SERVICO",null,"FONTE","UNID","COEFICIENTE","PREÇO UNITÁRIO","TOTAL"]
["88629","ARGAMASSA TRAÇO 1:3 (EM VOLUME DE CIMENTO E AREIA MÉDIA ÚMIDA), PREPARO MANUAL. AF_08/2019","SINAPI","M3",0.00452888,485.43,2.19]
["88246","ASSENTADOR DE TUBOS COM ENCARGOS COMPLEMENTARES","SINAPI","H",0.44654849,14.66,6.54]
["5632","ESCAVADEIRA HIDRÁULICA SOBRE ESTEIRAS, CAÇAMBA 0,80 M3, PESO OPERACIONAL 17 T, POTENCIA BRUTA 111 HP - CHI DIURNO. AF_06/2014","SINAPI","CHI",0.20017691,55.42,11.09]
["5631","ESCAVADEIRA HIDRÁULICA SOBRE ESTEIRAS, CAÇAMBA 0,80 M3, PESO OPERACIONAL 17 T, POTENCIA BRUTA 111 HP - CHP DIURNO. AF_06/2014","SINAPI","CHP",0.09510667,144.56,13.74]
["88316","SERVENTE COM ENCARGOS COMPLEMENTARES","SINAPI","H",0.89309699,{"v":15.6,"d":"15.60"},13.93]
[{"$nulls":4},"TOTAL SERVICO:",null,47.49]
[{"$nulls":4},"VALOR:",null,205.05]
[null,null,""]
["1.3.6. 93360 - REATERRO MECANIZADO DE VALA COM ESCAVADEIRA HIDRÁULICA (CAPACIDADE DA CAÇAMBA: 0,8 M³ / POTÊNCIA: 111 HP), LARGURA DE 1,5 A 2,5 M, PROFUNDIDADE ATÉ 1,5 M, COM SOLO DE 1ª CATEGORIA EM LOCAIS COM ALTO NÍVEL DE INTERFERÊNCIA. AF_04/2016 (M3)"]
["SERVICO",null,"FONTE","UNID","COEFICIENTE","PREÇO UNITÁRIO","TOTAL"]
["91534","COMPACTADOR DE SOLOS DE PERCUSSÃO (SOQUETE) COM MOTOR A GASOLINA 4 TEMPOS, POTÊNCIA 4 CV - CHI DIURNO. AF_08/2015","SINAPI","CHI",0.08105273,17.36,{"v":1.4,"d":"1.40"}]
["91533","COMPACTADOR DE SOLOS DE PERCUSSÃO (SOQUETE) COM MOTOR A GASOLINA 4 TEMPOS, POTÊNCIA 4 CV - CHP DIURNO. AF_08/2015","SINAPI","CHP",0.08757421,23.95,2.09]
["5632","ESCAVADEIRA HIDRÁULICA SOBRE ESTEIRAS, CAÇAMBA 0,80 M3, PESO OPERACIONAL 17 T, POTENCIA BRUTA 111 HP - CHI DIURNO. AF_06/2014","SINAPI","CHI",0.05310351,55.42,2.94]
["5631","ESCAVADEIRA HIDRÁULICA SOBRE ESTEIRAS, CAÇAMBA 0,80 M3, PESO OPERACIONAL 17 T, POTENCIA BRUTA 111 HP - CHP DIURNO. AF_06/2014","SINAPI","CHP",0.04006054,144.56,5.79]
["88316","SERVENTE COM ENCARGOS COMPLEMENTARES","SINAPI","H",0.04192382,{"v":15.6,"d":"15.60"},0.65]
["95606","UMIDIFICAÇÃO DE MATERIAL PARA VALAS COM CAMINHÃO PIPA 10000L. AF_11/2016","SINAPI","M3",0.93164062,1.54,1.43]
[{"$nulls":4},"TOTAL SERVICO:",null,{"v":14.3,"d":"14.30"}]
[{"$nulls":4},"VALOR:",null,{"v":14.3,"d":"14.30"}]
[null,null,""]
["1.3.7. COMP-19845271 - BOCA DE LOBO EM ALVENARIA TIJOLO MACICO, REVESTIDA C/ ARGAMASSA DE CIMENTO E AREIA 1:3, SOBRE LASTRO DE CONCRETO 10CM E TAMPA DE CONCRETO ARMADO (un)"]
["MATERIAL",null,"FONTE","UNID","COEFICIENTE","PREÇO UNITÁRIO","TOTAL"]
["00001350","!EM PROCESSO DE DESATIVACAO! CHAPA DE MADEIRA COMPENSADA RESINADA PARA FORMA DE CONCRETO, DE *2,2 X 1,1* M, E = 10 MM","SINAPI","UN",{"v":1,"d":"1.00000000"},{"v":42,"d":"42.00"},{"v":42,"d":"42.00"}]
["00000034","ACO CA-50, 10,0 MM, VERGALHAO","SINAPI","KG",2.04996534,11.67,23.92]
["00043132","ARAME RECOZIDO 16 BWG, D = 1,65 MM (0,016 KG/M) OU 18 BWG, D = 1,25 MM (0,01 KG/M)","SINAPI","KG",2.04996534,24.27,49.75]
["00000367","AREIA GROSSA - POSTO JAZIDA/FORNECEDOR (RETIRADO NA JAZIDA, SEM TRANSPORTE)","SINAPI","M3",2.04996534,{"v":84,"d":"84.00"},{"v":172.2,"d":"172.20"}]
["00001106","CAL HIDRATADA CH-I PARA ARGAMASSAS","SINAPI","KG",2.04996534,0.55,1.13]
["00001379","CIMENTO PORTLAND COMPOSTO CP II-32","SINAPI","KG",2.04996534,0.54,1.11]
["00004721","PEDRA BRITADA N. 1 (9,5 a 19 MM) POSTO PEDREIRA/FORNECEDOR, SEM FRETE","SINAPI","M3",2.04996534,{"v":94.5,"d":"94.50"},193.72]
["00004718","PEDRA BRITADA N. 2 (19 A 38 MM) POSTO PEDREIRA/FORNECEDOR, SEM FRETE","SINAPI","M3",2.04996534,{"v":95,"d":"95.00"},194.75]
["00006189","TABUA NAO APARELHADA *2,5 X 30* CM, EM MACARANDUBA, ANGELIM OU EQUIVALENTE DA REGIAO - BRUTA","SINAPI","M",2.04996534,19.28,39.52]
["00007258","TIJOLO CERAMICO MACICO COMUM *5 X 10 X 20* CM (L X A X C)","SINAPI","UN",{"v":1,"d":"1.00000000"},0.56,0.56]
[{"$nulls":4},"TOTAL MATERIAL:",null,718.66]
["SERVICO",null,"FONTE","UNID","COEFICIENTE","PREÇO UNITÁRIO","TOTAL"]
["88245","ARMADOR COM ENCARGOS COMPLEMENTARES","SINAPI","H",2.04996534,19.71,{"v":40.4,"d":"40.40"}]
["88262","CARPINTEIRO DE FORMAS COM ENCARGOS COMPLEMENTARES","SINAPI","H",2.04996534,19.61,{"v":40.2,"d":"40.20"}]
["88309","PEDREIRO COM ENCARGOS COMPLEMENTARES","SINAPI","H",2.04996534,19.82,40.63]
["88316","SERVENTE COM ENCARGOS COMPLEMENTARES","SINAPI","H",2.04996534,{"v":15.6,"d":"15.60"},31.98]
[{"$nulls":4},"TOTAL SERVICO:",null,153.21]
[{"$nulls":4},"VALOR:",null,871.87]
[null,null,""]
["1.3.8. 83716 - GRELHA FF 30X100CM, COM ASSENTAMENTO DE ARGAMASSA CIMENTO/AREIA 1:4 (UN)"]
["MATERIAL",null,"FONTE","UNID","COEFICIENTE","PREÇO UNITÁRIO","TOTAL"]
["00011245","GRELHA FOFO SIMPLES COM REQUADRO, CARGA MAXIMA  12,5 T, *300 X 1000* MM, E= *15* MM, AREA ESTACIONAMENTO CARRO PASSEIO","SINAPI","UN",{"v":1,"d":"1.00000000"},404.65,404.65]
[{"$nulls":4},"TOTAL MATERIAL:",null,404.65]
["SERVICO",null,"FONTE","UNID","COEFICIENTE","PREÇO UNITÁRIO","TOTAL"]
["87316","ARGAMASSA TRAÇO 1:4 (EM VOLUME DE CIMENTO E AREIA GROSSA ÚMIDA) PARA CHAPISCO CONVENCIONAL, PREPARO MECÂNICO COM BETONEIRA 400 L. AF_08/2019","SINAPI","M3",0.01609231,340.19,5.47]
["88309","PEDREIRO COM ENCARGOS COMPLEMENTARES","SINAPI","H",5.22038973,19.82,103.46]
["88316","SERVENTE COM ENCARGOS COMPLEMENTARES","SINAPI","H",5.22039017,{"v":15.6,"d":"15.60"},81.43]
[{"$nulls":4},"TOTAL SERVICO:",null,190.36]
[{"$nulls":4},"VALOR:",null,595.01]
[null,null,""]
["1.3.9. COMP-87246896 - POÇO DE VISITA EM ALVENARIA TIJ. MACIÇOS * ESP.=20M ; DIM. INTERNO = 1,20X1,20X1,60M; LAJE SUPERIOR C. A. ESPESSURA DE =0,15M, INCLUSIVE TAMPÃO TD-600 (UN)"]
["GERAL",null,"FONTE","UNID","COEFICIENTE","PREÇO UNITÁRIO","TOTAL"]
["COMP-16529465","TAMPAO FOFO ARTICULADO, CLASSE B125 CARGA MAX 12,5 T, REDONDO TAMPA 600 MM, REDE PLUVIAL/ESGOTO, P = CHAMINE CX AREIA / POCO VISITA ASSENTADO COM ARG CIM/AREIA 1:4, FORNECIMENTO E ASSENTAMENTO","PRÓPRIA","un",{"v":1,"d":"1.00000000"},{"v":1036.07,"d":"1,036.07"},{"v":1036.07,"d":"1,036.07"}]
["INS-829266","ALVENARIA EM TIJOLO CERAMICO 5X10X20CM 1 VEZ ( ESPESSURA DE 20CM ), ASSENTADO COM ARGAMASSA TRAÇO 1:2:8( CIMENTO, CAL E AREIA)","PRÓPRIA","M2",12.00455147,158.98,{"v":1908.48,"d":"1,908.48"}]
[{"$nulls":4},"TOTAL GERAL:",null,{"v":2944.55,"d":"2,944.55"}]
["SERVICO",null,"FONTE","UNID","COEFICIENTE","PREÇO UNITÁRIO","TOTAL"]
["6106220","Armação de fuste de tubulão em aço CA-50 com apoio de guindaste - fornecimento, preparo e colocação","SICRO NOVO","kg",{"v":0.0968109,"d":"0.09681090"},11.27,1.09]
["94969","CONCRETO FCK = 15MPA, TRAÇO 1:3,4:3,5 (EM MASSA SECA DE CIMENTO/ AREIA MÉDIA/ BRITA 1) - PREPARO MECÂNICO COM BETONEIRA 600 L. AF_05/2021","SINAPI","M3",0.00834994,325.11,2.71]
["87792","EMBOÇO OU MASSA ÚNICA EM ARGAMASSA TRAÇO 1:2:8, PREPARO MECÂNICO COM BETONEIRA 400 L, APLICADA MANUALMENTE EM PANOS CEGOS DE FACHADA (SEM PRESENÇA DE VÃOS), ESPESSURA DE 25 MM. AF_06/2014","SINAPI","M2",0.10794415,28.03,3.03]
["92419","MONTAGEM E DESMONTAGEM DE FÔRMA DE PILARES RETANGULARES E ESTRUTURAS SIMILARES, PÉ-DIREITO SIMPLES, EM CHAPA DE MADEIRA COMPENSADA RESINADA, 4 UTILIZAÇÕES. AF_09/2020","SINAPI","M2",0.04027333,64.29,2.59]
[{"$nulls":4},"TOTAL SERVICO:",null,9.42]
[{"$nulls":4},"VALOR:",null,{"v":2953.97,"d":"2,953.97"}]
[null,null,""]
["1.3.10. 102738 - BOCA PARA BUEIRO SIMPLES TUBULAR D = 60 CM EM CONCRETO,  INCLUINDO FÔRMAS E MATERIAIS. AF_07/2021 (UN)"]
["SERVICO",null,"FONTE","UNID","COEFICIENTE","PREÇO UNITÁRIO","TOTAL"]
["102730","ARMAÇÃO DE MURO ALA E MURO TESTA UTILIZANDO AÇO CA-50 DE 10 MM - MONTAGEM. AF_07/2021","SINAPI","KG",3.89521201,{"v":15.4,"d":"15.40"},59.98]
["102731","ARMAÇÃO DE MURO ALA E MURO TESTA UTILIZANDO AÇO CA-50 DE 12,5 MM - MONTAGEM. AF_07/2021","SINAPI","KG",9.59751447,{"v":13.1,"d":"13.10"},125.72]
["102728","ARMAÇÃO DE MURO ALA E MURO TESTA UTILIZANDO AÇO CA-50 DE 6,3 MM - MONTAGEM. AF_07/2021","SINAPI","KG",23.70458074,17.53,415.54]
["102729","ARMAÇÃO DE MURO ALA E MURO TESTA UTILIZANDO AÇO CA-50 DE 8 MM - MONTAGEM. AF_07/2021","SINAPI","KG",1.36016537,16.95,23.05]
["102734","ARMAÇÃO DE SOLEIRA UTILIZANDO AÇO CA-50 DE 6,3 MM - MONTAGEM. AF_07/2021","SINAPI","KG",4.20266705,{"v":16.7,"d":"16.70"},70.18]
["102736","CONCRETAGEM DE BOCA PARA BUEIRO, FCK = 20 MPA, COM USO DE BOMBA - LANÇAMENTO, ADENSAMENTO E ACABAMENTO. AF_07/2021","SINAPI","M3",0.59051391,{"v":402.4,"d":"402.40"},237.62]
["102727","FABRICAÇÃO, MONTAGEM E DESMONTAGEM DE FÔRMA PARA BOCA PARA BUEIRO, EM CHAPA DE MADEIRA COMPENSADA RESINADA, E = 17 MM, 2 UTILIZAÇÕES. AF_07/2021","SINAPI","M2",3.75041919,75.43,282.89]
["96620","LASTRO DE CONCRETO MAGRO, APLICADO EM PISOS, LAJES SOBRE SOLO OU RADIERS. AF_08/2017","SINAPI","M3",0.12770527,466.11,59.52]
[{"$nulls":4},"TOTAL SERVICO:",null,{"v":1274.5,"d":"1,274.50"}]
[{"$nulls":4},"VALOR:",null,{"v":1274.5,"d":"1,274.50"}]
[null,null,""]
["1.4.1. COMP-51076047 - LIMPEZA FINAL DA OBRA   (m2)"]
["MATERIAL",null,"FONTE","UNID","COEFICIENTE","PREÇO UNITÁRIO","TOTAL"]
["00038400","VASSOURA 40 CM COM CABO","SINAPI","UN",0.02661291,9.27,0.25]
[{"$nulls":4},"TOTAL MATERIAL:",null,0.25]
["SERVICO",null,"FONTE","UNID","COEFICIENTE","PREÇO UNITÁRIO","TOTAL"]
["88316","SERVENTE COM ENCARGOS COMPLEMENTARES","SINAPI","H",0.00532258,{"v":15.6,"d":"15.60"},0.08]
[{"$nulls":4},"TOTAL SERVICO:",null,0.08]
[{"$nulls":4},"VALOR:",null,0.33]
[null,null,""]
["2.1.1. COMP-48999838 - SERVICOS TOPOGRAFICOS PARA PAVIMENTACAO, INCLUSIVE NOTA DE SERVICOS, ACOMPANHAMENTO E GREIDE (M2)"]
["SERVICO",null,"FONTE","UNID","COEFICIENTE","PREÇO UNITÁRIO","TOTAL"]
["88253","AUXILIAR DE TOPÓGRAFO COM ENCARGOS COMPLEMENTARES","SINAPI","H",0.00229144,12.03,0.03]
["92145","CAMINHONETE CABINE SIMPLES COM MOTOR 1.6 FLEX, CÂMBIO MANUAL, POTÊNCIA 101/104 CV, 2 PORTAS - CHP DIURNO. AF_11/2015","SINAPI","CHP",0.00229144,61.04,0.14]
["88597","DESENHISTA DETALHISTA COM ENCARGOS COMPLEMENTARES","SINAPI","H",0.00229144,36.13,0.08]
["88288","NIVELADOR COM ENCARGOS COMPLEMENTARES","SINAPI","H",0.00229144,14.85,0.03]
["88316","SERVENTE COM ENCARGOS COMPLEMENTARES","SINAPI","H",0.00229144,{"v":15.6,"d":"15.60"},0.04]
[{"$nulls":4},"TOTAL SERVICO:",null,0.32]
[{"$nulls":4},"VALOR:",null,0.32]
[null,null,""]
["2.1.2. COMP-69215843 - PLACA ESMALTADA PARA IDENTIFICAÇÃO NR DE RUA, LOGRADOURO, 45X25CM (UNID)"]
["MATERIAL",null,"FONTE","UNID","COEFICIENTE","PREÇO UNITÁRIO","TOTAL"]
["00013521","PLACA DE ACO ESMALTADA PARA  IDENTIFICACAO DE RUA, *45 CM X 20* CM","SINAPI","UN",{"v":1,"d":"1.00000000"},74.25,74.25]
[{"$nulls":4},"TOTAL MATERIAL:",null,74.25]
["SERVICO",null,"FONTE","UNID","COEFICIENTE","PREÇO UNITÁRIO","TOTAL"]
["88309","PEDREIRO COM ENCARGOS COMPLEMENTARES","SINAPI","H",0.19896054,19.82,3.94]
["88316","SERVENTE COM ENCARGOS COMPLEMENTARES","SINAPI","H",0.19831951,{"v":15.6,"d":"15.60"},3.09]
[{"$nulls":4},"TOTAL SERVICO:",null,7.03]
[{"$nulls":4},"VALOR:",null,81.28]
[null,null,""]
["2.2.1. 101169 - EXECUÇÃO DE PAVIMENTO EM PARALELEPÍPEDOS, REJUNTAMENTO COM ARGAMASSA TRAÇO 1:3 (CIMENTO E AREIA). AF_05/2020 (M2)"]
["MATERIAL",null,"FONTE","UNID","COEFICIENTE","PREÇO UNITÁRIO","TOTAL"]
["00000367","AREIA GROSSA - POSTO JAZIDA/FORNECEDOR (RETIRADO NA JAZIDA, SEM TRANSPORTE)","SINAPI","M3",0.10395572,{"v":84,"d":"84.00"},8.73]
["00004385","PARALELEPIPEDO GRANITICO OU BASALTICO, PARA PAVIMENTACAO, SEM FRETE (VARIACAO REGIONAL DE PECAS POR M2)","SINAPI","MIL",0.03009244,881.67,26.53]
[{"$nulls":4},"TOTAL MATERIAL:",null,35.26]
["SERVICO",null,"FONTE","UNID","COEFICIENTE","PREÇO UNITÁRIO","TOTAL"]
["88628","ARGAMASSA TRAÇO 1:3 (EM VOLUME DE CIMENTO E AREIA MÉDIA ÚMIDA), PREPARO MECÂNICO COM BETONEIRA 400 L. AF_08/2019","SINAPI","M3",{"v":0.0186026,"d":"0.01860260"},{"v":403,"d":"403.00"},7.49]
["88260","CALCETEIRO COM ENCARGOS COMPLEMENTARES","SINAPI","H",0.36667188,19.71,7.22]
["5685","ROLO COMPACTADOR VIBRATÓRIO DE UM CILINDRO AÇO LISO, POTÊNCIA 80 HP, PESO OPERACIONAL MÁXIMO 8,1 T, IMPACTO DINÂMICO 16,15 / 9,5 T, LARGURA DE TRABALHO 1,68 M - CHI DIURNO. AF_06/2014","SINAPI","CHI",{"v":0.1193667,"d":"0.11936670"},41.63,4.96]
["5684","ROLO COMPACTADOR VIBRATÓRIO DE UM CILINDRO AÇO LISO, POTÊNCIA 80 HP, PESO OPERACIONAL MÁXIMO 8,1 T, IMPACTO DINÂMICO 16,15 / 9,5 T, LARGURA DE TRABALHO 1,68 M - CHP DIURNO. AF_06/2014","SINAPI","CHP",{"v":2.82686E-3,"d":"0.00282686"},111.02,0.31]
["88316","SERVENTE COM ENCARGOS COMPLEMENTARES","SINAPI","H",0.36667188,{"v":15.6,"d":"15.60"},5.72]
[{"$nulls":4},"TOTAL SERVICO:",null,{"v":25.7,"d":"25.70"}]
[{"$nulls":4},"VALOR:",null,60.96]
[null,null,""]
["2.2.2. 04.910.02 - ASSENTAMENTO DE MEIO FIO GRANÍTICO  (M)"]
["GERAL",null,"FONTE","UNID","COEFICIENTE","PREÇO UNITÁRIO","TOTAL"]
["COMP-65017280","FORN. E APLICAÇÃO DE MEIO FIO EM PEDRA GRANILÍTICA","PRÓPRIA","M",0.17865623,71.29,12.74]
[{"$nulls":4},"TOTAL GERAL:",null,12.74]
["MATERIAL",null,"FONTE","UNID","COEFICIENTE","PREÇO UNITÁRIO","TOTAL"]
["00000367","AREIA GROSSA - POSTO JAZIDA/FORNECEDOR (RETIRADO NA JAZIDA, SEM TRANSPORTE)","SINAPI","M3",0.17853718,{"v":84,"d":"84.00"},{"v":15,"d":"15.00"}]
["00001379","CIMENTO PORTLAND COMPOSTO CP II-32","SINAPI","KG",0.17865623,0.54,{"v":0.1,"d":"0.10"}]
[{"$nulls":4},"TOTAL MATERIAL:",null,{"v":15.1,"d":"15.10"}]
[{"$nulls":4},"VALOR:",null,27.84]
[null,null,""]
["2.2.3. 04.910.02 - ASSENTAMENTO DE MEIO FIO GRANÍTICO  (M)"]
["GERAL",null,"FONTE","UNID","COEFICIENTE","PREÇO UNITÁRIO","TOTAL"]
["COMP-65017280","FORN. E APLICAÇÃO DE MEIO FIO EM PEDRA GRANILÍTICA","PRÓPRIA","M",0.17865623,71.29,12.74]
[{"$nulls":4},"TOTAL GERAL:",null,12.74]
["MATERIAL",null,"FONTE","UNID","COEFICIENTE","PREÇO UNITÁRIO","TOTAL"]
["00000367","AREIA GROSSA - POSTO JAZIDA/FORNECEDOR (RETIRADO NA JAZIDA, SEM TRANSPORTE)","SINAPI","M3",0.17853718,{"v":84,"d":"84.00"},{"v":15,"d":"15.00"}]
["00001379","CIMENTO PORTLAND COMPOSTO CP II-32","SINAPI","KG",0.17865623,0.54,{"v":0.1,"d":"0.10"}]
[{"$nulls":4},"TOTAL MATERIAL:",null,{"v":15.1,"d":"15.10"}]
[{"$nulls":4},"VALOR:",null,27.84]
[null,null,""]
["2.2.4. 94993 - EXECUÇÃO DE PASSEIO (CALÇADA) OU PISO DE CONCRETO COM CONCRETO MOLDADO IN LOCO, USINADO, ACABAMENTO CONVENCIONAL, ESPESSURA 6 CM, ARMADO. AF_07/2016 (M2)"]
["MATERIAL",null,"FONTE","UNID","COEFICIENTE","PREÇO UNITÁRIO","TOTAL"]
["00034492","CONCRETO USINADO BOMBEAVEL, CLASSE DE RESISTENCIA C20, COM BRITA 0 E 1, SLUMP = 100 +/- 20 MM, EXCLUI SERVICO DE BOMBEAMENTO (NBR 8953)","SINAPI","M3",0.06880121,{"v":310,"d":"310.00"},21.32]
["00003777","LONA PLASTICA PESADA PRETA, E = 150 MICRA","SINAPI","M2",1.06554116,1.38,1.47]
["00004517","SARRAFO *2,5 X 7,5* CM EM PINUS, MISTA OU EQUIVALENTE DA REGIAO - BRUTA","SINAPI","M",0.42508291,4.58,1.94]
["00007156","TELA DE ACO SOLDADA NERVURADA, CA-60, Q-196, (3,11 KG/M2), DIAMETRO DO FIO = 5,0 MM, LARGURA = 2,45 M, ESPACAMENTO DA MALHA = 10 X 10 CM","SINAPI","M2",1.06025124,30.51,32.34]
[{"$nulls":4},"TOTAL MATERIAL:",null,57.07]
["SERVICO",null,"FONTE","UNID","COEFICIENTE","PREÇO UNITÁRIO","TOTAL"]
["88262","CARPINTEIRO DE FORMAS COM ENCARGOS COMPLEMENTARES","SINAPI","H",0.12790272,19.61,{"v":2.5,"d":"2.50"}]
["88309","PEDREIRO COM ENCARGOS COMPLEMENTARES","SINAPI","H",0.11174957,19.82,2.21]
["88316","SERVENTE COM ENCARGOS COMPLEMENTARES","SINAPI","H",0.23965229,{"v":15.6,"d":"15.60"},3.73]
[{"$nulls":4},"TOTAL SERVICO:",null,8.44]
[{"$nulls":4},"VALOR:",null,65.51]
[null,null,""]
["2.2.5. COMP-17702425 - rampa de acessibilidade ( passeio 1,5M) (UN) (un)"]
["MATERIAL",null,"FONTE","UNID","COEFICIENTE","PREÇO UNITÁRIO","TOTAL"]
["00007348","TINTA ACRILICA PREMIUM PARA PISO","SINAPI","L",{"v":3.6701041,"d":"3.67010410"},{"v":11.7,"d":"11.70"},42.94]
[{"$nulls":4},"TOTAL MATERIAL:",null,42.94]
["SERVICO",null,"FONTE","UNID","COEFICIENTE","PREÇO UNITÁRIO","TOTAL"]
["95241","LASTRO DE CONCRETO MAGRO, APLICADO EM PISOS, LAJES SOBRE SOLO OU RADIERS, ESPESSURA DE 5 CM. AF_07/2016","SINAPI","M2",{"v":3.6701041,"d":"3.67010410"},23.29,85.48]
["88309","PEDREIRO COM ENCARGOS COMPLEMENTARES","SINAPI","H",{"v":3.6701041,"d":"3.67010410"},19.82,72.74]
["101094","PISO PODOTÁTIL, DIRECIONAL OU ALERTA, ASSENTADO SOBRE ARGAMASSA. AF_05/2020","SINAPI","M",{"v":3.6701041,"d":"3.67010410"},{"v":134.2,"d":"134.20"},492.53]
["88316","SERVENTE COM ENCARGOS COMPLEMENTARES","SINAPI","H",{"v":3.6701041,"d":"3.67010410"},{"v":15.6,"d":"15.60"},57.25]
[{"$nulls":4},"TOTAL SERVICO:",null,{"v":708,"d":"708.00"}]
[{"$nulls":4},"VALOR:",null,750.94]
[null,null,""]
["2.2.6. S09418 - Piso tátil direcional e/ou alerta, de concreto, na cor natural, p/deficientes visuais, dimensões 25x25cm, aplicado com argamassa industrializada ac-ii, rejuntado, exclusive regularização de base (m2)"]
["MAO DE OBRA",null,"FONTE","UNID","COEFICIENTE","PREÇO UNITÁRIO","TOTAL"]
["I04750S","Pedreiro","ORSE","h",0.50554819,13.99,7.07]
["I06111S","Servente de obras","ORSE","h",1.21331564,10.55,{"v":12.8,"d":"12.80"}]
[{"$nulls":4},"TOTAL MAO DE OBRA:",null,19.87]
["MATERIAL",null,"FONTE","UNID","COEFICIENTE","PREÇO UNITÁRIO","TOTAL"]
["I02684","Argamassa industrializada Votomassa AC-II, ou similar","ORSE","kg",4.04438548,1.09,4.41]
["I09758","Piso tátil direcional e/ou alerta, de concreto, na cor natural, dim 25x25 cm  - para deficiente visual","ORSE","m2",1.06165119,48.69,51.69]
["I02540","Rejunte colorido flexivel  para revestimentos cerâmicos","ORSE","kg",0.52577011,{"v":3.5,"d":"3.50"},1.84]
[{"$nulls":4},"TOTAL MATERIAL:",null,57.94]
["SERVICO",null,"FONTE","UNID","COEFICIENTE","PREÇO UNITÁRIO","TOTAL"]
["S10550","Encargos Complementares - Pedreiro","ORSE","h",0.50554819,3.46,1.75]
["S10549","Encargos Complementares - Servente","ORSE","h",1.21331564,3.54,{"v":4.3,"d":"4.30"}]
[{"$nulls":4},"TOTAL SERVICO:",null,6.05]
[{"$nulls":4},"VALOR:",null,83.86]
[null,null,""]
["2.2.7. 102498 - PINTURA DE MEIO-FIO COM TINTA BRANCA A BASE DE CAL (CAIAÇÃO). AF_05/2021 (M)"]
["MATERIAL",null,"FONTE","UNID","COEFICIENTE","PREÇO UNITÁRIO","TOTAL"]
["00011161","CAL HIDRATADA PARA PINTURA","SINAPI","KG",0.10503636,0.92,0.09]
[{"$nulls":4},"TOTAL MATERIAL:",null,0.09]
["SERVICO",null,"FONTE","UNID","COEFICIENTE","PREÇO UNITÁRIO","TOTAL"]
["88310","PINTOR COM ENCARGOS COMPLEMENTARES","SINAPI","H",0.03666363,20.82,0.76]
["88316","SERVENTE COM ENCARGOS COMPLEMENTARES","SINAPI","H",0.01585454,{"v":15.6,"d":"15.60"},0.24]
[{"$nulls":4},"TOTAL SERVICO:",null,{"v":1,"d":"1.00"}]
[{"$nulls":4},"VALOR:",null,1.09]
[null,null,""]
["2.2.8. 5213570 - Placa em aço - película I + I - fornecimento e implantação (m²)"]
["EQUIPAMENTO",null,"FONTE","UNID","COEFICIENTE","PREÇO UNITÁRIO","TOTAL"]
["E9687","Caminhão carroceria com capacidade de 5 t - 115 kW","SICRO NOVO","UN",0.21954866,{"v":0,"d":"0.0000"},{"v":0,"d":"0.0000"}]
["E9687","Caminhão carroceria com capacidade de 5 t - 115 kW","SICRO NOVO","UN",0.09409229,{"v":0,"d":"0.0000"},{"v":0,"d":"0.0000"}]
[{"$nulls":4},"TOTAL EQUIPAMENTO:",null,{"v":0,"d":"0.0000"}]
["MAO DE OBRA",null,"FONTE","UNID","COEFICIENTE","PREÇO UNITÁRIO","TOTAL"]
["P9830","Montador","SICRO NOVO","h",0.31364095,24.8247,7.7846]
["P9824","Servente","SICRO NOVO","h",0.62728191,16.4619,10.3251]
[{"$nulls":4},"TOTAL MAO DE OBRA:",null,18.1097]
["SERVICO",null,"FONTE","UNID","COEFICIENTE","PREÇO UNITÁRIO","TOTAL"]
["5213416","Placa em aço nº 16 galvanizado com película retrorrefletiva tipo I + I - confecção","SICRO NOVO","m²",0.94092286,{"v":302.83,"d":"302.8300"},284.9397]
[{"$nulls":4},"TOTAL SERVICO:",null,284.9397]
[{"$nulls":4},"VALOR:",null,{"v":303.05,"d":"303.0500"}]
[null,null,""]
["2.3.1. 99063 - LOCAÇÃO DE REDE DE ÁGUA OU ESGOTO. AF_10/2018 (M)"]
["SERVICO",null,"FONTE","UNID","COEFICIENTE","PREÇO UNITÁRIO","TOTAL"]
["99061","LOCAÇÃO COM CAVALETE COM ALTURA DE 0,50 M - 2 UTILIZAÇÕES. AF_10/2018","SINAPI","UN",0.04920849,81.49,{"v":4,"d":"4.00"}]
[{"$nulls":4},"TOTAL SERVICO:",null,{"v":4,"d":"4.00"}]
[{"$nulls":4},"VALOR:",null,4.01]
[null,null,""]
["2.3.2. 90092 - ESCAVAÇÃO MECANIZADA DE VALA COM PROF. MAIOR QUE 1,5 M E ATÉ 3,0 M(MÉDIA ENTRE MONTANTE E JUSANTE/UMA COMPOSIÇÃO POR TRECHO), COM ESCAVADEIRA HIDRÁULICA (0,8 M3/111 HP), LARG. MENOR QUE 1,5 M, EM SOLO DE 1A CATEGORIA, LOCAIS COM BAIXO NÍVEL DE INTERFERÊNCIA. AF_02/2021 (M3)"]
["SERVICO",null,"FONTE","UNID","COEFICIENTE","PREÇO UNITÁRIO","TOTAL"]
["5632","ESCAVADEIRA HIDRÁULICA SOBRE ESTEIRAS, CAÇAMBA 0,80 M3, PESO OPERACIONAL 17 T, POTENCIA BRUTA 111 HP - CHI DIURNO. AF_06/2014","SINAPI","CHI",0.01709189,55.42,0.94]
["5631","ESCAVADEIRA HIDRÁULICA SOBRE ESTEIRAS, CAÇAMBA 0,80 M3, PESO OPERACIONAL 17 T, POTENCIA BRUTA 111 HP - CHP DIURNO. AF_06/2014","SINAPI","CHP",0.01572088,144.56,2.27]
["88316","SERVENTE COM ENCARGOS COMPLEMENTARES","SINAPI","H",0.03281277,{"v":15.6,"d":"15.60"},0.51]
[{"$nulls":4},"TOTAL SERVICO:",null,3.72]
[{"$nulls":4},"VALOR:",null,3.72]
[null,null,""]
["2.3.3. 101573 - ESCORAMENTO DE VALA, TIPO PONTALETEAMENTO, COM PROFUNDIDADE DE 1,5 A 3,0 M, LARGURA MAIOR OU IGUAL A 1,5 M E MENOR QUE 2,5 M. AF_08/2020 (M2)"]
["MATERIAL",null,"FONTE","UNID","COEFICIENTE","PREÇO UNITÁRIO","TOTAL"]
["00021138","MOURAO ROLICO DE MADEIRA TRATADA, D = 8 A 11 CM, H = 2,20 M, EM EUCALIPTO OU EQUIVALENTE DA REGIAO (PARA CERCA)","SINAPI","M",0.07393089,7.13,0.52]
["00005061","PREGO DE ACO POLIDO COM CABECA 18 X 27 (2 1/2 X 10)","SINAPI","KG",0.00698314,22.33,0.15]
["00006189","TABUA NAO APARELHADA *2,5 X 30* CM, EM MACARANDUBA, ANGELIM OU EQUIVALENTE DA REGIAO - BRUTA","SINAPI","M",0.12941309,19.28,2.49]
[{"$nulls":4},"TOTAL MATERIAL:",null,3.16]
["SERVICO",null,"FONTE","UNID","COEFICIENTE","PREÇO UNITÁRIO","TOTAL"]
["88262","CARPINTEIRO DE FORMAS COM ENCARGOS COMPLEMENTARES","SINAPI","H",0.38211242,19.61,7.49]
["88316","SERVENTE COM ENCARGOS COMPLEMENTARES","SINAPI","H",0.16379164,{"v":15.6,"d":"15.60"},2.55]
[{"$nulls":4},"TOTAL SERVICO:",null,10.04]
[{"$nulls":4},"VALOR:",null,{"v":13.2,"d":"13.20"}]
[null,null,""]
["2.3.4. COMP-97632275 - COLCHÃO DE AREIA (M3) (m3)"]
["MATERIAL",null,"FONTE","UNID","COEFICIENTE","PREÇO UNITÁRIO","TOTAL"]
["00000366","AREIA FINA - POSTO JAZIDA/FORNECEDOR (RETIRADO NA JAZIDA, SEM TRANSPORTE)","SINAPI","M3",1.03556485,{"v":80,"d":"80.00"},82.85]
[{"$nulls":4},"TOTAL MATERIAL:",null,82.85]
["SERVICO",null,"FONTE","UNID","COEFICIENTE","PREÇO UNITÁRIO","TOTAL"]
["88316","SERVENTE COM ENCARGOS COMPLEMENTARES","SINAPI","H",1.03556485,{"v":15.6,"d":"15.60"},16.15]
[{"$nulls":4},"TOTAL SERVICO:",null,16.15]
[{"$nulls":4},"VALOR:",null,{"v":99,"d":"99.00"}]
[null,null,""]
["2.3.5. 92212 - TUBO DE CONCRETO PARA REDES COLETORAS DE ÁGUAS PLUVIAIS, DIÂMETRO DE 600 MM, JUNTA RÍGIDA, INSTALADO EM LOCAL COM BAIXO NÍVEL DE INTERFERÊNCIAS - FORNECIMENTO E ASSENTAMENTO. AF_12/2015 (M)"]
["MATERIAL",null,"FONTE","UNID","COEFICIENTE","PREÇO UNITÁRIO","TOTAL"]
["00007725","TUBO DE CONCRETO ARMADO PARA AGUAS PLUVIAIS, CLASSE PA-1, COM ENCAIXE PONTA E BOLSA, DIAMETRO NOMINAL DE = 600 MM","SINAPI","M",0.93295122,168.89,157.56]
[{"$nulls":4},"TOTAL MATERIAL:",null,157.56]
["SERVICO",null,"FONTE","UNID","COEFICIENTE","PREÇO UNITÁRIO","TOTAL"]
["88629","ARGAMASSA TRAÇO 1:3 (EM VOLUME DE CIMENTO E AREIA MÉDIA ÚMIDA), PREPARO MANUAL. AF_08/2019","SINAPI","M3",0.00452888,485.43,2.19]
["88246","ASSENTADOR DE TUBOS COM ENCARGOS COMPLEMENTARES","SINAPI","H",0.44654849,14.66,6.54]
["5632","ESCAVADEIRA HIDRÁULICA SOBRE ESTEIRAS, CAÇAMBA 0,80 M3, PESO OPERACIONAL 17 T, POTENCIA BRUTA 111 HP - CHI DIURNO. AF_06/2014","SINAPI","CHI",0.20017691,55.42,11.09]
["5631","ESCAVADEIRA HIDRÁULICA SOBRE ESTEIRAS, CAÇAMBA 0,80 M3, PESO OPERACIONAL 17 T, POTENCIA BRUTA 111 HP - CHP DIURNO. AF_06/2014","SINAPI","CHP",0.09510667,144.56,13.74]
["88316","SERVENTE COM ENCARGOS COMPLEMENTARES","SINAPI","H",0.89309699,{"v":15.6,"d":"15.60"},13.93]
[{"$nulls":4},"TOTAL SERVICO:",null,47.49]
[{"$nulls":4},"VALOR:",null,205.05]
[null,null,""]
["2.3.6. 93360 - REATERRO MECANIZADO DE VALA COM ESCAVADEIRA HIDRÁULICA (CAPACIDADE DA CAÇAMBA: 0,8 M³ / POTÊNCIA: 111 HP), LARGURA DE 1,5 A 2,5 M, PROFUNDIDADE ATÉ 1,5 M, COM SOLO DE 1ª CATEGORIA EM LOCAIS COM ALTO NÍVEL DE INTERFERÊNCIA. AF_04/2016 (M3)"]
["SERVICO",null,"FONTE","UNID","COEFICIENTE","PREÇO UNITÁRIO","TOTAL"]
["91534","COMPACTADOR DE SOLOS DE PERCUSSÃO (SOQUETE) COM MOTOR A GASOLINA 4 TEMPOS, POTÊNCIA 4 CV - CHI DIURNO. AF_08/2015","SINAPI","CHI",0.08105273,17.36,{"v":1.4,"d":"1.40"}]
["91533","COMPACTADOR DE SOLOS DE PERCUSSÃO (SOQUETE) COM MOTOR A GASOLINA 4 TEMPOS, POTÊNCIA 4 CV - CHP DIURNO. AF_08/2015","SINAPI","CHP",0.08757421,23.95,2.09]
["5632","ESCAVADEIRA HIDRÁULICA SOBRE ESTEIRAS, CAÇAMBA 0,80 M3, PESO OPERACIONAL 17 T, POTENCIA BRUTA 111 HP - CHI DIURNO. AF_06/2014","SINAPI","CHI",0.05310351,55.42,2.94]
["5631","ESCAVADEIRA HIDRÁULICA SOBRE ESTEIRAS, CAÇAMBA 0,80 M3, PESO OPERACIONAL 17 T, POTENCIA BRUTA 111 HP - CHP DIURNO. AF_06/2014","SINAPI","CHP",0.04006054,144.56,5.79]
["88316","SERVENTE COM ENCARGOS COMPLEMENTARES","SINAPI","H",0.04192382,{"v":15.6,"d":"15.60"},0.65]
["95606","UMIDIFICAÇÃO DE MATERIAL PARA VALAS COM CAMINHÃO PIPA 10000L. AF_11/2016","SINAPI","M3",0.93164062,1.54,1.43]
[{"$nulls":4},"TOTAL SERVICO:",null,{"v":14.3,"d":"14.30"}]
[{"$nulls":4},"VALOR:",null,{"v":14.3,"d":"14.30"}]
[null,null,""]
["2.3.7. COMP-19845271 - BOCA DE LOBO EM ALVENARIA TIJOLO MACICO, REVESTIDA C/ ARGAMASSA DE CIMENTO E AREIA 1:3, SOBRE LASTRO DE CONCRETO 10CM E TAMPA DE CONCRETO ARMADO (un)"]
["MATERIAL",null,"FONTE","UNID","COEFICIENTE","PREÇO UNITÁRIO","TOTAL"]
["00001350","!EM PROCESSO DE DESATIVACAO! CHAPA DE MADEIRA COMPENSADA RESINADA PARA FORMA DE CONCRETO, DE *2,2 X 1,1* M, E = 10 MM","SINAPI","UN",{"v":1,"d":"1.00000000"},{"v":42,"d":"42.00"},{"v":42,"d":"42.00"}]
["00000034","ACO CA-50, 10,0 MM, VERGALHAO","SINAPI","KG",2.04996534,11.67,23.92]
["00043132","ARAME RECOZIDO 16 BWG, D = 1,65 MM (0,016 KG/M) OU 18 BWG, D = 1,25 MM (0,01 KG/M)","SINAPI","KG",2.04996534,24.27,49.75]
["00000367","AREIA GROSSA - POSTO JAZIDA/FORNECEDOR (RETIRADO NA JAZIDA, SEM TRANSPORTE)","SINAPI","M3",2.04996534,{"v":84,"d":"84.00"},{"v":172.2,"d":"172.20"}]
["00001106","CAL HIDRATADA CH-I PARA ARGAMASSAS","SINAPI","KG",2.04996534,0.55,1.13]
["00001379","CIMENTO PORTLAND COMPOSTO CP II-32","SINAPI","KG",2.04996534,0.54,1.11]
["00004721","PEDRA BRITADA N. 1 (9,5 a 19 MM) POSTO PEDREIRA/FORNECEDOR, SEM FRETE","SINAPI","M3",2.04996534,{"v":94.5,"d":"94.50"},193.72]
["00004718","PEDRA BRITADA N. 2 (19 A 38 MM) POSTO PEDREIRA/FORNECEDOR, SEM FRETE","SINAPI","M3",2.04996534,{"v":95,"d":"95.00"},194.75]
["00006189","TABUA NAO APARELHADA *2,5 X 30* CM, EM MACARANDUBA, ANGELIM OU EQUIVALENTE DA REGIAO - BRUTA","SINAPI","M",2.04996534,19.28,39.52]
["00007258","TIJOLO CERAMICO MACICO COMUM *5 X 10 X 20* CM (L X A X C)","SINAPI","UN",{"v":1,"d":"1.00000000"},0.56,0.56]
[{"$nulls":4},"TOTAL MATERIAL:",null,718.66]
["SERVICO",null,"FONTE","UNID","COEFICIENTE","PREÇO UNITÁRIO","TOTAL"]
["88245","ARMADOR COM ENCARGOS COMPLEMENTARES","SINAPI","H",2.04996534,19.71,{"v":40.4,"d":"40.40"}]
["88262","CARPINTEIRO DE FORMAS COM ENCARGOS COMPLEMENTARES","SINAPI","H",2.04996534,19.61,{"v":40.2,"d":"40.20"}]
["88309","PEDREIRO COM ENCARGOS COMPLEMENTARES","SINAPI","H",2.04996534,19.82,40.63]
["88316","SERVENTE COM ENCARGOS COMPLEMENTARES","SINAPI","H",2.04996534,{"v":15.6,"d":"15.60"},31.98]
[{"$nulls":4},"TOTAL SERVICO:",null,153.21]
[{"$nulls":4},"VALOR:",null,871.87]
[null,null,""]
["2.3.8. 83716 - GRELHA FF 30X100CM, COM ASSENTAMENTO DE ARGAMASSA CIMENTO/AREIA 1:4 (UN)"]
["MATERIAL",null,"FONTE","UNID","COEFICIENTE","PREÇO UNITÁRIO","TOTAL"]
["00011245","GRELHA FOFO SIMPLES COM REQUADRO, CARGA MAXIMA  12,5 T, *300 X 1000* MM, E= *15* MM, AREA ESTACIONAMENTO CARRO PASSEIO","SINAPI","UN",{"v":1,"d":"1.00000000"},404.65,404.65]
[{"$nulls":4},"TOTAL MATERIAL:",null,404.65]
["SERVICO",null,"FONTE","UNID","COEFICIENTE","PREÇO UNITÁRIO","TOTAL"]
["87316","ARGAMASSA TRAÇO 1:4 (EM VOLUME DE CIMENTO E AREIA GROSSA ÚMIDA) PARA CHAPISCO CONVENCIONAL, PREPARO MECÂNICO COM BETONEIRA 400 L. AF_08/2019","SINAPI","M3",0.01609231,340.19,5.47]
["88309","PEDREIRO COM ENCARGOS COMPLEMENTARES","SINAPI","H",5.22038973,19.82,103.46]
["88316","SERVENTE COM ENCARGOS COMPLEMENTARES","SINAPI","H",5.22039017,{"v":15.6,"d":"15.60"},81.43]
[{"$nulls":4},"TOTAL SERVICO:",null,190.36]
[{"$nulls":4},"VALOR:",null,595.01]
[null,null,""]
["2.3.9. COMP-87246896 - POÇO DE VISITA EM ALVENARIA TIJ. MACIÇOS * ESP.=20M ; DIM. INTERNO = 1,20X1,20X1,60M; LAJE SUPERIOR C. A. ESPESSURA DE =0,15M, INCLUSIVE TAMPÃO TD-600 (UN)"]
["GERAL",null,"FONTE","UNID","COEFICIENTE","PREÇO UNITÁRIO","TOTAL"]
["COMP-16529465","TAMPAO FOFO ARTICULADO, CLASSE B125 CARGA MAX 12,5 T, REDONDO TAMPA 600 MM, REDE PLUVIAL/ESGOTO, P = CHAMINE CX AREIA / POCO VISITA ASSENTADO COM ARG CIM/AREIA 1:4, FORNECIMENTO E ASSENTAMENTO","PRÓPRIA","un",{"v":1,"d":"1.00000000"},{"v":1036.07,"d":"1,036.07"},{"v":1036.07,"d":"1,036.07"}]
["INS-829266","ALVENARIA EM TIJOLO CERAMICO 5X10X20CM 1 VEZ ( ESPESSURA DE 20CM ), ASSENTADO COM ARGAMASSA TRAÇO 1:2:8( CIMENTO, CAL E AREIA)","PRÓPRIA","M2",12.00455147,158.98,{"v":1908.48,"d":"1,908.48"}]
[{"$nulls":4},"TOTAL GERAL:",null,{"v":2944.55,"d":"2,944.55"}]
["SERVICO",null,"FONTE","UNID","COEFICIENTE","PREÇO UNITÁRIO","TOTAL"]
["6106220","Armação de fuste de tubulão em aço CA-50 com apoio de guindaste - fornecimento, preparo e colocação","SICRO NOVO","kg",{"v":0.0968109,"d":"0.09681090"},11.27,1.09]
["94969","CONCRETO FCK = 15MPA, TRAÇO 1:3,4:3,5 (EM MASSA SECA DE CIMENTO/ AREIA MÉDIA/ BRITA 1) - PREPARO MECÂNICO COM BETONEIRA 600 L. AF_05/2021","SINAPI","M3",0.00834994,325.11,2.71]
["87792","EMBOÇO OU MASSA ÚNICA EM ARGAMASSA TRAÇO 1:2:8, PREPARO MECÂNICO COM BETONEIRA 400 L, APLICADA MANUALMENTE EM PANOS CEGOS DE FACHADA (SEM PRESENÇA DE VÃOS), ESPESSURA DE 25 MM. AF_06/2014","SINAPI","M2",0.10794415,28.03,3.03]
["92419","MONTAGEM E DESMONTAGEM DE FÔRMA DE PILARES RETANGULARES E ESTRUTURAS SIMILARES, PÉ-DIREITO SIMPLES, EM CHAPA DE MADEIRA COMPENSADA RESINADA, 4 UTILIZAÇÕES. AF_09/2020","SINAPI","M2",0.04027333,64.29,2.59]
[{"$nulls":4},"TOTAL SERVICO:",null,9.42]
[{"$nulls":4},"VALOR:",null,{"v":2953.97,"d":"2,953.97"}]
[null,null,""]
["2.3.10. 92210 - TUBO DE CONCRETO PARA REDES COLETORAS DE ÁGUAS PLUVIAIS, DIÂMETRO DE 400 MM, JUNTA RÍGIDA, INSTALADO EM LOCAL COM BAIXO NÍVEL DE INTERFERÊNCIAS - FORNECIMENTO E ASSENTAMENTO. AF_12/2015 (M)"]
["MATERIAL",null,"FONTE","UNID","COEFICIENTE","PREÇO UNITÁRIO","TOTAL"]
["00007745","TUBO DE CONCRETO ARMADO PARA AGUAS PLUVIAIS, CLASSE PA-1, COM ENCAIXE PONTA E BOLSA, DIAMETRO NOMINAL DE 400 MM","SINAPI","M",0.93427539,87.28,81.54]
[{"$nulls":4},"TOTAL MATERIAL:",null,81.54]
["SERVICO",null,"FONTE","UNID","COEFICIENTE","PREÇO UNITÁRIO","TOTAL"]
["88629","ARGAMASSA TRAÇO 1:3 (EM VOLUME DE CIMENTO E AREIA MÉDIA ÚMIDA), PREPARO MANUAL. AF_08/2019","SINAPI","M3",{"v":1.81412E-3,"d":"0.00181412"},485.43,0.88]
["88246","ASSENTADOR DE TUBOS COM ENCARGOS COMPLEMENTARES","SINAPI","H",0.31384396,14.66,{"v":4.6,"d":"4.60"}]
["5632","ESCAVADEIRA HIDRÁULICA SOBRE ESTEIRAS, CAÇAMBA 0,80 M3, PESO OPERACIONAL 17 T, POTENCIA BRUTA 111 HP - CHI DIURNO. AF_06/2014","SINAPI","CHI",0.14059484,55.42,7.79]
["5631","ESCAVADEIRA HIDRÁULICA SOBRE ESTEIRAS, CAÇAMBA 0,80 M3, PESO OPERACIONAL 17 T, POTENCIA BRUTA 111 HP - CHP DIURNO. AF_06/2014","SINAPI","CHP",0.06712269,144.56,{"v":9.7,"d":"9.70"}]
["88316","SERVENTE COM ENCARGOS COMPLEMENTARES","SINAPI","H",0.62768793,{"v":15.6,"d":"15.60"},9.79]
[{"$nulls":4},"TOTAL SERVICO:",null,32.76]
[{"$nulls":4},"VALOR:",null,{"v":114.3,"d":"114.30"}]
[null,null,""]
["2.4.1. COMP-51076047 - LIMPEZA FINAL DA OBRA  (m2)"]
["MATERIAL",null,"FONTE","UNID","COEFICIENTE","PREÇO UNITÁRIO","TOTAL"]
["00038400","VASSOURA 40 CM COM CABO","SINAPI","UN",0.02661291,9.27,0.25]
[{"$nulls":4},"TOTAL MATERIAL:",null,0.25]
["SERVICO",null,"FONTE","UNID","COEFICIENTE","PREÇO UNITÁRIO","TOTAL"]
["88316","SERVENTE COM ENCARGOS COMPLEMENTARES","SINAPI","H",0.00532258,{"v":15.6,"d":"15.60"},0.08]
[{"$nulls":4},"TOTAL SERVICO:",null,0.08]
[{"$nulls":4},"VALOR:",null,0.33]
[null,null,""]
["3.1.1. COMP-48999838 - SERVICOS TOPOGRAFICOS PARA PAVIMENTACAO, INCLUSIVE NOTA DE SERVICOS, ACOMPANHAMENTO E GREIDE (M2)"]
["SERVICO",null,"FONTE","UNID","COEFICIENTE","PREÇO UNITÁRIO","TOTAL"]
["88253","AUXILIAR DE TOPÓGRAFO COM ENCARGOS COMPLEMENTARES","SINAPI","H",0.00229144,12.03,0.03]
["92145","CAMINHONETE CABINE SIMPLES COM MOTOR 1.6 FLEX, CÂMBIO MANUAL, POTÊNCIA 101/104 CV, 2 PORTAS - CHP DIURNO. AF_11/2015","SINAPI","CHP",0.00229144,61.04,0.14]
["88597","DESENHISTA DETALHISTA COM ENCARGOS COMPLEMENTARES","SINAPI","H",0.00229144,36.13,0.08]
["88288","NIVELADOR COM ENCARGOS COMPLEMENTARES","SINAPI","H",0.00229144,14.85,0.03]
["88316","SERVENTE COM ENCARGOS COMPLEMENTARES","SINAPI","H",0.00229144,{"v":15.6,"d":"15.60"},0.04]
[{"$nulls":4},"TOTAL SERVICO:",null,0.32]
[{"$nulls":4},"VALOR:",null,0.32]
[null,null,""]
["3.1.2. COMP-69215843 - PLACA ESMALTADA PARA IDENTIFICAÇÃO NR DE RUA, LOGRADOURO, 45X25CM (UNID)"]
["MATERIAL",null,"FONTE","UNID","COEFICIENTE","PREÇO UNITÁRIO","TOTAL"]
["00013521","PLACA DE ACO ESMALTADA PARA  IDENTIFICACAO DE RUA, *45 CM X 20* CM","SINAPI","UN",{"v":1,"d":"1.00000000"},74.25,74.25]
[{"$nulls":4},"TOTAL MATERIAL:",null,74.25]
["SERVICO",null,"FONTE","UNID","COEFICIENTE","PREÇO UNITÁRIO","TOTAL"]
["88309","PEDREIRO COM ENCARGOS COMPLEMENTARES","SINAPI","H",0.19896054,19.82,3.94]
["88316","SERVENTE COM ENCARGOS COMPLEMENTARES","SINAPI","H",0.19831951,{"v":15.6,"d":"15.60"},3.09]
[{"$nulls":4},"TOTAL SERVICO:",null,7.03]
[{"$nulls":4},"VALOR:",null,81.28]
[null,null,""]
["3.2.1. 101169 - EXECUÇÃO DE PAVIMENTO EM PARALELEPÍPEDOS, REJUNTAMENTO COM ARGAMASSA TRAÇO 1:3 (CIMENTO E AREIA). AF_05/2020 (M2)"]
["MATERIAL",null,"FONTE","UNID","COEFICIENTE","PREÇO UNITÁRIO","TOTAL"]
["00000367","AREIA GROSSA - POSTO JAZIDA/FORNECEDOR (RETIRADO NA JAZIDA, SEM TRANSPORTE)","SINAPI","M3",0.10395572,{"v":84,"d":"84.00"},8.73]
["00004385","PARALELEPIPEDO GRANITICO OU BASALTICO, PARA PAVIMENTACAO, SEM FRETE (VARIACAO REGIONAL DE PECAS POR M2)","SINAPI","MIL",0.03009244,881.67,26.53]
[{"$nulls":4},"TOTAL MATERIAL:",null,35.26]
["SERVICO",null,"FONTE","UNID","COEFICIENTE","PREÇO UNITÁRIO","TOTAL"]
["88628","ARGAMASSA TRAÇO 1:3 (EM VOLUME DE CIMENTO E AREIA MÉDIA ÚMIDA), PREPARO MECÂNICO COM BETONEIRA 400 L. AF_08/2019","SINAPI","M3",{"v":0.0186026,"d":"0.01860260"},{"v":403,"d":"403.00"},7.49]
["88260","CALCETEIRO COM ENCARGOS COMPLEMENTARES","SINAPI","H",0.36667188,19.71,7.22]
["5685","ROLO COMPACTADOR VIBRATÓRIO DE UM CILINDRO AÇO LISO, POTÊNCIA 80 HP, PESO OPERACIONAL MÁXIMO 8,1 T, IMPACTO DINÂMICO 16,15 / 9,5 T, LARGURA DE TRABALHO 1,68 M - CHI DIURNO. AF_06/2014","SINAPI","CHI",{"v":0.1193667,"d":"0.11936670"},41.63,4.96]
["5684","ROLO COMPACTADOR VIBRATÓRIO DE UM CILINDRO AÇO LISO, POTÊNCIA 80 HP, PESO OPERACIONAL MÁXIMO 8,1 T, IMPACTO DINÂMICO 16,15 / 9,5 T, LARGURA DE TRABALHO 1,68 M - CHP DIURNO. AF_06/2014","SINAPI","CHP",{"v":2.82686E-3,"d":"0.00282686"},111.02,0.31]
["88316","SERVENTE COM ENCARGOS COMPLEMENTARES","SINAPI","H",0.36667188,{"v":15.6,"d":"15.60"},5.72]
[{"$nulls":4},"TOTAL SERVICO:",null,{"v":25.7,"d":"25.70"}]
[{"$nulls":4},"VALOR:",null,60.96]
[null,null,""]
["3.2.2. 04.910.02 - ASSENTAMENTO DE MEIO FIO GRANÍTICO  (M)"]
["GERAL",null,"FONTE","UNID","COEFICIENTE","PREÇO UNITÁRIO","TOTAL"]
["COMP-65017280","FORN. E APLICAÇÃO DE MEIO FIO EM PEDRA GRANILÍTICA","PRÓPRIA","M",0.17865623,71.29,12.74]
[{"$nulls":4},"TOTAL GERAL:",null,12.74]
["MATERIAL",null,"FONTE","UNID","COEFICIENTE","PREÇO UNITÁRIO","TOTAL"]
["00000367","AREIA GROSSA - POSTO JAZIDA/FORNECEDOR (RETIRADO NA JAZIDA, SEM TRANSPORTE)","SINAPI","M3",0.17853718,{"v":84,"d":"84.00"},{"v":15,"d":"15.00"}]
["00001379","CIMENTO PORTLAND COMPOSTO CP II-32","SINAPI","KG",0.17865623,0.54,{"v":0.1,"d":"0.10"}]
[{"$nulls":4},"TOTAL MATERIAL:",null,{"v":15.1,"d":"15.10"}]
[{"$nulls":4},"VALOR:",null,27.84]
[null,null,""]
["3.2.3. 04.910.02 - ASSENTAMENTO DE MEIO FIO GRANÍTICO  (M)"]
["GERAL",null,"FONTE","UNID","COEFICIENTE","PREÇO UNITÁRIO","TOTAL"]
["COMP-65017280","FORN. E APLICAÇÃO DE MEIO FIO EM PEDRA GRANILÍTICA","PRÓPRIA","M",0.17865623,71.29,12.74]
[{"$nulls":4},"TOTAL GERAL:",null,12.74]
["MATERIAL",null,"FONTE","UNID","COEFICIENTE","PREÇO UNITÁRIO","TOTAL"]
["00000367","AREIA GROSSA - POSTO JAZIDA/FORNECEDOR (RETIRADO NA JAZIDA, SEM TRANSPORTE)","SINAPI","M3",0.17853718,{"v":84,"d":"84.00"},{"v":15,"d":"15.00"}]
["00001379","CIMENTO PORTLAND COMPOSTO CP II-32","SINAPI","KG",0.17865623,0.54,{"v":0.1,"d":"0.10"}]
[{"$nulls":4},"TOTAL MATERIAL:",null,{"v":15.1,"d":"15.10"}]
[{"$nulls":4},"VALOR:",null,27.84]
[null,null,""]
["3.2.4. 94993 - EXECUÇÃO DE PASSEIO (CALÇADA) OU PISO DE CONCRETO COM CONCRETO MOLDADO IN LOCO, USINADO, ACABAMENTO CONVENCIONAL, ESPESSURA 6 CM, ARMADO. AF_07/2016 (M2)"]
["MATERIAL",null,"FONTE","UNID","COEFICIENTE","PREÇO UNITÁRIO","TOTAL"]
["00034492","CONCRETO USINADO BOMBEAVEL, CLASSE DE RESISTENCIA C20, COM BRITA 0 E 1, SLUMP = 100 +/- 20 MM, EXCLUI SERVICO DE BOMBEAMENTO (NBR 8953)","SINAPI","M3",0.06880121,{"v":310,"d":"310.00"},21.32]
["00003777","LONA PLASTICA PESADA PRETA, E = 150 MICRA","SINAPI","M2",1.06554116,1.38,1.47]
["00004517","SARRAFO *2,5 X 7,5* CM EM PINUS, MISTA OU EQUIVALENTE DA REGIAO - BRUTA","SINAPI","M",0.42508291,4.58,1.94]
["00007156","TELA DE ACO SOLDADA NERVURADA, CA-60, Q-196, (3,11 KG/M2), DIAMETRO DO FIO = 5,0 MM, LARGURA = 2,45 M, ESPACAMENTO DA MALHA = 10 X 10 CM","SINAPI","M2",1.06025124,30.51,32.34]
[{"$nulls":4},"TOTAL MATERIAL:",null,57.07]
["SERVICO",null,"FONTE","UNID","COEFICIENTE","PREÇO UNITÁRIO","TOTAL"]
["88262","CARPINTEIRO DE FORMAS COM ENCARGOS COMPLEMENTARES","SINAPI","H",0.12790272,19.61,{"v":2.5,"d":"2.50"}]
["88309","PEDREIRO COM ENCARGOS COMPLEMENTARES","SINAPI","H",0.11174957,19.82,2.21]
["88316","SERVENTE COM ENCARGOS COMPLEMENTARES","SINAPI","H",0.23965229,{"v":15.6,"d":"15.60"},3.73]
[{"$nulls":4},"TOTAL SERVICO:",null,8.44]
[{"$nulls":4},"VALOR:",null,65.51]
[null,null,""]
["3.2.5. COMP-17702425 - rampa de acessibilidade ( passeio 1,5M) (UN) (un)"]
["MATERIAL",null,"FONTE","UNID","COEFICIENTE","PREÇO UNITÁRIO","TOTAL"]
["00007348","TINTA ACRILICA PREMIUM PARA PISO","SINAPI","L",{"v":3.6701041,"d":"3.67010410"},{"v":11.7,"d":"11.70"},42.94]
[{"$nulls":4},"TOTAL MATERIAL:",null,42.94]
["SERVICO",null,"FONTE","UNID","COEFICIENTE","PREÇO UNITÁRIO","TOTAL"]
["95241","LASTRO DE CONCRETO MAGRO, APLICADO EM PISOS, LAJES SOBRE SOLO OU RADIERS, ESPESSURA DE 5 CM. AF_07/2016","SINAPI","M2",{"v":3.6701041,"d":"3.67010410"},23.29,85.48]
["88309","PEDREIRO COM ENCARGOS COMPLEMENTARES","SINAPI","H",{"v":3.6701041,"d":"3.67010410"},19.82,72.74]
["101094","PISO PODOTÁTIL, DIRECIONAL OU ALERTA, ASSENTADO SOBRE ARGAMASSA. AF_05/2020","SINAPI","M",{"v":3.6701041,"d":"3.67010410"},{"v":134.2,"d":"134.20"},492.53]
["88316","SERVENTE COM ENCARGOS COMPLEMENTARES","SINAPI","H",{"v":3.6701041,"d":"3.67010410"},{"v":15.6,"d":"15.60"},57.25]
[{"$nulls":4},"TOTAL SERVICO:",null,{"v":708,"d":"708.00"}]
[{"$nulls":4},"VALOR:",null,750.94]
[null,null,""]
["3.2.6. S09418 - Piso tátil direcional e/ou alerta, de concreto, na cor natural, p/deficientes visuais, dimensões 25x25cm, aplicado com argamassa industrializada ac-ii, rejuntado, exclusive regularização de base (m2)"]
["MAO DE OBRA",null,"FONTE","UNID","COEFICIENTE","PREÇO UNITÁRIO","TOTAL"]
["I04750S","Pedreiro","ORSE","h",0.50554819,13.99,7.07]
["I06111S","Servente de obras","ORSE","h",1.21331564,10.55,{"v":12.8,"d":"12.80"}]
[{"$nulls":4},"TOTAL MAO DE OBRA:",null,19.87]
["MATERIAL",null,"FONTE","UNID","COEFICIENTE","PREÇO UNITÁRIO","TOTAL"]
["I02684","Argamassa industrializada Votomassa AC-II, ou similar","ORSE","kg",4.04438548,1.09,4.41]
["I09758","Piso tátil direcional e/ou alerta, de concreto, na cor natural, dim 25x25 cm  - para deficiente visual","ORSE","m2",1.06165119,48.69,51.69]
["I02540","Rejunte colorido flexivel  para revestimentos cerâmicos","ORSE","kg",0.52577011,{"v":3.5,"d":"3.50"},1.84]
[{"$nulls":4},"TOTAL MATERIAL:",null,57.94]
["SERVICO",null,"FONTE","UNID","COEFICIENTE","PREÇO UNITÁRIO","TOTAL"]
["S10550","Encargos Complementares - Pedreiro","ORSE","h",0.50554819,3.46,1.75]
["S10549","Encargos Complementares - Servente","ORSE","h",1.21331564,3.54,{"v":4.3,"d":"4.30"}]
[{"$nulls":4},"TOTAL SERVICO:",null,6.05]
[{"$nulls":4},"VALOR:",null,83.86]
[null,null,""]
["3.2.7. 102498 - PINTURA DE MEIO-FIO COM TINTA BRANCA A BASE DE CAL (CAIAÇÃO). AF_05/2021 (M)"]
["MATERIAL",null,"FONTE","UNID","COEFICIENTE","PREÇO UNITÁRIO","TOTAL"]
["00011161","CAL HIDRATADA PARA PINTURA","SINAPI","KG",0.10503636,0.92,0.09]
[{"$nulls":4},"TOTAL MATERIAL:",null,0.09]
["SERVICO",null,"FONTE","UNID","COEFICIENTE","PREÇO UNITÁRIO","TOTAL"]
["88310","PINTOR COM ENCARGOS COMPLEMENTARES","SINAPI","H",0.03666363,20.82,0.76]
["88316","SERVENTE COM ENCARGOS COMPLEMENTARES","SINAPI","H",0.01585454,{"v":15.6,"d":"15.60"},0.24]
[{"$nulls":4},"TOTAL SERVICO:",null,{"v":1,"d":"1.00"}]
[{"$nulls":4},"VALOR:",null,1.09]
[null,null,""]
["3.2.8. 5213570 - Placa em aço - película I + I - fornecimento e implantação (m²)"]
["EQUIPAMENTO",null,"FONTE","UNID","COEFICIENTE","PREÇO UNITÁRIO","TOTAL"]
["E9687","Caminhão carroceria com capacidade de 5 t - 115 kW","SICRO NOVO","UN",0.21954866,{"v":0,"d":"0.0000"},{"v":0,"d":"0.0000"}]
["E9687","Caminhão carroceria com capacidade de 5 t - 115 kW","SICRO NOVO","UN",0.09409229,{"v":0,"d":"0.0000"},{"v":0,"d":"0.0000"}]
[{"$nulls":4},"TOTAL EQUIPAMENTO:",null,{"v":0,"d":"0.0000"}]
["MAO DE OBRA",null,"FONTE","UNID","COEFICIENTE","PREÇO UNITÁRIO","TOTAL"]
["P9830","Montador","SICRO NOVO","h",0.31364095,24.8247,7.7846]
["P9824","Servente","SICRO NOVO","h",0.62728191,16.4619,10.3251]
[{"$nulls":4},"TOTAL MAO DE OBRA:",null,18.1097]
["SERVICO",null,"FONTE","UNID","COEFICIENTE","PREÇO UNITÁRIO","TOTAL"]
["5213416","Placa em aço nº 16 galvanizado com película retrorrefletiva tipo I + I - confecção","SICRO NOVO","m²",0.94092286,{"v":302.83,"d":"302.8300"},284.9397]
[{"$nulls":4},"TOTAL SERVICO:",null,284.9397]
[{"$nulls":4},"VALOR:",null,{"v":303.05,"d":"303.0500"}]
[null,null,""]
["3.3.1. 99063 - LOCAÇÃO DE REDE DE ÁGUA OU ESGOTO. AF_10/2018 (M)"]
["SERVICO",null,"FONTE","UNID","COEFICIENTE","PREÇO UNITÁRIO","TOTAL"]
["99061","LOCAÇÃO COM CAVALETE COM ALTURA DE 0,50 M - 2 UTILIZAÇÕES. AF_10/2018","SINAPI","UN",0.04920849,81.49,{"v":4,"d":"4.00"}]
[{"$nulls":4},"TOTAL SERVICO:",null,{"v":4,"d":"4.00"}]
[{"$nulls":4},"VALOR:",null,4.01]
[null,null,""]
["3.3.2. 90092 - ESCAVAÇÃO MECANIZADA DE VALA COM PROF. MAIOR QUE 1,5 M E ATÉ 3,0 M(MÉDIA ENTRE MONTANTE E JUSANTE/UMA COMPOSIÇÃO POR TRECHO), COM ESCAVADEIRA HIDRÁULICA (0,8 M3/111 HP), LARG. MENOR QUE 1,5 M, EM SOLO DE 1A CATEGORIA, LOCAIS COM BAIXO NÍVEL DE INTERFERÊNCIA. AF_02/2021 (M3)"]
["SERVICO",null,"FONTE","UNID","COEFICIENTE","PREÇO UNITÁRIO","TOTAL"]
["5632","ESCAVADEIRA HIDRÁULICA SOBRE ESTEIRAS, CAÇAMBA 0,80 M3, PESO OPERACIONAL 17 T, POTENCIA BRUTA 111 HP - CHI DIURNO. AF_06/2014","SINAPI","CHI",0.01709189,55.42,0.94]
["5631","ESCAVADEIRA HIDRÁULICA SOBRE ESTEIRAS, CAÇAMBA 0,80 M3, PESO OPERACIONAL 17 T, POTENCIA BRUTA 111 HP - CHP DIURNO. AF_06/2014","SINAPI","CHP",0.01572088,144.56,2.27]
["88316","SERVENTE COM ENCARGOS COMPLEMENTARES","SINAPI","H",0.03281277,{"v":15.6,"d":"15.60"},0.51]
[{"$nulls":4},"TOTAL SERVICO:",null,3.72]
[{"$nulls":4},"VALOR:",null,3.72]
[null,null,""]
["3.3.3. 101573 - ESCORAMENTO DE VALA, TIPO PONTALETEAMENTO, COM PROFUNDIDADE DE 1,5 A 3,0 M, LARGURA MAIOR OU IGUAL A 1,5 M E MENOR QUE 2,5 M. AF_08/2020 (M2)"]
["MATERIAL",null,"FONTE","UNID","COEFICIENTE","PREÇO UNITÁRIO","TOTAL"]
["00021138","MOURAO ROLICO DE MADEIRA TRATADA, D = 8 A 11 CM, H = 2,20 M, EM EUCALIPTO OU EQUIVALENTE DA REGIAO (PARA CERCA)","SINAPI","M",0.07393089,7.13,0.52]
["00005061","PREGO DE ACO POLIDO COM CABECA 18 X 27 (2 1/2 X 10)","SINAPI","KG",0.00698314,22.33,0.15]
["00006189","TABUA NAO APARELHADA *2,5 X 30* CM, EM MACARANDUBA, ANGELIM OU EQUIVALENTE DA REGIAO - BRUTA","SINAPI","M",0.12941309,19.28,2.49]
[{"$nulls":4},"TOTAL MATERIAL:",null,3.16]
["SERVICO",null,"FONTE","UNID","COEFICIENTE","PREÇO UNITÁRIO","TOTAL"]
["88262","CARPINTEIRO DE FORMAS COM ENCARGOS COMPLEMENTARES","SINAPI","H",0.38211242,19.61,7.49]
["88316","SERVENTE COM ENCARGOS COMPLEMENTARES","SINAPI","H",0.16379164,{"v":15.6,"d":"15.60"},2.55]
[{"$nulls":4},"TOTAL SERVICO:",null,10.04]
[{"$nulls":4},"VALOR:",null,{"v":13.2,"d":"13.20"}]
[null,null,""]
["3.3.4. COMP-97632275 - COLCHÃO DE AREIA (M3) (m3)"]
["MATERIAL",null,"FONTE","UNID","COEFICIENTE","PREÇO UNITÁRIO","TOTAL"]
["00000366","AREIA FINA - POSTO JAZIDA/FORNECEDOR (RETIRADO NA JAZIDA, SEM TRANSPORTE)","SINAPI","M3",1.03556485,{"v":80,"d":"80.00"},82.85]
[{"$nulls":4},"TOTAL MATERIAL:",null,82.85]
["SERVICO",null,"FONTE","UNID","COEFICIENTE","PREÇO UNITÁRIO","TOTAL"]
["88316","SERVENTE COM ENCARGOS COMPLEMENTARES","SINAPI","H",1.03556485,{"v":15.6,"d":"15.60"},16.15]
[{"$nulls":4},"TOTAL SERVICO:",null,16.15]
[{"$nulls":4},"VALOR:",null,{"v":99,"d":"99.00"}]
[null,null,""]
["3.3.5. 92212 - TUBO DE CONCRETO PARA REDES COLETORAS DE ÁGUAS PLUVIAIS, DIÂMETRO DE 600 MM, JUNTA RÍGIDA, INSTALADO EM LOCAL COM BAIXO NÍVEL DE INTERFERÊNCIAS - FORNECIMENTO E ASSENTAMENTO. AF_12/2015 (M)"]
["MATERIAL",null,"FONTE","UNID","COEFICIENTE","PREÇO UNITÁRIO","TOTAL"]
["00007725","TUBO DE CONCRETO ARMADO PARA AGUAS PLUVIAIS, CLASSE PA-1, COM ENCAIXE PONTA E BOLSA, DIAMETRO NOMINAL DE = 600 MM","SINAPI","M",0.93295122,168.89,157.56]
[{"$nulls":4},"TOTAL MATERIAL:",null,157.56]
["SERVICO",null,"FONTE","UNID","COEFICIENTE","PREÇO UNITÁRIO","TOTAL"]
["88629","ARGAMASSA TRAÇO 1:3 (EM VOLUME DE CIMENTO E AREIA MÉDIA ÚMIDA), PREPARO MANUAL. AF_08/2019","SINAPI","M3",0.00452888,485.43,2.19]
["88246","ASSENTADOR DE TUBOS COM ENCARGOS COMPLEMENTARES","SINAPI","H",0.44654849,14.66,6.54]
["5632","ESCAVADEIRA HIDRÁULICA SOBRE ESTEIRAS, CAÇAMBA 0,80 M3, PESO OPERACIONAL 17 T, POTENCIA BRUTA 111 HP - CHI DIURNO. AF_06/2014","SINAPI","CHI",0.20017691,55.42,11.09]
["5631","ESCAVADEIRA HIDRÁULICA SOBRE ESTEIRAS, CAÇAMBA 0,80 M3, PESO OPERACIONAL 17 T, POTENCIA BRUTA 111 HP - CHP DIURNO. AF_06/2014","SINAPI","CHP",0.09510667,144.56,13.74]
["88316","SERVENTE COM ENCARGOS COMPLEMENTARES","SINAPI","H",0.89309699,{"v":15.6,"d":"15.60"},13.93]
[{"$nulls":4},"TOTAL SERVICO:",null,47.49]
[{"$nulls":4},"VALOR:",null,205.05]
[null,null,""]
["3.3.6. 93360 - REATERRO MECANIZADO DE VALA COM ESCAVADEIRA HIDRÁULICA (CAPACIDADE DA CAÇAMBA: 0,8 M³ / POTÊNCIA: 111 HP), LARGURA DE 1,5 A 2,5 M, PROFUNDIDADE ATÉ 1,5 M, COM SOLO DE 1ª CATEGORIA EM LOCAIS COM ALTO NÍVEL DE INTERFERÊNCIA. AF_04/2016 (M3)"]
["SERVICO",null,"FONTE","UNID","COEFICIENTE","PREÇO UNITÁRIO","TOTAL"]
["91534","COMPACTADOR DE SOLOS DE PERCUSSÃO (SOQUETE) COM MOTOR A GASOLINA 4 TEMPOS, POTÊNCIA 4 CV - CHI DIURNO. AF_08/2015","SINAPI","CHI",0.08105273,17.36,{"v":1.4,"d":"1.40"}]
["91533","COMPACTADOR DE SOLOS DE PERCUSSÃO (SOQUETE) COM MOTOR A GASOLINA 4 TEMPOS, POTÊNCIA 4 CV - CHP DIURNO. AF_08/2015","SINAPI","CHP",0.08757421,23.95,2.09]
["5632","ESCAVADEIRA HIDRÁULICA SOBRE ESTEIRAS, CAÇAMBA 0,80 M3, PESO OPERACIONAL 17 T, POTENCIA BRUTA 111 HP - CHI DIURNO. AF_06/2014","SINAPI","CHI",0.05310351,55.42,2.94]
["5631","ESCAVADEIRA HIDRÁULICA SOBRE ESTEIRAS, CAÇAMBA 0,80 M3, PESO OPERACIONAL 17 T, POTENCIA BRUTA 111 HP - CHP DIURNO. AF_06/2014","SINAPI","CHP",0.04006054,144.56,5.79]
["88316","SERVENTE COM ENCARGOS COMPLEMENTARES","SINAPI","H",0.04192382,{"v":15.6,"d":"15.60"},0.65]
["95606","UMIDIFICAÇÃO DE MATERIAL PARA VALAS COM CAMINHÃO PIPA 10000L. AF_11/2016","SINAPI","M3",0.93164062,1.54,1.43]
[{"$nulls":4},"TOTAL SERVICO:",null,{"v":14.3,"d":"14.30"}]
[{"$nulls":4},"VALOR:",null,{"v":14.3,"d":"14.30"}]
[null,null,""]
["3.3.7. COMP-19845271 - BOCA DE LOBO EM ALVENARIA TIJOLO MACICO, REVESTIDA C/ ARGAMASSA DE CIMENTO E AREIA 1:3, SOBRE LASTRO DE CONCRETO 10CM E TAMPA DE CONCRETO ARMADO (un)"]
["MATERIAL",null,"FONTE","UNID","COEFICIENTE","PREÇO UNITÁRIO","TOTAL"]
["00001350","!EM PROCESSO DE DESATIVACAO! CHAPA DE MADEIRA COMPENSADA RESINADA PARA FORMA DE CONCRETO, DE *2,2 X 1,1* M, E = 10 MM","SINAPI","UN",{"v":1,"d":"1.00000000"},{"v":42,"d":"42.00"},{"v":42,"d":"42.00"}]
["00000034","ACO CA-50, 10,0 MM, VERGALHAO","SINAPI","KG",2.04996534,11.67,23.92]
["00043132","ARAME RECOZIDO 16 BWG, D = 1,65 MM (0,016 KG/M) OU 18 BWG, D = 1,25 MM (0,01 KG/M)","SINAPI","KG",2.04996534,24.27,49.75]
["00000367","AREIA GROSSA - POSTO JAZIDA/FORNECEDOR (RETIRADO NA JAZIDA, SEM TRANSPORTE)","SINAPI","M3",2.04996534,{"v":84,"d":"84.00"},{"v":172.2,"d":"172.20"}]
["00001106","CAL HIDRATADA CH-I PARA ARGAMASSAS","SINAPI","KG",2.04996534,0.55,1.13]
["00001379","CIMENTO PORTLAND COMPOSTO CP II-32","SINAPI","KG",2.04996534,0.54,1.11]
["00004721","PEDRA BRITADA N. 1 (9,5 a 19 MM) POSTO PEDREIRA/FORNECEDOR, SEM FRETE","SINAPI","M3",2.04996534,{"v":94.5,"d":"94.50"},193.72]
["00004718","PEDRA BRITADA N. 2 (19 A 38 MM) POSTO PEDREIRA/FORNECEDOR, SEM FRETE","SINAPI","M3",2.04996534,{"v":95,"d":"95.00"},194.75]
["00006189","TABUA NAO APARELHADA *2,5 X 30* CM, EM MACARANDUBA, ANGELIM OU EQUIVALENTE DA REGIAO - BRUTA","SINAPI","M",2.04996534,19.28,39.52]
["00007258","TIJOLO CERAMICO MACICO COMUM *5 X 10 X 20* CM (L X A X C)","SINAPI","UN",{"v":1,"d":"1.00000000"},0.56,0.56]
[{"$nulls":4},"TOTAL MATERIAL:",null,718.66]
["SERVICO",null,"FONTE","UNID","COEFICIENTE","PREÇO UNITÁRIO","TOTAL"]
["88245","ARMADOR COM ENCARGOS COMPLEMENTARES","SINAPI","H",2.04996534,19.71,{"v":40.4,"d":"40.40"}]
["88262","CARPINTEIRO DE FORMAS COM ENCARGOS COMPLEMENTARES","SINAPI","H",2.04996534,19.61,{"v":40.2,"d":"40.20"}]
["88309","PEDREIRO COM ENCARGOS COMPLEMENTARES","SINAPI","H",2.04996534,19.82,40.63]
["88316","SERVENTE COM ENCARGOS COMPLEMENTARES","SINAPI","H",2.04996534,{"v":15.6,"d":"15.60"},31.98]
[{"$nulls":4},"TOTAL SERVICO:",null,153.21]
[{"$nulls":4},"VALOR:",null,871.87]
[null,null,""]
["3.3.8. 83716 - GRELHA FF 30X100CM, COM ASSENTAMENTO DE ARGAMASSA CIMENTO/AREIA 1:4 (UN)"]
["MATERIAL",null,"FONTE","UNID","COEFICIENTE","PREÇO UNITÁRIO","TOTAL"]
["00011245","GRELHA FOFO SIMPLES COM REQUADRO, CARGA MAXIMA  12,5 T, *300 X 1000* MM, E= *15* MM, AREA ESTACIONAMENTO CARRO PASSEIO","SINAPI","UN",{"v":1,"d":"1.00000000"},404.65,404.65]
[{"$nulls":4},"TOTAL MATERIAL:",null,404.65]
["SERVICO",null,"FONTE","UNID","COEFICIENTE","PREÇO UNITÁRIO","TOTAL"]
["87316","ARGAMASSA TRAÇO 1:4 (EM VOLUME DE CIMENTO E AREIA GROSSA ÚMIDA) PARA CHAPISCO CONVENCIONAL, PREPARO MECÂNICO COM BETONEIRA 400 L. AF_08/2019","SINAPI","M3",0.01609231,340.19,5.47]
["88309","PEDREIRO COM ENCARGOS COMPLEMENTARES","SINAPI","H",5.22038973,19.82,103.46]
["88316","SERVENTE COM ENCARGOS COMPLEMENTARES","SINAPI","H",5.22039017,{"v":15.6,"d":"15.60"},81.43]
[{"$nulls":4},"TOTAL SERVICO:",null,190.36]
[{"$nulls":4},"VALOR:",null,595.01]
[null,null,""]
["3.3.9. COMP-87246896 - POÇO DE VISITA EM ALVENARIA TIJ. MACIÇOS * ESP.=20M ; DIM. INTERNO = 1,20X1,20X1,60M; LAJE SUPERIOR C. A. ESPESSURA DE =0,15M, INCLUSIVE TAMPÃO TD-600 (UN)"]
["GERAL",null,"FONTE","UNID","COEFICIENTE","PREÇO UNITÁRIO","TOTAL"]
["COMP-16529465","TAMPAO FOFO ARTICULADO, CLASSE B125 CARGA MAX 12,5 T, REDONDO TAMPA 600 MM, REDE PLUVIAL/ESGOTO, P = CHAMINE CX AREIA / POCO VISITA ASSENTADO COM ARG CIM/AREIA 1:4, FORNECIMENTO E ASSENTAMENTO","PRÓPRIA","un",{"v":1,"d":"1.00000000"},{"v":1036.07,"d":"1,036.07"},{"v":1036.07,"d":"1,036.07"}]
["INS-829266","ALVENARIA EM TIJOLO CERAMICO 5X10X20CM 1 VEZ ( ESPESSURA DE 20CM ), ASSENTADO COM ARGAMASSA TRAÇO 1:2:8( CIMENTO, CAL E AREIA)","PRÓPRIA","M2",12.00455147,158.98,{"v":1908.48,"d":"1,908.48"}]
[{"$nulls":4},"TOTAL GERAL:",null,{"v":2944.55,"d":"2,944.55"}]
["SERVICO",null,"FONTE","UNID","COEFICIENTE","PREÇO UNITÁRIO","TOTAL"]
["6106220","Armação de fuste de tubulão em aço CA-50 com apoio de guindaste - fornecimento, preparo e colocação","SICRO NOVO","kg",{"v":0.0968109,"d":"0.09681090"},11.27,1.09]
["94969","CONCRETO FCK = 15MPA, TRAÇO 1:3,4:3,5 (EM MASSA SECA DE CIMENTO/ AREIA MÉDIA/ BRITA 1) - PREPARO MECÂNICO COM BETONEIRA 600 L. AF_05/2021","SINAPI","M3",0.00834994,325.11,2.71]
["87792","EMBOÇO OU MASSA ÚNICA EM ARGAMASSA TRAÇO 1:2:8, PREPARO MECÂNICO COM BETONEIRA 400 L, APLICADA MANUALMENTE EM PANOS CEGOS DE FACHADA (SEM PRESENÇA DE VÃOS), ESPESSURA DE 25 MM. AF_06/2014","SINAPI","M2",0.10794415,28.03,3.03]
["92419","MONTAGEM E DESMONTAGEM DE FÔRMA DE PILARES RETANGULARES E ESTRUTURAS SIMILARES, PÉ-DIREITO SIMPLES, EM CHAPA DE MADEIRA COMPENSADA RESINADA, 4 UTILIZAÇÕES. AF_09/2020","SINAPI","M2",0.04027333,64.29,2.59]
[{"$nulls":4},"TOTAL SERVICO:",null,9.42]
[{"$nulls":4},"VALOR:",null,{"v":2953.97,"d":"2,953.97"}]
[null,null,""]
["3.3.10. 92210 - TUBO DE CONCRETO PARA REDES COLETORAS DE ÁGUAS PLUVIAIS, DIÂMETRO DE 400 MM, JUNTA RÍGIDA, INSTALADO EM LOCAL COM BAIXO NÍVEL DE INTERFERÊNCIAS - FORNECIMENTO E ASSENTAMENTO. AF_12/2015 (M)"]
["MATERIAL",null,"FONTE","UNID","COEFICIENTE","PREÇO UNITÁRIO","TOTAL"]
["00007745","TUBO DE CONCRETO ARMADO PARA AGUAS PLUVIAIS, CLASSE PA-1, COM ENCAIXE PONTA E BOLSA, DIAMETRO NOMINAL DE 400 MM","SINAPI","M",0.93427539,87.28,81.54]
[{"$nulls":4},"TOTAL MATERIAL:",null,81.54]
["SERVICO",null,"FONTE","UNID","COEFICIENTE","PREÇO UNITÁRIO","TOTAL"]
["88629","ARGAMASSA TRAÇO 1:3 (EM VOLUME DE CIMENTO E AREIA MÉDIA ÚMIDA), PREPARO MANUAL. AF_08/2019","SINAPI","M3",{"v":1.81412E-3,"d":"0.00181412"},485.43,0.88]
["88246","ASSENTADOR DE TUBOS COM ENCARGOS COMPLEMENTARES","SINAPI","H",0.31384396,14.66,{"v":4.6,"d":"4.60"}]
["5632","ESCAVADEIRA HIDRÁULICA SOBRE ESTEIRAS, CAÇAMBA 0,80 M3, PESO OPERACIONAL 17 T, POTENCIA BRUTA 111 HP - CHI DIURNO. AF_06/2014","SINAPI","CHI",0.14059484,55.42,7.79]
["5631","ESCAVADEIRA HIDRÁULICA SOBRE ESTEIRAS, CAÇAMBA 0,80 M3, PESO OPERACIONAL 17 T, POTENCIA BRUTA 111 HP - CHP DIURNO. AF_06/2014","SINAPI","CHP",0.06712269,144.56,{"v":9.7,"d":"9.70"}]
["88316","SERVENTE COM ENCARGOS COMPLEMENTARES","SINAPI","H",0.62768793,{"v":15.6,"d":"15.60"},9.79]
[{"$nulls":4},"TOTAL SERVICO:",null,32.76]
[{"$nulls":4},"VALOR:",null,{"v":114.3,"d":"114.30"}]
[null,null,""]
["3.3.11. 102738 - BOCA PARA BUEIRO SIMPLES TUBULAR D = 60 CM EM CONCRETO,  INCLUINDO FÔRMAS E MATERIAIS. AF_07/2021 (UN)"]
["SERVICO",null,"FONTE","UNID","COEFICIENTE","PREÇO UNITÁRIO","TOTAL"]
["102730","ARMAÇÃO DE MURO ALA E MURO TESTA UTILIZANDO AÇO CA-50 DE 10 MM - MONTAGEM. AF_07/2021","SINAPI","KG",3.89521201,{"v":15.4,"d":"15.40"},59.98]
["102731","ARMAÇÃO DE MURO ALA E MURO TESTA UTILIZANDO AÇO CA-50 DE 12,5 MM - MONTAGEM. AF_07/2021","SINAPI","KG",9.59751447,{"v":13.1,"d":"13.10"},125.72]
["102728","ARMAÇÃO DE MURO ALA E MURO TESTA UTILIZANDO AÇO CA-50 DE 6,3 MM - MONTAGEM. AF_07/2021","SINAPI","KG",23.70458074,17.53,415.54]
["102729","ARMAÇÃO DE MURO ALA E MURO TESTA UTILIZANDO AÇO CA-50 DE 8 MM - MONTAGEM. AF_07/2021","SINAPI","KG",1.36016537,16.95,23.05]
["102734","ARMAÇÃO DE SOLEIRA UTILIZANDO AÇO CA-50 DE 6,3 MM - MONTAGEM. AF_07/2021","SINAPI","KG",4.20266705,{"v":16.7,"d":"16.70"},70.18]
["102736","CONCRETAGEM DE BOCA PARA BUEIRO, FCK = 20 MPA, COM USO DE BOMBA - LANÇAMENTO, ADENSAMENTO E ACABAMENTO. AF_07/2021","SINAPI","M3",0.59051391,{"v":402.4,"d":"402.40"},237.62]
["102727","FABRICAÇÃO, MONTAGEM E DESMONTAGEM DE FÔRMA PARA BOCA PARA BUEIRO, EM CHAPA DE MADEIRA COMPENSADA RESINADA, E = 17 MM, 2 UTILIZAÇÕES. AF_07/2021","SINAPI","M2",3.75041919,75.43,282.89]
["96620","LASTRO DE CONCRETO MAGRO, APLICADO EM PISOS, LAJES SOBRE SOLO OU RADIERS. AF_08/2017","SINAPI","M3",0.12770527,466.11,59.52]
[{"$nulls":4},"TOTAL SERVICO:",null,{"v":1274.5,"d":"1,274.50"}]
[{"$nulls":4},"VALOR:",null,{"v":1274.5,"d":"1,274.50"}]
[null,null,""]
["3.4.1. COMP-51076047 - LIMPEZA FINAL DA OBRA  (m2)"]
["MATERIAL",null,"FONTE","UNID","COEFICIENTE","PREÇO UNITÁRIO","TOTAL"]
["00038400","VASSOURA 40 CM COM CABO","SINAPI","UN",0.02661291,9.27,0.25]
[{"$nulls":4},"TOTAL MATERIAL:",null,0.25]
["SERVICO",null,"FONTE","UNID","COEFICIENTE","PREÇO UNITÁRIO","TOTAL"]
["88316","SERVENTE COM ENCARGOS COMPLEMENTARES","SINAPI","H",0.00532258,{"v":15.6,"d":"15.60"},0.08]
[{"$nulls":4},"TOTAL SERVICO:",null,0.08]
[{"$nulls":4},"VALOR:",null,0.33]
[null,null,""]
["4.1.1. COMP-48999838 - SERVICOS TOPOGRAFICOS PARA PAVIMENTACAO, INCLUSIVE NOTA DE SERVICOS, ACOMPANHAMENTO E GREIDE (M2)"]
["SERVICO",null,"FONTE","UNID","COEFICIENTE","PREÇO UNITÁRIO","TOTAL"]
["88253","AUXILIAR DE TOPÓGRAFO COM ENCARGOS COMPLEMENTARES","SINAPI","H",0.00229144,12.03,0.03]
["92145","CAMINHONETE CABINE SIMPLES COM MOTOR 1.6 FLEX, CÂMBIO MANUAL, POTÊNCIA 101/104 CV, 2 PORTAS - CHP DIURNO. AF_11/2015","SINAPI","CHP",0.00229144,61.04,0.14]
["88597","DESENHISTA DETALHISTA COM ENCARGOS COMPLEMENTARES","SINAPI","H",0.00229144,36.13,0.08]
["88288","NIVELADOR COM ENCARGOS COMPLEMENTARES","SINAPI","H",0.00229144,14.85,0.03]
["88316","SERVENTE COM ENCARGOS COMPLEMENTARES","SINAPI","H",0.00229144,{"v":15.6,"d":"15.60"},0.04]
[{"$nulls":4},"TOTAL SERVICO:",null,0.32]
[{"$nulls":4},"VALOR:",null,0.32]
[null,null,""]
["4.1.2. COMP-69215843 - PLACA ESMALTADA PARA IDENTIFICAÇÃO NR DE RUA, LOGRADOURO, 45X25CM (UNID)"]
["MATERIAL",null,"FONTE","UNID","COEFICIENTE","PREÇO UNITÁRIO","TOTAL"]
["00013521","PLACA DE ACO ESMALTADA PARA  IDENTIFICACAO DE RUA, *45 CM X 20* CM","SINAPI","UN",{"v":1,"d":"1.00000000"},74.25,74.25]
[{"$nulls":4},"TOTAL MATERIAL:",null,74.25]
["SERVICO",null,"FONTE","UNID","COEFICIENTE","PREÇO UNITÁRIO","TOTAL"]
["88309","PEDREIRO COM ENCARGOS COMPLEMENTARES","SINAPI","H",0.19896054,19.82,3.94]
["88316","SERVENTE COM ENCARGOS COMPLEMENTARES","SINAPI","H",0.19831951,{"v":15.6,"d":"15.60"},3.09]
[{"$nulls":4},"TOTAL SERVICO:",null,7.03]
[{"$nulls":4},"VALOR:",null,81.28]
[null,null,""]
["4.2.1. 101169 - EXECUÇÃO DE PAVIMENTO EM PARALELEPÍPEDOS, REJUNTAMENTO COM ARGAMASSA TRAÇO 1:3 (CIMENTO E AREIA). AF_05/2020 (M2)"]
["MATERIAL",null,"FONTE","UNID","COEFICIENTE","PREÇO UNITÁRIO","TOTAL"]
["00000367","AREIA GROSSA - POSTO JAZIDA/FORNECEDOR (RETIRADO NA JAZIDA, SEM TRANSPORTE)","SINAPI","M3",0.10395572,{"v":84,"d":"84.00"},8.73]
["00004385","PARALELEPIPEDO GRANITICO OU BASALTICO, PARA PAVIMENTACAO, SEM FRETE (VARIACAO REGIONAL DE PECAS POR M2)","SINAPI","MIL",0.03009244,881.67,26.53]
[{"$nulls":4},"TOTAL MATERIAL:",null,35.26]
["SERVICO",null,"FONTE","UNID","COEFICIENTE","PREÇO UNITÁRIO","TOTAL"]
["88628","ARGAMASSA TRAÇO 1:3 (EM VOLUME DE CIMENTO E AREIA MÉDIA ÚMIDA), PREPARO MECÂNICO COM BETONEIRA 400 L. AF_08/2019","SINAPI","M3",{"v":0.0186026,"d":"0.01860260"},{"v":403,"d":"403.00"},7.49]
["88260","CALCETEIRO COM ENCARGOS COMPLEMENTARES","SINAPI","H",0.36667188,19.71,7.22]
["5685","ROLO COMPACTADOR VIBRATÓRIO DE UM CILINDRO AÇO LISO, POTÊNCIA 80 HP, PESO OPERACIONAL MÁXIMO 8,1 T, IMPACTO DINÂMICO 16,15 / 9,5 T, LARGURA DE TRABALHO 1,68 M - CHI DIURNO. AF_06/2014","SINAPI","CHI",{"v":0.1193667,"d":"0.11936670"},41.63,4.96]
["5684","ROLO COMPACTADOR VIBRATÓRIO DE UM CILINDRO AÇO LISO, POTÊNCIA 80 HP, PESO OPERACIONAL MÁXIMO 8,1 T, IMPACTO DINÂMICO 16,15 / 9,5 T, LARGURA DE TRABALHO 1,68 M - CHP DIURNO. AF_06/2014","SINAPI","CHP",{"v":2.82686E-3,"d":"0.00282686"},111.02,0.31]
["88316","SERVENTE COM ENCARGOS COMPLEMENTARES","SINAPI","H",0.36667188,{"v":15.6,"d":"15.60"},5.72]
[{"$nulls":4},"TOTAL SERVICO:",null,{"v":25.7,"d":"25.70"}]
[{"$nulls":4},"VALOR:",null,60.96]
[null,null,""]
["4.2.2. 04.910.02 - ASSENTAMENTO DE MEIO FIO GRANÍTICO  (M)"]
["GERAL",null,"FONTE","UNID","COEFICIENTE","PREÇO UNITÁRIO","TOTAL"]
["COMP-65017280","FORN. E APLICAÇÃO DE MEIO FIO EM PEDRA GRANILÍTICA","PRÓPRIA","M",0.17865623,71.29,12.74]
[{"$nulls":4},"TOTAL GERAL:",null,12.74]
["MATERIAL",null,"FONTE","UNID","COEFICIENTE","PREÇO UNITÁRIO","TOTAL"]
["00000367","AREIA GROSSA - POSTO JAZIDA/FORNECEDOR (RETIRADO NA JAZIDA, SEM TRANSPORTE)","SINAPI","M3",0.17853718,{"v":84,"d":"84.00"},{"v":15,"d":"15.00"}]
["00001379","CIMENTO PORTLAND COMPOSTO CP II-32","SINAPI","KG",0.17865623,0.54,{"v":0.1,"d":"0.10"}]
[{"$nulls":4},"TOTAL MATERIAL:",null,{"v":15.1,"d":"15.10"}]
[{"$nulls":4},"VALOR:",null,27.84]
[null,null,""]
["4.2.3. 94993 - EXECUÇÃO DE PASSEIO (CALÇADA) OU PISO DE CONCRETO COM CONCRETO MOLDADO IN LOCO, USINADO, ACABAMENTO CONVENCIONAL, ESPESSURA 6 CM, ARMADO. AF_07/2016 (M2)"]
["MATERIAL",null,"FONTE","UNID","COEFICIENTE","PREÇO UNITÁRIO","TOTAL"]
["00034492","CONCRETO USINADO BOMBEAVEL, CLASSE DE RESISTENCIA C20, COM BRITA 0 E 1, SLUMP = 100 +/- 20 MM, EXCLUI SERVICO DE BOMBEAMENTO (NBR 8953)","SINAPI","M3",0.06880121,{"v":310,"d":"310.00"},21.32]
["00003777","LONA PLASTICA PESADA PRETA, E = 150 MICRA","SINAPI","M2",1.06554116,1.38,1.47]
["00004517","SARRAFO *2,5 X 7,5* CM EM PINUS, MISTA OU EQUIVALENTE DA REGIAO - BRUTA","SINAPI","M",0.42508291,4.58,1.94]
["00007156","TELA DE ACO SOLDADA NERVURADA, CA-60, Q-196, (3,11 KG/M2), DIAMETRO DO FIO = 5,0 MM, LARGURA = 2,45 M, ESPACAMENTO DA MALHA = 10 X 10 CM","SINAPI","M2",1.06025124,30.51,32.34]
[{"$nulls":4},"TOTAL MATERIAL:",null,57.07]
["SERVICO",null,"FONTE","UNID","COEFICIENTE","PREÇO UNITÁRIO","TOTAL"]
["88262","CARPINTEIRO DE FORMAS COM ENCARGOS COMPLEMENTARES","SINAPI","H",0.12790272,19.61,{"v":2.5,"d":"2.50"}]
["88309","PEDREIRO COM ENCARGOS COMPLEMENTARES","SINAPI","H",0.11174957,19.82,2.21]
["88316","SERVENTE COM ENCARGOS COMPLEMENTARES","SINAPI","H",0.23965229,{"v":15.6,"d":"15.60"},3.73]
[{"$nulls":4},"TOTAL SERVICO:",null,8.44]
[{"$nulls":4},"VALOR:",null,65.51]
[null,null,""]
["4.2.4. COMP-17702425 - rampa de acessibilidade ( passeio 1,5M) (UN) (un)"]
["MATERIAL",null,"FONTE","UNID","COEFICIENTE","PREÇO UNITÁRIO","TOTAL"]
["00007348","TINTA ACRILICA PREMIUM PARA PISO","SINAPI","L",{"v":3.6701041,"d":"3.67010410"},{"v":11.7,"d":"11.70"},42.94]
[{"$nulls":4},"TOTAL MATERIAL:",null,42.94]
["SERVICO",null,"FONTE","UNID","COEFICIENTE","PREÇO UNITÁRIO","TOTAL"]
["95241","LASTRO DE CONCRETO MAGRO, APLICADO EM PISOS, LAJES SOBRE SOLO OU RADIERS, ESPESSURA DE 5 CM. AF_07/2016","SINAPI","M2",{"v":3.6701041,"d":"3.67010410"},23.29,85.48]
["88309","PEDREIRO COM ENCARGOS COMPLEMENTARES","SINAPI","H",{"v":3.6701041,"d":"3.67010410"},19.82,72.74]
["101094","PISO PODOTÁTIL, DIRECIONAL OU ALERTA, ASSENTADO SOBRE ARGAMASSA. AF_05/2020","SINAPI","M",{"v":3.6701041,"d":"3.67010410"},{"v":134.2,"d":"134.20"},492.53]
["88316","SERVENTE COM ENCARGOS COMPLEMENTARES","SINAPI","H",{"v":3.6701041,"d":"3.67010410"},{"v":15.6,"d":"15.60"},57.25]
[{"$nulls":4},"TOTAL SERVICO:",null,{"v":708,"d":"708.00"}]
[{"$nulls":4},"VALOR:",null,750.94]
[null,null,""]
["4.2.5. S09418 - Piso tátil direcional e/ou alerta, de concreto, na cor natural, p/deficientes visuais, dimensões 25x25cm, aplicado com argamassa industrializada ac-ii, rejuntado, exclusive regularização de base (m2)"]
["MAO DE OBRA",null,"FONTE","UNID","COEFICIENTE","PREÇO UNITÁRIO","TOTAL"]
["I04750S","Pedreiro","ORSE","h",0.50554819,13.99,7.07]
["I06111S","Servente de obras","ORSE","h",1.21331564,10.55,{"v":12.8,"d":"12.80"}]
[{"$nulls":4},"TOTAL MAO DE OBRA:",null,19.87]
["MATERIAL",null,"FONTE","UNID","COEFICIENTE","PREÇO UNITÁRIO","TOTAL"]
["I02684","Argamassa industrializada Votomassa AC-II, ou similar","ORSE","kg",4.04438548,1.09,4.41]
["I09758","Piso tátil direcional e/ou alerta, de concreto, na cor natural, dim 25x25 cm  - para deficiente visual","ORSE","m2",1.06165119,48.69,51.69]
["I02540","Rejunte colorido flexivel  para revestimentos cerâmicos","ORSE","kg",0.52577011,{"v":3.5,"d":"3.50"},1.84]
[{"$nulls":4},"TOTAL MATERIAL:",null,57.94]
["SERVICO",null,"FONTE","UNID","COEFICIENTE","PREÇO UNITÁRIO","TOTAL"]
["S10550","Encargos Complementares - Pedreiro","ORSE","h",0.50554819,3.46,1.75]
["S10549","Encargos Complementares - Servente","ORSE","h",1.21331564,3.54,{"v":4.3,"d":"4.30"}]
[{"$nulls":4},"TOTAL SERVICO:",null,6.05]
[{"$nulls":4},"VALOR:",null,83.86]
[null,null,""]
["4.2.6. 102498 - PINTURA DE MEIO-FIO COM TINTA BRANCA A BASE DE CAL (CAIAÇÃO). AF_05/2021 (M)"]
["MATERIAL",null,"FONTE","UNID","COEFICIENTE","PREÇO UNITÁRIO","TOTAL"]
["00011161","CAL HIDRATADA PARA PINTURA","SINAPI","KG",0.10503636,0.92,0.09]
[{"$nulls":4},"TOTAL MATERIAL:",null,0.09]
["SERVICO",null,"FONTE","UNID","COEFICIENTE","PREÇO UNITÁRIO","TOTAL"]
["88310","PINTOR COM ENCARGOS COMPLEMENTARES","SINAPI","H",0.03666363,20.82,0.76]
["88316","SERVENTE COM ENCARGOS COMPLEMENTARES","SINAPI","H",0.01585454,{"v":15.6,"d":"15.60"},0.24]
[{"$nulls":4},"TOTAL SERVICO:",null,{"v":1,"d":"1.00"}]
[{"$nulls":4},"VALOR:",null,1.09]
[null,null,""]
["4.3.1. COMP-51076047 - LIMPEZA FINAL DA OBRA  (m2)"]
["MATERIAL",null,"FONTE","UNID","COEFICIENTE","PREÇO UNITÁRIO","TOTAL"]
["00038400","VASSOURA 40 CM COM CABO","SINAPI","UN",0.02661291,9.27,0.25]
[{"$nulls":4},"TOTAL MATERIAL:",null,0.25]
["SERVICO",null,"FONTE","UNID","COEFICIENTE","PREÇO UNITÁRIO","TOTAL"]
["88316","SERVENTE COM ENCARGOS COMPLEMENTARES","SINAPI","H",0.00532258,{"v":15.6,"d":"15.60"},0.08]
[{"$nulls":4},"TOTAL SERVICO:",null,0.08]
[{"$nulls":4},"VALOR:",null,0.33]
[null,null,""]
["5.1.1. COMP-48999838 - SERVICOS TOPOGRAFICOS PARA PAVIMENTACAO, INCLUSIVE NOTA DE SERVICOS, ACOMPANHAMENTO E GREIDE (M2)"]
["SERVICO",null,"FONTE","UNID","COEFICIENTE","PREÇO UNITÁRIO","TOTAL"]
["88253","AUXILIAR DE TOPÓGRAFO COM ENCARGOS COMPLEMENTARES","SINAPI","H",0.00229144,12.03,0.03]
["92145","CAMINHONETE CABINE SIMPLES COM MOTOR 1.6 FLEX, CÂMBIO MANUAL, POTÊNCIA 101/104 CV, 2 PORTAS - CHP DIURNO. AF_11/2015","SINAPI","CHP",0.00229144,61.04,0.14]
["88597","DESENHISTA DETALHISTA COM ENCARGOS COMPLEMENTARES","SINAPI","H",0.00229144,36.13,0.08]
["88288","NIVELADOR COM ENCARGOS COMPLEMENTARES","SINAPI","H",0.00229144,14.85,0.03]
["88316","SERVENTE COM ENCARGOS COMPLEMENTARES","SINAPI","H",0.00229144,{"v":15.6,"d":"15.60"},0.04]
[{"$nulls":4},"TOTAL SERVICO:",null,0.32]
[{"$nulls":4},"VALOR:",null,0.32]
[null,null,""]
["5.1.2. COMP-69215843 - PLACA ESMALTADA PARA IDENTIFICAÇÃO NR DE RUA, LOGRADOURO, 45X25CM (UNID)"]
["MATERIAL",null,"FONTE","UNID","COEFICIENTE","PREÇO UNITÁRIO","TOTAL"]
["00013521","PLACA DE ACO ESMALTADA PARA  IDENTIFICACAO DE RUA, *45 CM X 20* CM","SINAPI","UN",{"v":1,"d":"1.00000000"},74.25,74.25]
[{"$nulls":4},"TOTAL MATERIAL:",null,74.25]
["SERVICO",null,"FONTE","UNID","COEFICIENTE","PREÇO UNITÁRIO","TOTAL"]
["88309","PEDREIRO COM ENCARGOS COMPLEMENTARES","SINAPI","H",0.19896054,19.82,3.94]
["88316","SERVENTE COM ENCARGOS COMPLEMENTARES","SINAPI","H",0.19831951,{"v":15.6,"d":"15.60"},3.09]
[{"$nulls":4},"TOTAL SERVICO:",null,7.03]
[{"$nulls":4},"VALOR:",null,81.28]
[null,null,""]
["5.2.1. 101169 - EXECUÇÃO DE PAVIMENTO EM PARALELEPÍPEDOS, REJUNTAMENTO COM ARGAMASSA TRAÇO 1:3 (CIMENTO E AREIA). AF_05/2020 (M2)"]
["MATERIAL",null,"FONTE","UNID","COEFICIENTE","PREÇO UNITÁRIO","TOTAL"]
["00000367","AREIA GROSSA - POSTO JAZIDA/FORNECEDOR (RETIRADO NA JAZIDA, SEM TRANSPORTE)","SINAPI","M3",0.10395572,{"v":84,"d":"84.00"},8.73]
["00004385","PARALELEPIPEDO GRANITICO OU BASALTICO, PARA PAVIMENTACAO, SEM FRETE (VARIACAO REGIONAL DE PECAS POR M2)","SINAPI","MIL",0.03009244,881.67,26.53]
[{"$nulls":4},"TOTAL MATERIAL:",null,35.26]
["SERVICO",null,"FONTE","UNID","COEFICIENTE","PREÇO UNITÁRIO","TOTAL"]
["88628","ARGAMASSA TRAÇO 1:3 (EM VOLUME DE CIMENTO E AREIA MÉDIA ÚMIDA), PREPARO MECÂNICO COM BETONEIRA 400 L. AF_08/2019","SINAPI","M3",{"v":0.0186026,"d":"0.01860260"},{"v":403,"d":"403.00"},7.49]
["88260","CALCETEIRO COM ENCARGOS COMPLEMENTARES","SINAPI","H",0.36667188,19.71,7.22]
["5685","ROLO COMPACTADOR VIBRATÓRIO DE UM CILINDRO AÇO LISO, POTÊNCIA 80 HP, PESO OPERACIONAL MÁXIMO 8,1 T, IMPACTO DINÂMICO 16,15 / 9,5 T, LARGURA DE TRABALHO 1,68 M - CHI DIURNO. AF_06/2014","SINAPI","CHI",{"v":0.1193667,"d":"0.11936670"},41.63,4.96]
["5684","ROLO COMPACTADOR VIBRATÓRIO DE UM CILINDRO AÇO LISO, POTÊNCIA 80 HP, PESO OPERACIONAL MÁXIMO 8,1 T, IMPACTO DINÂMICO 16,15 / 9,5 T, LARGURA DE TRABALHO 1,68 M - CHP DIURNO. AF_06/2014","SINAPI","CHP",{"v":2.82686E-3,"d":"0.00282686"},111.02,0.31]
["88316","SERVENTE COM ENCARGOS COMPLEMENTARES","SINAPI","H",0.36667188,{"v":15.6,"d":"15.60"},5.72]
[{"$nulls":4},"TOTAL SERVICO:",null,{"v":25.7,"d":"25.70"}]
[{"$nulls":4},"VALOR:",null,60.96]
[null,null,""]
["5.2.2. 04.910.02 - ASSENTAMENTO DE MEIO FIO GRANÍTICO  (M)"]
["GERAL",null,"FONTE","UNID","COEFICIENTE","PREÇO UNITÁRIO","TOTAL"]
["COMP-65017280","FORN. E APLICAÇÃO DE MEIO FIO EM PEDRA GRANILÍTICA","PRÓPRIA","M",0.17865623,71.29,12.74]
[{"$nulls":4},"TOTAL GERAL:",null,12.74]
["MATERIAL",null,"FONTE","UNID","COEFICIENTE","PREÇO UNITÁRIO","TOTAL"]
["00000367","AREIA GROSSA - POSTO JAZIDA/FORNECEDOR (RETIRADO NA JAZIDA, SEM TRANSPORTE)","SINAPI","M3",0.17853718,{"v":84,"d":"84.00"},{"v":15,"d":"15.00"}]
["00001379","CIMENTO PORTLAND COMPOSTO CP II-32","SINAPI","KG",0.17865623,0.54,{"v":0.1,"d":"0.10"}]
[{"$nulls":4},"TOTAL MATERIAL:",null,{"v":15.1,"d":"15.10"}]
[{"$nulls":4},"VALOR:",null,27.84]
[null,null,""]
["5.2.3. 04.910.02 - ASSENTAMENTO DE MEIO FIO GRANÍTICO  (M)"]
["GERAL",null,"FONTE","UNID","COEFICIENTE","PREÇO UNITÁRIO","TOTAL"]
["COMP-65017280","FORN. E APLICAÇÃO DE MEIO FIO EM PEDRA GRANILÍTICA","PRÓPRIA","M",0.17865623,71.29,12.74]
[{"$nulls":4},"TOTAL GERAL:",null,12.74]
["MATERIAL",null,"FONTE","UNID","COEFICIENTE","PREÇO UNITÁRIO","TOTAL"]
["00000367","AREIA GROSSA - POSTO JAZIDA/FORNECEDOR (RETIRADO NA JAZIDA, SEM TRANSPORTE)","SINAPI","M3",0.17853718,{"v":84,"d":"84.00"},{"v":15,"d":"15.00"}]
["00001379","CIMENTO PORTLAND COMPOSTO CP II-32","SINAPI","KG",0.17865623,0.54,{"v":0.1,"d":"0.10"}]
[{"$nulls":4},"TOTAL MATERIAL:",null,{"v":15.1,"d":"15.10"}]
[{"$nulls":4},"VALOR:",null,27.84]
[null,null,""]
["5.2.4. 94993 - EXECUÇÃO DE PASSEIO (CALÇADA) OU PISO DE CONCRETO COM CONCRETO MOLDADO IN LOCO, USINADO, ACABAMENTO CONVENCIONAL, ESPESSURA 6 CM, ARMADO. AF_07/2016 (M2)"]
["MATERIAL",null,"FONTE","UNID","COEFICIENTE","PREÇO UNITÁRIO","TOTAL"]
["00034492","CONCRETO USINADO BOMBEAVEL, CLASSE DE RESISTENCIA C20, COM BRITA 0 E 1, SLUMP = 100 +/- 20 MM, EXCLUI SERVICO DE BOMBEAMENTO (NBR 8953)","SINAPI","M3",0.06880121,{"v":310,"d":"310.00"},21.32]
["00003777","LONA PLASTICA PESADA PRETA, E = 150 MICRA","SINAPI","M2",1.06554116,1.38,1.47]
["00004517","SARRAFO *2,5 X 7,5* CM EM PINUS, MISTA OU EQUIVALENTE DA REGIAO - BRUTA","SINAPI","M",0.42508291,4.58,1.94]
["00007156","TELA DE ACO SOLDADA NERVURADA, CA-60, Q-196, (3,11 KG/M2), DIAMETRO DO FIO = 5,0 MM, LARGURA = 2,45 M, ESPACAMENTO DA MALHA = 10 X 10 CM","SINAPI","M2",1.06025124,30.51,32.34]
[{"$nulls":4},"TOTAL MATERIAL:",null,57.07]
["SERVICO",null,"FONTE","UNID","COEFICIENTE","PREÇO UNITÁRIO","TOTAL"]
["88262","CARPINTEIRO DE FORMAS COM ENCARGOS COMPLEMENTARES","SINAPI","H",0.12790272,19.61,{"v":2.5,"d":"2.50"}]
["88309","PEDREIRO COM ENCARGOS COMPLEMENTARES","SINAPI","H",0.11174957,19.82,2.21]
["88316","SERVENTE COM ENCARGOS COMPLEMENTARES","SINAPI","H",0.23965229,{"v":15.6,"d":"15.60"},3.73]
[{"$nulls":4},"TOTAL SERVICO:",null,8.44]
[{"$nulls":4},"VALOR:",null,65.51]
[null,null,""]
["5.2.5. COMP-17702425 - rampa de acessibilidade ( passeio 1,5M) (UN) (un)"]
["MATERIAL",null,"FONTE","UNID","COEFICIENTE","PREÇO UNITÁRIO","TOTAL"]
["00007348","TINTA ACRILICA PREMIUM PARA PISO","SINAPI","L",{"v":3.6701041,"d":"3.67010410"},{"v":11.7,"d":"11.70"},42.94]
[{"$nulls":4},"TOTAL MATERIAL:",null,42.94]
["SERVICO",null,"FONTE","UNID","COEFICIENTE","PREÇO UNITÁRIO","TOTAL"]
["95241","LASTRO DE CONCRETO MAGRO, APLICADO EM PISOS, LAJES SOBRE SOLO OU RADIERS, ESPESSURA DE 5 CM. AF_07/2016","SINAPI","M2",{"v":3.6701041,"d":"3.67010410"},23.29,85.48]
["88309","PEDREIRO COM ENCARGOS COMPLEMENTARES","SINAPI","H",{"v":3.6701041,"d":"3.67010410"},19.82,72.74]
["101094","PISO PODOTÁTIL, DIRECIONAL OU ALERTA, ASSENTADO SOBRE ARGAMASSA. AF_05/2020","SINAPI","M",{"v":3.6701041,"d":"3.67010410"},{"v":134.2,"d":"134.20"},492.53]
["88316","SERVENTE COM ENCARGOS COMPLEMENTARES","SINAPI","H",{"v":3.6701041,"d":"3.67010410"},{"v":15.6,"d":"15.60"},57.25]
[{"$nulls":4},"TOTAL SERVICO:",null,{"v":708,"d":"708.00"}]
[{"$nulls":4},"VALOR:",null,750.94]
[null,null,""]
["5.2.6. S09418 - Piso tátil direcional e/ou alerta, de concreto, na cor natural, p/deficientes visuais, dimensões 25x25cm, aplicado com argamassa industrializada ac-ii, rejuntado, exclusive regularização de base (m2)"]
["MAO DE OBRA",null,"FONTE","UNID","COEFICIENTE","PREÇO UNITÁRIO","TOTAL"]
["I04750S","Pedreiro","ORSE","h",0.50554819,13.99,7.07]
["I06111S","Servente de obras","ORSE","h",1.21331564,10.55,{"v":12.8,"d":"12.80"}]
[{"$nulls":4},"TOTAL MAO DE OBRA:",null,19.87]
["MATERIAL",null,"FONTE","UNID","COEFICIENTE","PREÇO UNITÁRIO","TOTAL"]
["I02684","Argamassa industrializada Votomassa AC-II, ou similar","ORSE","kg",4.04438548,1.09,4.41]
["I09758","Piso tátil direcional e/ou alerta, de concreto, na cor natural, dim 25x25 cm  - para deficiente visual","ORSE","m2",1.06165119,48.69,51.69]
["I02540","Rejunte colorido flexivel  para revestimentos cerâmicos","ORSE","kg",0.52577011,{"v":3.5,"d":"3.50"},1.84]
[{"$nulls":4},"TOTAL MATERIAL:",null,57.94]
["SERVICO",null,"FONTE","UNID","COEFICIENTE","PREÇO UNITÁRIO","TOTAL"]
["S10550","Encargos Complementares - Pedreiro","ORSE","h",0.50554819,3.46,1.75]
["S10549","Encargos Complementares - Servente","ORSE","h",1.21331564,3.54,{"v":4.3,"d":"4.30"}]
[{"$nulls":4},"TOTAL SERVICO:",null,6.05]
[{"$nulls":4},"VALOR:",null,83.86]
[null,null,""]
["5.2.7. 102498 - PINTURA DE MEIO-FIO COM TINTA BRANCA A BASE DE CAL (CAIAÇÃO). AF_05/2021 (M)"]
["MATERIAL",null,"FONTE","UNID","COEFICIENTE","PREÇO UNITÁRIO","TOTAL"]
["00011161","CAL HIDRATADA PARA PINTURA","SINAPI","KG",0.10503636,0.92,0.09]
[{"$nulls":4},"TOTAL MATERIAL:",null,0.09]
["SERVICO",null,"FONTE","UNID","COEFICIENTE","PREÇO UNITÁRIO","TOTAL"]
["88310","PINTOR COM ENCARGOS COMPLEMENTARES","SINAPI","H",0.03666363,20.82,0.76]
["88316","SERVENTE COM ENCARGOS COMPLEMENTARES","SINAPI","H",0.01585454,{"v":15.6,"d":"15.60"},0.24]
[{"$nulls":4},"TOTAL SERVICO:",null,{"v":1,"d":"1.00"}]
[{"$nulls":4},"VALOR:",null,1.09]
[null,null,""]
["5.3.1. 99063 - LOCAÇÃO DE REDE DE ÁGUA OU ESGOTO. AF_10/2018 (M)"]
["SERVICO",null,"FONTE","UNID","COEFICIENTE","PREÇO UNITÁRIO","TOTAL"]
["99061","LOCAÇÃO COM CAVALETE COM ALTURA DE 0,50 M - 2 UTILIZAÇÕES. AF_10/2018","SINAPI","UN",0.04920849,81.49,{"v":4,"d":"4.00"}]
[{"$nulls":4},"TOTAL SERVICO:",null,{"v":4,"d":"4.00"}]
[{"$nulls":4},"VALOR:",null,4.01]
[null,null,""]
["5.3.2. 90092 - ESCAVAÇÃO MECANIZADA DE VALA COM PROF. MAIOR QUE 1,5 M E ATÉ 3,0 M(MÉDIA ENTRE MONTANTE E JUSANTE/UMA COMPOSIÇÃO POR TRECHO), COM ESCAVADEIRA HIDRÁULICA (0,8 M3/111 HP), LARG. MENOR QUE 1,5 M, EM SOLO DE 1A CATEGORIA, LOCAIS COM BAIXO NÍVEL DE INTERFERÊNCIA. AF_02/2021 (M3)"]
["SERVICO",null,"FONTE","UNID","COEFICIENTE","PREÇO UNITÁRIO","TOTAL"]
["5632","ESCAVADEIRA HIDRÁULICA SOBRE ESTEIRAS, CAÇAMBA 0,80 M3, PESO OPERACIONAL 17 T, POTENCIA BRUTA 111 HP - CHI DIURNO. AF_06/2014","SINAPI","CHI",0.01709189,55.42,0.94]
["5631","ESCAVADEIRA HIDRÁULICA SOBRE ESTEIRAS, CAÇAMBA 0,80 M3, PESO OPERACIONAL 17 T, POTENCIA BRUTA 111 HP - CHP DIURNO. AF_06/2014","SINAPI","CHP",0.01572088,144.56,2.27]
["88316","SERVENTE COM ENCARGOS COMPLEMENTARES","SINAPI","H",0.03281277,{"v":15.6,"d":"15.60"},0.51]
[{"$nulls":4},"TOTAL SERVICO:",null,3.72]
[{"$nulls":4},"VALOR:",null,3.72]
[null,null,""]
["5.3.3. 101573 - ESCORAMENTO DE VALA, TIPO PONTALETEAMENTO, COM PROFUNDIDADE DE 1,5 A 3,0 M, LARGURA MAIOR OU IGUAL A 1,5 M E MENOR QUE 2,5 M. AF_08/2020 (M2)"]
["MATERIAL",null,"FONTE","UNID","COEFICIENTE","PREÇO UNITÁRIO","TOTAL"]
["00021138","MOURAO ROLICO DE MADEIRA TRATADA, D = 8 A 11 CM, H = 2,20 M, EM EUCALIPTO OU EQUIVALENTE DA REGIAO (PARA CERCA)","SINAPI","M",0.07393089,7.13,0.52]
["00005061","PREGO DE ACO POLIDO COM CABECA 18 X 27 (2 1/2 X 10)","SINAPI","KG",0.00698314,22.33,0.15]
["00006189","TABUA NAO APARELHADA *2,5 X 30* CM, EM MACARANDUBA, ANGELIM OU EQUIVALENTE DA REGIAO - BRUTA","SINAPI","M",0.12941309,19.28,2.49]
[{"$nulls":4},"TOTAL MATERIAL:",null,3.16]
["SERVICO",null,"FONTE","UNID","COEFICIENTE","PREÇO UNITÁRIO","TOTAL"]
["88262","CARPINTEIRO DE FORMAS COM ENCARGOS COMPLEMENTARES","SINAPI","H",0.38211242,19.61,7.49]
["88316","SERVENTE COM ENCARGOS COMPLEMENTARES","SINAPI","H",0.16379164,{"v":15.6,"d":"15.60"},2.55]
[{"$nulls":4},"TOTAL SERVICO:",null,10.04]
[{"$nulls":4},"VALOR:",null,{"v":13.2,"d":"13.20"}]
[null,null,""]
["5.3.4. COMP-97632275 - COLCHÃO DE AREIA (M3) (m3)"]
["MATERIAL",null,"FONTE","UNID","COEFICIENTE","PREÇO UNITÁRIO","TOTAL"]
["00000366","AREIA FINA - POSTO JAZIDA/FORNECEDOR (RETIRADO NA JAZIDA, SEM TRANSPORTE)","SINAPI","M3",1.03556485,{"v":80,"d":"80.00"},82.85]
[{"$nulls":4},"TOTAL MATERIAL:",null,82.85]
["SERVICO",null,"FONTE","UNID","COEFICIENTE","PREÇO UNITÁRIO","TOTAL"]
["88316","SERVENTE COM ENCARGOS COMPLEMENTARES","SINAPI","H",1.03556485,{"v":15.6,"d":"15.60"},16.15]
[{"$nulls":4},"TOTAL SERVICO:",null,16.15]
[{"$nulls":4},"VALOR:",null,{"v":99,"d":"99.00"}]
[null,null,""]
["5.3.5. 92212 - TUBO DE CONCRETO PARA REDES COLETORAS DE ÁGUAS PLUVIAIS, DIÂMETRO DE 600 MM, JUNTA RÍGIDA, INSTALADO EM LOCAL COM BAIXO NÍVEL DE INTERFERÊNCIAS - FORNECIMENTO E ASSENTAMENTO. AF_12/2015 (M)"]
["MATERIAL",null,"FONTE","UNID","COEFICIENTE","PREÇO UNITÁRIO","TOTAL"]
["00007725","TUBO DE CONCRETO ARMADO PARA AGUAS PLUVIAIS, CLASSE PA-1, COM ENCAIXE PONTA E BOLSA, DIAMETRO NOMINAL DE = 600 MM","SINAPI","M",0.93295122,168.89,157.56]
[{"$nulls":4},"TOTAL MATERIAL:",null,157.56]
["SERVICO",null,"FONTE","UNID","COEFICIENTE","PREÇO UNITÁRIO","TOTAL"]
["88629","ARGAMASSA TRAÇO 1:3 (EM VOLUME DE CIMENTO E AREIA MÉDIA ÚMIDA), PREPARO MANUAL. AF_08/2019","SINAPI","M3",0.00452888,485.43,2.19]
["88246","ASSENTADOR DE TUBOS COM ENCARGOS COMPLEMENTARES","SINAPI","H",0.44654849,14.66,6.54]
["5632","ESCAVADEIRA HIDRÁULICA SOBRE ESTEIRAS, CAÇAMBA 0,80 M3, PESO OPERACIONAL 17 T, POTENCIA BRUTA 111 HP - CHI DIURNO. AF_06/2014","SINAPI","CHI",0.20017691,55.42,11.09]
["5631","ESCAVADEIRA HIDRÁULICA SOBRE ESTEIRAS, CAÇAMBA 0,80 M3, PESO OPERACIONAL 17 T, POTENCIA BRUTA 111 HP - CHP DIURNO. AF_06/2014","SINAPI","CHP",0.09510667,144.56,13.74]
["88316","SERVENTE COM ENCARGOS COMPLEMENTARES","SINAPI","H",0.89309699,{"v":15.6,"d":"15.60"},13.93]
[{"$nulls":4},"TOTAL SERVICO:",null,47.49]
[{"$nulls":4},"VALOR:",null,205.05]
[null,null,""]
["5.3.6. 93360 - REATERRO MECANIZADO DE VALA COM ESCAVADEIRA HIDRÁULICA (CAPACIDADE DA CAÇAMBA: 0,8 M³ / POTÊNCIA: 111 HP), LARGURA DE 1,5 A 2,5 M, PROFUNDIDADE ATÉ 1,5 M, COM SOLO DE 1ª CATEGORIA EM LOCAIS COM ALTO NÍVEL DE INTERFERÊNCIA. AF_04/2016 (M3)"]
["SERVICO",null,"FONTE","UNID","COEFICIENTE","PREÇO UNITÁRIO","TOTAL"]
["91534","COMPACTADOR DE SOLOS DE PERCUSSÃO (SOQUETE) COM MOTOR A GASOLINA 4 TEMPOS, POTÊNCIA 4 CV - CHI DIURNO. AF_08/2015","SINAPI","CHI",0.08105273,17.36,{"v":1.4,"d":"1.40"}]
["91533","COMPACTADOR DE SOLOS DE PERCUSSÃO (SOQUETE) COM MOTOR A GASOLINA 4 TEMPOS, POTÊNCIA 4 CV - CHP DIURNO. AF_08/2015","SINAPI","CHP",0.08757421,23.95,2.09]
["5632","ESCAVADEIRA HIDRÁULICA SOBRE ESTEIRAS, CAÇAMBA 0,80 M3, PESO OPERACIONAL 17 T, POTENCIA BRUTA 111 HP - CHI DIURNO. AF_06/2014","SINAPI","CHI",0.05310351,55.42,2.94]
["5631","ESCAVADEIRA HIDRÁULICA SOBRE ESTEIRAS, CAÇAMBA 0,80 M3, PESO OPERACIONAL 17 T, POTENCIA BRUTA 111 HP - CHP DIURNO. AF_06/2014","SINAPI","CHP",0.04006054,144.56,5.79]
["88316","SERVENTE COM ENCARGOS COMPLEMENTARES","SINAPI","H",0.04192382,{"v":15.6,"d":"15.60"},0.65]
["95606","UMIDIFICAÇÃO DE MATERIAL PARA VALAS COM CAMINHÃO PIPA 10000L. AF_11/2016","SINAPI","M3",0.93164062,1.54,1.43]
[{"$nulls":4},"TOTAL SERVICO:",null,{"v":14.3,"d":"14.30"}]
[{"$nulls":4},"VALOR:",null,{"v":14.3,"d":"14.30"}]
[null,null,""]
["5.3.7. COMP-19845271 - BOCA DE LOBO EM ALVENARIA TIJOLO MACICO, REVESTIDA C/ ARGAMASSA DE CIMENTO E AREIA 1:3, SOBRE LASTRO DE CONCRETO 10CM E TAMPA DE CONCRETO ARMADO (un)"]
["MATERIAL",null,"FONTE","UNID","COEFICIENTE","PREÇO UNITÁRIO","TOTAL"]
["00001350","!EM PROCESSO DE DESATIVACAO! CHAPA DE MADEIRA COMPENSADA RESINADA PARA FORMA DE CONCRETO, DE *2,2 X 1,1* M, E = 10 MM","SINAPI","UN",{"v":1,"d":"1.00000000"},{"v":42,"d":"42.00"},{"v":42,"d":"42.00"}]
["00000034","ACO CA-50, 10,0 MM, VERGALHAO","SINAPI","KG",2.04996534,11.67,23.92]
["00043132","ARAME RECOZIDO 16 BWG, D = 1,65 MM (0,016 KG/M) OU 18 BWG, D = 1,25 MM (0,01 KG/M)","SINAPI","KG",2.04996534,24.27,49.75]
["00000367","AREIA GROSSA - POSTO JAZIDA/FORNECEDOR (RETIRADO NA JAZIDA, SEM TRANSPORTE)","SINAPI","M3",2.04996534,{"v":84,"d":"84.00"},{"v":172.2,"d":"172.20"}]
["00001106","CAL HIDRATADA CH-I PARA ARGAMASSAS","SINAPI","KG",2.04996534,0.55,1.13]
["00001379","CIMENTO PORTLAND COMPOSTO CP II-32","SINAPI","KG",2.04996534,0.54,1.11]
["00004721","PEDRA BRITADA N. 1 (9,5 a 19 MM) POSTO PEDREIRA/FORNECEDOR, SEM FRETE","SINAPI","M3",2.04996534,{"v":94.5,"d":"94.50"},193.72]
["00004718","PEDRA BRITADA N. 2 (19 A 38 MM) POSTO PEDREIRA/FORNECEDOR, SEM FRETE","SINAPI","M3",2.04996534,{"v":95,"d":"95.00"},194.75]
["00006189","TABUA NAO APARELHADA *2,5 X 30* CM, EM MACARANDUBA, ANGELIM OU EQUIVALENTE DA REGIAO - BRUTA","SINAPI","M",2.04996534,19.28,39.52]
["00007258","TIJOLO CERAMICO MACICO COMUM *5 X 10 X 20* CM (L X A X C)","SINAPI","UN",{"v":1,"d":"1.00000000"},0.56,0.56]
[{"$nulls":4},"TOTAL MATERIAL:",null,718.66]
["SERVICO",null,"FONTE","UNID","COEFICIENTE","PREÇO UNITÁRIO","TOTAL"]
["88245","ARMADOR COM ENCARGOS COMPLEMENTARES","SINAPI","H",2.04996534,19.71,{"v":40.4,"d":"40.40"}]
["88262","CARPINTEIRO DE FORMAS COM ENCARGOS COMPLEMENTARES","SINAPI","H",2.04996534,19.61,{"v":40.2,"d":"40.20"}]
["88309","PEDREIRO COM ENCARGOS COMPLEMENTARES","SINAPI","H",2.04996534,19.82,40.63]
["88316","SERVENTE COM ENCARGOS COMPLEMENTARES","SINAPI","H",2.04996534,{"v":15.6,"d":"15.60"},31.98]
[{"$nulls":4},"TOTAL SERVICO:",null,153.21]
[{"$nulls":4},"VALOR:",null,871.87]
[null,null,""]
["5.3.8. 83716 - GRELHA FF 30X100CM, COM ASSENTAMENTO DE ARGAMASSA CIMENTO/AREIA 1:4 (UN)"]
["MATERIAL",null,"FONTE","UNID","COEFICIENTE","PREÇO UNITÁRIO","TOTAL"]
["00011245","GRELHA FOFO SIMPLES COM REQUADRO, CARGA MAXIMA  12,5 T, *300 X 1000* MM, E= *15* MM, AREA ESTACIONAMENTO CARRO PASSEIO","SINAPI","UN",{"v":1,"d":"1.00000000"},404.65,404.65]
[{"$nulls":4},"TOTAL MATERIAL:",null,404.65]
["SERVICO",null,"FONTE","UNID","COEFICIENTE","PREÇO UNITÁRIO","TOTAL"]
["87316","ARGAMASSA TRAÇO 1:4 (EM VOLUME DE CIMENTO E AREIA GROSSA ÚMIDA) PARA CHAPISCO CONVENCIONAL, PREPARO MECÂNICO COM BETONEIRA 400 L. AF_08/2019","SINAPI","M3",0.01609231,340.19,5.47]
["88309","PEDREIRO COM ENCARGOS COMPLEMENTARES","SINAPI","H",5.22038973,19.82,103.46]
["88316","SERVENTE COM ENCARGOS COMPLEMENTARES","SINAPI","H",5.22039017,{"v":15.6,"d":"15.60"},81.43]
[{"$nulls":4},"TOTAL SERVICO:",null,190.36]
[{"$nulls":4},"VALOR:",null,595.01]
[null,null,""]
["5.3.9. COMP-87246896 - POÇO DE VISITA EM ALVENARIA TIJ. MACIÇOS * ESP.=20M ; DIM. INTERNO = 1,20X1,20X1,60M; LAJE SUPERIOR C. A. ESPESSURA DE =0,15M, INCLUSIVE TAMPÃO TD-600 (UN)"]
["GERAL",null,"FONTE","UNID","COEFICIENTE","PREÇO UNITÁRIO","TOTAL"]
["COMP-16529465","TAMPAO FOFO ARTICULADO, CLASSE B125 CARGA MAX 12,5 T, REDONDO TAMPA 600 MM, REDE PLUVIAL/ESGOTO, P = CHAMINE CX AREIA / POCO VISITA ASSENTADO COM ARG CIM/AREIA 1:4, FORNECIMENTO E ASSENTAMENTO","PRÓPRIA","un",{"v":1,"d":"1.00000000"},{"v":1036.07,"d":"1,036.07"},{"v":1036.07,"d":"1,036.07"}]
["INS-829266","ALVENARIA EM TIJOLO CERAMICO 5X10X20CM 1 VEZ ( ESPESSURA DE 20CM ), ASSENTADO COM ARGAMASSA TRAÇO 1:2:8( CIMENTO, CAL E AREIA)","PRÓPRIA","M2",12.00455147,158.98,{"v":1908.48,"d":"1,908.48"}]
[{"$nulls":4},"TOTAL GERAL:",null,{"v":2944.55,"d":"2,944.55"}]
["SERVICO",null,"FONTE","UNID","COEFICIENTE","PREÇO UNITÁRIO","TOTAL"]
["6106220","Armação de fuste de tubulão em aço CA-50 com apoio de guindaste - fornecimento, preparo e colocação","SICRO NOVO","kg",{"v":0.0968109,"d":"0.09681090"},11.27,1.09]
["94969","CONCRETO FCK = 15MPA, TRAÇO 1:3,4:3,5 (EM MASSA SECA DE CIMENTO/ AREIA MÉDIA/ BRITA 1) - PREPARO MECÂNICO COM BETONEIRA 600 L. AF_05/2021","SINAPI","M3",0.00834994,325.11,2.71]
["87792","EMBOÇO OU MASSA ÚNICA EM ARGAMASSA TRAÇO 1:2:8, PREPARO MECÂNICO COM BETONEIRA 400 L, APLICADA MANUALMENTE EM PANOS CEGOS DE FACHADA (SEM PRESENÇA DE VÃOS), ESPESSURA DE 25 MM. AF_06/2014","SINAPI","M2",0.10794415,28.03,3.03]
["92419","MONTAGEM E DESMONTAGEM DE FÔRMA DE PILARES RETANGULARES E ESTRUTURAS SIMILARES, PÉ-DIREITO SIMPLES, EM CHAPA DE MADEIRA COMPENSADA RESINADA, 4 UTILIZAÇÕES. AF_09/2020","SINAPI","M2",0.04027333,64.29,2.59]
[{"$nulls":4},"TOTAL SERVICO:",null,9.42]
[{"$nulls":4},"VALOR:",null,{"v":2953.97,"d":"2,953.97"}]
[null,null,""]
["5.3.10. 92210 - TUBO DE CONCRETO PARA REDES COLETORAS DE ÁGUAS PLUVIAIS, DIÂMETRO DE 400 MM, JUNTA RÍGIDA, INSTALADO EM LOCAL COM BAIXO NÍVEL DE INTERFERÊNCIAS - FORNECIMENTO E ASSENTAMENTO. AF_12/2015 (M)"]
["MATERIAL",null,"FONTE","UNID","COEFICIENTE","PREÇO UNITÁRIO","TOTAL"]
["00007745","TUBO DE CONCRETO ARMADO PARA AGUAS PLUVIAIS, CLASSE PA-1, COM ENCAIXE PONTA E BOLSA, DIAMETRO NOMINAL DE 400 MM","SINAPI","M",0.93427539,87.28,81.54]
[{"$nulls":4},"TOTAL MATERIAL:",null,81.54]
["SERVICO",null,"FONTE","UNID","COEFICIENTE","PREÇO UNITÁRIO","TOTAL"]
["88629","ARGAMASSA TRAÇO 1:3 (EM VOLUME DE CIMENTO E AREIA MÉDIA ÚMIDA), PREPARO MANUAL. AF_08/2019","SINAPI","M3",{"v":1.81412E-3,"d":"0.00181412"},485.43,0.88]
["88246","ASSENTADOR DE TUBOS COM ENCARGOS COMPLEMENTARES","SINAPI","H",0.31384396,14.66,{"v":4.6,"d":"4.60"}]
["5632","ESCAVADEIRA HIDRÁULICA SOBRE ESTEIRAS, CAÇAMBA 0,80 M3, PESO OPERACIONAL 17 T, POTENCIA BRUTA 111 HP - CHI DIURNO. AF_06/2014","SINAPI","CHI",0.14059484,55.42,7.79]
["5631","ESCAVADEIRA HIDRÁULICA SOBRE ESTEIRAS, CAÇAMBA 0,80 M3, PESO OPERACIONAL 17 T, POTENCIA BRUTA 111 HP - CHP DIURNO. AF_06/2014","SINAPI","CHP",0.06712269,144.56,{"v":9.7,"d":"9.70"}]
["88316","SERVENTE COM ENCARGOS COMPLEMENTARES","SINAPI","H",0.62768793,{"v":15.6,"d":"15.60"},9.79]
[{"$nulls":4},"TOTAL SERVICO:",null,32.76]
[{"$nulls":4},"VALOR:",null,{"v":114.3,"d":"114.30"}]
[null,null,""]
["5.3.11. 102738 - BOCA PARA BUEIRO SIMPLES TUBULAR D = 60 CM EM CONCRETO,  INCLUINDO FÔRMAS E MATERIAIS. AF_07/2021 (UN)"]
["SERVICO",null,"FONTE","UNID","COEFICIENTE","PREÇO UNITÁRIO","TOTAL"]
["102730","ARMAÇÃO DE MURO ALA E MURO TESTA UTILIZANDO AÇO CA-50 DE 10 MM - MONTAGEM. AF_07/2021","SINAPI","KG",3.89521201,{"v":15.4,"d":"15.40"},59.98]
["102731","ARMAÇÃO DE MURO ALA E MURO TESTA UTILIZANDO AÇO CA-50 DE 12,5 MM - MONTAGEM. AF_07/2021","SINAPI","KG",9.59751447,{"v":13.1,"d":"13.10"},125.72]
["102728","ARMAÇÃO DE MURO ALA E MURO TESTA UTILIZANDO AÇO CA-50 DE 6,3 MM - MONTAGEM. AF_07/2021","SINAPI","KG",23.70458074,17.53,415.54]
["102729","ARMAÇÃO DE MURO ALA E MURO TESTA UTILIZANDO AÇO CA-50 DE 8 MM - MONTAGEM. AF_07/2021","SINAPI","KG",1.36016537,16.95,23.05]
["102734","ARMAÇÃO DE SOLEIRA UTILIZANDO AÇO CA-50 DE 6,3 MM - MONTAGEM. AF_07/2021","SINAPI","KG",4.20266705,{"v":16.7,"d":"16.70"},70.18]
["102736","CONCRETAGEM DE BOCA PARA BUEIRO, FCK = 20 MPA, COM USO DE BOMBA - LANÇAMENTO, ADENSAMENTO E ACABAMENTO. AF_07/2021","SINAPI","M3",0.59051391,{"v":402.4,"d":"402.40"},237.62]
["102727","FABRICAÇÃO, MONTAGEM E DESMONTAGEM DE FÔRMA PARA BOCA PARA BUEIRO, EM CHAPA DE MADEIRA COMPENSADA RESINADA, E = 17 MM, 2 UTILIZAÇÕES. AF_07/2021","SINAPI","M2",3.75041919,75.43,282.89]
["96620","LASTRO DE CONCRETO MAGRO, APLICADO EM PISOS, LAJES SOBRE SOLO OU RADIERS. AF_08/2017","SINAPI","M3",0.12770527,466.11,59.52]
[{"$nulls":4},"TOTAL SERVICO:",null,{"v":1274.5,"d":"1,274.50"}]
[{"$nulls":4},"VALOR:",null,{"v":1274.5,"d":"1,274.50"}]
[null,null,""]
["5.4.1. COMP-51076047 - LIMPEZA FINAL DA OBRA  (m2)"]
["MATERIAL",null,"FONTE","UNID","COEFICIENTE","PREÇO UNITÁRIO","TOTAL"]
["00038400","VASSOURA 40 CM COM CABO","SINAPI","UN",0.02661291,9.27,0.25]
[{"$nulls":4},"TOTAL MATERIAL:",null,0.25]
["SERVICO",null,"FONTE","UNID","COEFICIENTE","PREÇO UNITÁRIO","TOTAL"]
["88316","SERVENTE COM ENCARGOS COMPLEMENTARES","SINAPI","H",0.00532258,{"v":15.6,"d":"15.60"},0.08]
[{"$nulls":4},"TOTAL SERVICO:",null,0.08]
[{"$nulls":4},"VALOR:",null,0.33]
[null,null,""]
["6.1.1. COMP-48999838 - SERVICOS TOPOGRAFICOS PARA PAVIMENTACAO, INCLUSIVE NOTA DE SERVICOS, ACOMPANHAMENTO E GREIDE (M2)"]
["SERVICO",null,"FONTE","UNID","COEFICIENTE","PREÇO UNITÁRIO","TOTAL"]
["88253","AUXILIAR DE TOPÓGRAFO COM ENCARGOS COMPLEMENTARES","SINAPI","H",0.00229144,12.03,0.03]
["92145","CAMINHONETE CABINE SIMPLES COM MOTOR 1.6 FLEX, CÂMBIO MANUAL, POTÊNCIA 101/104 CV, 2 PORTAS - CHP DIURNO. AF_11/2015","SINAPI","CHP",0.00229144,61.04,0.14]
["88597","DESENHISTA DETALHISTA COM ENCARGOS COMPLEMENTARES","SINAPI","H",0.00229144,36.13,0.08]
["88288","NIVELADOR COM ENCARGOS COMPLEMENTARES","SINAPI","H",0.00229144,14.85,0.03]
["88316","SERVENTE COM ENCARGOS COMPLEMENTARES","SINAPI","H",0.00229144,{"v":15.6,"d":"15.60"},0.04]
[{"$nulls":4},"TOTAL SERVICO:",null,0.32]
[{"$nulls":4},"VALOR:",null,0.32]
[null,null,""]
["6.1.2. COMP-69215843 - PLACA ESMALTADA PARA IDENTIFICAÇÃO NR DE RUA, LOGRADOURO, 45X25CM (UNID)"]
["MATERIAL",null,"FONTE","UNID","COEFICIENTE","PREÇO UNITÁRIO","TOTAL"]
["00013521","PLACA DE ACO ESMALTADA PARA  IDENTIFICACAO DE RUA, *45 CM X 20* CM","SINAPI","UN",{"v":1,"d":"1.00000000"},74.25,74.25]
[{"$nulls":4},"TOTAL MATERIAL:",null,74.25]
["SERVICO",null,"FONTE","UNID","COEFICIENTE","PREÇO UNITÁRIO","TOTAL"]
["88309","PEDREIRO COM ENCARGOS COMPLEMENTARES","SINAPI","H",0.19896054,19.82,3.94]
["88316","SERVENTE COM ENCARGOS COMPLEMENTARES","SINAPI","H",0.19831951,{"v":15.6,"d":"15.60"},3.09]
[{"$nulls":4},"TOTAL SERVICO:",null,7.03]
[{"$nulls":4},"VALOR:",null,81.28]
[null,null,""]
["6.2.1. 101169 - EXECUÇÃO DE PAVIMENTO EM PARALELEPÍPEDOS, REJUNTAMENTO COM ARGAMASSA TRAÇO 1:3 (CIMENTO E AREIA). AF_05/2020 (M2)"]
["MATERIAL",null,"FONTE","UNID","COEFICIENTE","PREÇO UNITÁRIO","TOTAL"]
["00000367","AREIA GROSSA - POSTO JAZIDA/FORNECEDOR (RETIRADO NA JAZIDA, SEM TRANSPORTE)","SINAPI","M3",0.10395572,{"v":84,"d":"84.00"},8.73]
["00004385","PARALELEPIPEDO GRANITICO OU BASALTICO, PARA PAVIMENTACAO, SEM FRETE (VARIACAO REGIONAL DE PECAS POR M2)","SINAPI","MIL",0.03009244,881.67,26.53]
[{"$nulls":4},"TOTAL MATERIAL:",null,35.26]
["SERVICO",null,"FONTE","UNID","COEFICIENTE","PREÇO UNITÁRIO","TOTAL"]
["88628","ARGAMASSA TRAÇO 1:3 (EM VOLUME DE CIMENTO E AREIA MÉDIA ÚMIDA), PREPARO MECÂNICO COM BETONEIRA 400 L. AF_08/2019","SINAPI","M3",{"v":0.0186026,"d":"0.01860260"},{"v":403,"d":"403.00"},7.49]
["88260","CALCETEIRO COM ENCARGOS COMPLEMENTARES","SINAPI","H",0.36667188,19.71,7.22]
["5685","ROLO COMPACTADOR VIBRATÓRIO DE UM CILINDRO AÇO LISO, POTÊNCIA 80 HP, PESO OPERACIONAL MÁXIMO 8,1 T, IMPACTO DINÂMICO 16,15 / 9,5 T, LARGURA DE TRABALHO 1,68 M - CHI DIURNO. AF_06/2014","SINAPI","CHI",{"v":0.1193667,"d":"0.11936670"},41.63,4.96]
["5684","ROLO COMPACTADOR VIBRATÓRIO DE UM CILINDRO AÇO LISO, POTÊNCIA 80 HP, PESO OPERACIONAL MÁXIMO 8,1 T, IMPACTO DINÂMICO 16,15 / 9,5 T, LARGURA DE TRABALHO 1,68 M - CHP DIURNO. AF_06/2014","SINAPI","CHP",{"v":2.82686E-3,"d":"0.00282686"},111.02,0.31]
["88316","SERVENTE COM ENCARGOS COMPLEMENTARES","SINAPI","H",0.36667188,{"v":15.6,"d":"15.60"},5.72]
[{"$nulls":4},"TOTAL SERVICO:",null,{"v":25.7,"d":"25.70"}]
[{"$nulls":4},"VALOR:",null,60.96]
[null,null,""]
["6.2.2. 04.910.02 - ASSENTAMENTO DE MEIO FIO GRANÍTICO  (M)"]
["GERAL",null,"FONTE","UNID","COEFICIENTE","PREÇO UNITÁRIO","TOTAL"]
["COMP-65017280","FORN. E APLICAÇÃO DE MEIO FIO EM PEDRA GRANILÍTICA","PRÓPRIA","M",0.17865623,71.29,12.74]
[{"$nulls":4},"TOTAL GERAL:",null,12.74]
["MATERIAL",null,"FONTE","UNID","COEFICIENTE","PREÇO UNITÁRIO","TOTAL"]
["00000367","AREIA GROSSA - POSTO JAZIDA/FORNECEDOR (RETIRADO NA JAZIDA, SEM TRANSPORTE)","SINAPI","M3",0.17853718,{"v":84,"d":"84.00"},{"v":15,"d":"15.00"}]
["00001379","CIMENTO PORTLAND COMPOSTO CP II-32","SINAPI","KG",0.17865623,0.54,{"v":0.1,"d":"0.10"}]
[{"$nulls":4},"TOTAL MATERIAL:",null,{"v":15.1,"d":"15.10"}]
[{"$nulls":4},"VALOR:",null,27.84]
[null,null,""]
["6.2.3. 04.910.02 - ASSENTAMENTO DE MEIO FIO GRANÍTICO  (M)"]
["GERAL",null,"FONTE","UNID","COEFICIENTE","PREÇO UNITÁRIO","TOTAL"]
["COMP-65017280","FORN. E APLICAÇÃO DE MEIO FIO EM PEDRA GRANILÍTICA","PRÓPRIA","M",0.17865623,71.29,12.74]
[{"$nulls":4},"TOTAL GERAL:",null,12.74]
["MATERIAL",null,"FONTE","UNID","COEFICIENTE","PREÇO UNITÁRIO","TOTAL"]
["00000367","AREIA GROSSA - POSTO JAZIDA/FORNECEDOR (RETIRADO NA JAZIDA, SEM TRANSPORTE)","SINAPI","M3",0.17853718,{"v":84,"d":"84.00"},{"v":15,"d":"15.00"}]
["00001379","CIMENTO PORTLAND COMPOSTO CP II-32","SINAPI","KG",0.17865623,0.54,{"v":0.1,"d":"0.10"}]
[{"$nulls":4},"TOTAL MATERIAL:",null,{"v":15.1,"d":"15.10"}]
[{"$nulls":4},"VALOR:",null,27.84]
[null,null,""]
["6.2.4. 94993 - EXECUÇÃO DE PASSEIO (CALÇADA) OU PISO DE CONCRETO COM CONCRETO MOLDADO IN LOCO, USINADO, ACABAMENTO CONVENCIONAL, ESPESSURA 6 CM, ARMADO. AF_07/2016 (M2)"]
["MATERIAL",null,"FONTE","UNID","COEFICIENTE","PREÇO UNITÁRIO","TOTAL"]
["00034492","CONCRETO USINADO BOMBEAVEL, CLASSE DE RESISTENCIA C20, COM BRITA 0 E 1, SLUMP = 100 +/- 20 MM, EXCLUI SERVICO DE BOMBEAMENTO (NBR 8953)","SINAPI","M3",0.06880121,{"v":310,"d":"310.00"},21.32]
["00003777","LONA PLASTICA PESADA PRETA, E = 150 MICRA","SINAPI","M2",1.06554116,1.38,1.47]
["00004517","SARRAFO *2,5 X 7,5* CM EM PINUS, MISTA OU EQUIVALENTE DA REGIAO - BRUTA","SINAPI","M",0.42508291,4.58,1.94]
["00007156","TELA DE ACO SOLDADA NERVURADA, CA-60, Q-196, (3,11 KG/M2), DIAMETRO DO FIO = 5,0 MM, LARGURA = 2,45 M, ESPACAMENTO DA MALHA = 10 X 10 CM","SINAPI","M2",1.06025124,30.51,32.34]
[{"$nulls":4},"TOTAL MATERIAL:",null,57.07]
["SERVICO",null,"FONTE","UNID","COEFICIENTE","PREÇO UNITÁRIO","TOTAL"]
["88262","CARPINTEIRO DE FORMAS COM ENCARGOS COMPLEMENTARES","SINAPI","H",0.12790272,19.61,{"v":2.5,"d":"2.50"}]
["88309","PEDREIRO COM ENCARGOS COMPLEMENTARES","SINAPI","H",0.11174957,19.82,2.21]
["88316","SERVENTE COM ENCARGOS COMPLEMENTARES","SINAPI","H",0.23965229,{"v":15.6,"d":"15.60"},3.73]
[{"$nulls":4},"TOTAL SERVICO:",null,8.44]
[{"$nulls":4},"VALOR:",null,65.51]
[null,null,""]
["6.2.5. COMP-00473759 - rampa de acessibilidade ( passeio 1,25M) (UN) (un)"]
["MATERIAL",null,"FONTE","UNID","COEFICIENTE","PREÇO UNITÁRIO","TOTAL"]
["00007348","TINTA ACRILICA PREMIUM PARA PISO","SINAPI","L",{"v":1,"d":"1.00000000"},{"v":11.7,"d":"11.70"},{"v":11.7,"d":"11.70"}]
[{"$nulls":4},"TOTAL MATERIAL:",null,{"v":11.7,"d":"11.70"}]
["SERVICO",null,"FONTE","UNID","COEFICIENTE","PREÇO UNITÁRIO","TOTAL"]
["95241","LASTRO DE CONCRETO MAGRO, APLICADO EM PISOS, LAJES SOBRE SOLO OU RADIERS, ESPESSURA DE 5 CM. AF_07/2016","SINAPI","M2",{"v":1,"d":"1.00000000"},23.29,23.29]
["88309","PEDREIRO COM ENCARGOS COMPLEMENTARES","SINAPI","H",{"v":1,"d":"1.00000000"},19.82,19.82]
["101094","PISO PODOTÁTIL, DIRECIONAL OU ALERTA, ASSENTADO SOBRE ARGAMASSA. AF_05/2020","SINAPI","M",{"v":1,"d":"1.00000000"},{"v":134.2,"d":"134.20"},{"v":134.2,"d":"134.20"}]
["88316","SERVENTE COM ENCARGOS COMPLEMENTARES","SINAPI","H",{"v":1,"d":"1.00000000"},{"v":15.6,"d":"15.60"},{"v":15.6,"d":"15.60"}]
[{"$nulls":4},"TOTAL SERVICO:",null,192.91]
[{"$nulls":4},"VALOR:",null,899.19]
[null,null,""]
["6.2.6. S09418 - Piso tátil direcional e/ou alerta, de concreto, na cor natural, p/deficientes visuais, dimensões 25x25cm, aplicado com argamassa industrializada ac-ii, rejuntado, exclusive regularização de base (m2)"]
["MAO DE OBRA",null,"FONTE","UNID","COEFICIENTE","PREÇO UNITÁRIO","TOTAL"]
["I04750S","Pedreiro","ORSE","h",0.50554819,13.99,7.07]
["I06111S","Servente de obras","ORSE","h",1.21331564,10.55,{"v":12.8,"d":"12.80"}]
[{"$nulls":4},"TOTAL MAO DE OBRA:",null,19.87]
["MATERIAL",null,"FONTE","UNID","COEFICIENTE","PREÇO UNITÁRIO","TOTAL"]
["I02684","Argamassa industrializada Votomassa AC-II, ou similar","ORSE","kg",4.04438548,1.09,4.41]
["I09758","Piso tátil direcional e/ou alerta, de concreto, na cor natural, dim 25x25 cm  - para deficiente visual","ORSE","m2",1.06165119,48.69,51.69]
["I02540","Rejunte colorido flexivel  para revestimentos cerâmicos","ORSE","kg",0.52577011,{"v":3.5,"d":"3.50"},1.84]
[{"$nulls":4},"TOTAL MATERIAL:",null,57.94]
["SERVICO",null,"FONTE","UNID","COEFICIENTE","PREÇO UNITÁRIO","TOTAL"]
["S10550","Encargos Complementares - Pedreiro","ORSE","h",0.50554819,3.46,1.75]
["S10549","Encargos Complementares - Servente","ORSE","h",1.21331564,3.54,{"v":4.3,"d":"4.30"}]
[{"$nulls":4},"TOTAL SERVICO:",null,6.05]
[{"$nulls":4},"VALOR:",null,83.86]
[null,null,""]
["6.2.7. 102498 - PINTURA DE MEIO-FIO COM TINTA BRANCA A BASE DE CAL (CAIAÇÃO). AF_05/2021 (M)"]
["MATERIAL",null,"FONTE","UNID","COEFICIENTE","PREÇO UNITÁRIO","TOTAL"]
["00011161","CAL HIDRATADA PARA PINTURA","SINAPI","KG",0.10503636,0.92,0.09]
[{"$nulls":4},"TOTAL MATERIAL:",null,0.09]
["SERVICO",null,"FONTE","UNID","COEFICIENTE","PREÇO UNITÁRIO","TOTAL"]
["88310","PINTOR COM ENCARGOS COMPLEMENTARES","SINAPI","H",0.03666363,20.82,0.76]
["88316","SERVENTE COM ENCARGOS COMPLEMENTARES","SINAPI","H",0.01585454,{"v":15.6,"d":"15.60"},0.24]
[{"$nulls":4},"TOTAL SERVICO:",null,{"v":1,"d":"1.00"}]
[{"$nulls":4},"VALOR:",null,1.09]
[null,null,""]
["6.2.8. 5213570 - Placa em aço - película I + I - fornecimento e implantação (m²)"]
["EQUIPAMENTO",null,"FONTE","UNID","COEFICIENTE","PREÇO UNITÁRIO","TOTAL"]
["E9687","Caminhão carroceria com capacidade de 5 t - 115 kW","SICRO NOVO","UN",{"v":0.2339977,"d":"0.23399770"},{"v":0,"d":"0.0000"},{"v":0,"d":"0.0000"}]
["E9687","Caminhão carroceria com capacidade de 5 t - 115 kW","SICRO NOVO","UN",0.10028474,{"v":0,"d":"0.0000"},{"v":0,"d":"0.0000"}]
[{"$nulls":4},"TOTAL EQUIPAMENTO:",null,{"v":0,"d":"0.0000"}]
["MAO DE OBRA",null,"FONTE","UNID","COEFICIENTE","PREÇO UNITÁRIO","TOTAL"]
["P9830","Montador","SICRO NOVO","h",0.33468526,24.8247,8.3069]
["P9824","Servente","SICRO NOVO","h",0.66856489,16.4619,11.0046]
[{"$nulls":4},"TOTAL MAO DE OBRA:",null,19.3115]
["SERVICO",null,"FONTE","UNID","COEFICIENTE","PREÇO UNITÁRIO","TOTAL"]
["5213416","Placa em aço nº 16 galvanizado com película retrorrefletiva tipo I + I - confecção","SICRO NOVO","m²",1.00284734,{"v":302.83,"d":"302.8300"},303.6923]
[{"$nulls":4},"TOTAL SERVICO:",null,303.6923]
[{"$nulls":4},"VALOR:",null,{"v":323,"d":"323.0000"}]
[null,null,""]
["6.3.1. 99063 - LOCAÇÃO DE REDE DE ÁGUA OU ESGOTO. AF_10/2018 (M)"]
["SERVICO",null,"FONTE","UNID","COEFICIENTE","PREÇO UNITÁRIO","TOTAL"]
["99061","LOCAÇÃO COM CAVALETE COM ALTURA DE 0,50 M - 2 UTILIZAÇÕES. AF_10/2018","SINAPI","UN",0.04920849,81.49,{"v":4,"d":"4.00"}]
[{"$nulls":4},"TOTAL SERVICO:",null,{"v":4,"d":"4.00"}]
[{"$nulls":4},"VALOR:",null,4.01]
[null,null,""]
["6.3.2. 90092 - ESCAVAÇÃO MECANIZADA DE VALA COM PROF. MAIOR QUE 1,5 M E ATÉ 3,0 M(MÉDIA ENTRE MONTANTE E JUSANTE/UMA COMPOSIÇÃO POR TRECHO), COM ESCAVADEIRA HIDRÁULICA (0,8 M3/111 HP), LARG. MENOR QUE 1,5 M, EM SOLO DE 1A CATEGORIA, LOCAIS COM BAIXO NÍVEL DE INTERFERÊNCIA. AF_02/2021 (M3)"]
["SERVICO",null,"FONTE","UNID","COEFICIENTE","PREÇO UNITÁRIO","TOTAL"]
["5632","ESCAVADEIRA HIDRÁULICA SOBRE ESTEIRAS, CAÇAMBA 0,80 M3, PESO OPERACIONAL 17 T, POTENCIA BRUTA 111 HP - CHI DIURNO. AF_06/2014","SINAPI","CHI",0.01709189,55.42,0.94]
["5631","ESCAVADEIRA HIDRÁULICA SOBRE ESTEIRAS, CAÇAMBA 0,80 M3, PESO OPERACIONAL 17 T, POTENCIA BRUTA 111 HP - CHP DIURNO. AF_06/2014","SINAPI","CHP",0.01572088,144.56,2.27]
["88316","SERVENTE COM ENCARGOS COMPLEMENTARES","SINAPI","H",0.03281277,{"v":15.6,"d":"15.60"},0.51]
[{"$nulls":4},"TOTAL SERVICO:",null,3.72]
[{"$nulls":4},"VALOR:",null,3.72]
[null,null,""]
["6.3.3. 101573 - ESCORAMENTO DE VALA, TIPO PONTALETEAMENTO, COM PROFUNDIDADE DE 1,5 A 3,0 M, LARGURA MAIOR OU IGUAL A 1,5 M E MENOR QUE 2,5 M. AF_08/2020 (M2)"]
["MATERIAL",null,"FONTE","UNID","COEFICIENTE","PREÇO UNITÁRIO","TOTAL"]
["00021138","MOURAO ROLICO DE MADEIRA TRATADA, D = 8 A 11 CM, H = 2,20 M, EM EUCALIPTO OU EQUIVALENTE DA REGIAO (PARA CERCA)","SINAPI","M",0.07393089,7.13,0.52]
["00005061","PREGO DE ACO POLIDO COM CABECA 18 X 27 (2 1/2 X 10)","SINAPI","KG",0.00698314,22.33,0.15]
["00006189","TABUA NAO APARELHADA *2,5 X 30* CM, EM MACARANDUBA, ANGELIM OU EQUIVALENTE DA REGIAO - BRUTA","SINAPI","M",0.12941309,19.28,2.49]
[{"$nulls":4},"TOTAL MATERIAL:",null,3.16]
["SERVICO",null,"FONTE","UNID","COEFICIENTE","PREÇO UNITÁRIO","TOTAL"]
["88262","CARPINTEIRO DE FORMAS COM ENCARGOS COMPLEMENTARES","SINAPI","H",0.38211242,19.61,7.49]
["88316","SERVENTE COM ENCARGOS COMPLEMENTARES","SINAPI","H",0.16379164,{"v":15.6,"d":"15.60"},2.55]
[{"$nulls":4},"TOTAL SERVICO:",null,10.04]
[{"$nulls":4},"VALOR:",null,{"v":13.2,"d":"13.20"}]
[null,null,""]
["6.3.4. COMP-97632275 - COLCHÃO DE AREIA (M3) (m3)"]
["MATERIAL",null,"FONTE","UNID","COEFICIENTE","PREÇO UNITÁRIO","TOTAL"]
["00000366","AREIA FINA - POSTO JAZIDA/FORNECEDOR (RETIRADO NA JAZIDA, SEM TRANSPORTE)","SINAPI","M3",1.03556485,{"v":80,"d":"80.00"},82.85]
[{"$nulls":4},"TOTAL MATERIAL:",null,82.85]
["SERVICO",null,"FONTE","UNID","COEFICIENTE","PREÇO UNITÁRIO","TOTAL"]
["88316","SERVENTE COM ENCARGOS COMPLEMENTARES","SINAPI","H",1.03556485,{"v":15.6,"d":"15.60"},16.15]
[{"$nulls":4},"TOTAL SERVICO:",null,16.15]
[{"$nulls":4},"VALOR:",null,{"v":99,"d":"99.00"}]
[null,null,""]
["6.3.5. 92212 - TUBO DE CONCRETO PARA REDES COLETORAS DE ÁGUAS PLUVIAIS, DIÂMETRO DE 600 MM, JUNTA RÍGIDA, INSTALADO EM LOCAL COM BAIXO NÍVEL DE INTERFERÊNCIAS - FORNECIMENTO E ASSENTAMENTO. AF_12/2015 (M)"]
["MATERIAL",null,"FONTE","UNID","COEFICIENTE","PREÇO UNITÁRIO","TOTAL"]
["00007725","TUBO DE CONCRETO ARMADO PARA AGUAS PLUVIAIS, CLASSE PA-1, COM ENCAIXE PONTA E BOLSA, DIAMETRO NOMINAL DE = 600 MM","SINAPI","M",0.93295122,168.89,157.56]
[{"$nulls":4},"TOTAL MATERIAL:",null,157.56]
["SERVICO",null,"FONTE","UNID","COEFICIENTE","PREÇO UNITÁRIO","TOTAL"]
["88629","ARGAMASSA TRAÇO 1:3 (EM VOLUME DE CIMENTO E AREIA MÉDIA ÚMIDA), PREPARO MANUAL. AF_08/2019","SINAPI","M3",0.00452888,485.43,2.19]
["88246","ASSENTADOR DE TUBOS COM ENCARGOS COMPLEMENTARES","SINAPI","H",0.44654849,14.66,6.54]
["5632","ESCAVADEIRA HIDRÁULICA SOBRE ESTEIRAS, CAÇAMBA 0,80 M3, PESO OPERACIONAL 17 T, POTENCIA BRUTA 111 HP - CHI DIURNO. AF_06/2014","SINAPI","CHI",0.20017691,55.42,11.09]
["5631","ESCAVADEIRA HIDRÁULICA SOBRE ESTEIRAS, CAÇAMBA 0,80 M3, PESO OPERACIONAL 17 T, POTENCIA BRUTA 111 HP - CHP DIURNO. AF_06/2014","SINAPI","CHP",0.09510667,144.56,13.74]
["88316","SERVENTE COM ENCARGOS COMPLEMENTARES","SINAPI","H",0.89309699,{"v":15.6,"d":"15.60"},13.93]
[{"$nulls":4},"TOTAL SERVICO:",null,47.49]
[{"$nulls":4},"VALOR:",null,205.05]
[null,null,""]
["6.3.6. 93360 - REATERRO MECANIZADO DE VALA COM ESCAVADEIRA HIDRÁULICA (CAPACIDADE DA CAÇAMBA: 0,8 M³ / POTÊNCIA: 111 HP), LARGURA DE 1,5 A 2,5 M, PROFUNDIDADE ATÉ 1,5 M, COM SOLO DE 1ª CATEGORIA EM LOCAIS COM ALTO NÍVEL DE INTERFERÊNCIA. AF_04/2016 (M3)"]
["SERVICO",null,"FONTE","UNID","COEFICIENTE","PREÇO UNITÁRIO","TOTAL"]
["91534","COMPACTADOR DE SOLOS DE PERCUSSÃO (SOQUETE) COM MOTOR A GASOLINA 4 TEMPOS, POTÊNCIA 4 CV - CHI DIURNO. AF_08/2015","SINAPI","CHI",0.08105273,17.36,{"v":1.4,"d":"1.40"}]
["91533","COMPACTADOR DE SOLOS DE PERCUSSÃO (SOQUETE) COM MOTOR A GASOLINA 4 TEMPOS, POTÊNCIA 4 CV - CHP DIURNO. AF_08/2015","SINAPI","CHP",0.08757421,23.95,2.09]
["5632","ESCAVADEIRA HIDRÁULICA SOBRE ESTEIRAS, CAÇAMBA 0,80 M3, PESO OPERACIONAL 17 T, POTENCIA BRUTA 111 HP - CHI DIURNO. AF_06/2014","SINAPI","CHI",0.05310351,55.42,2.94]
["5631","ESCAVADEIRA HIDRÁULICA SOBRE ESTEIRAS, CAÇAMBA 0,80 M3, PESO OPERACIONAL 17 T, POTENCIA BRUTA 111 HP - CHP DIURNO. AF_06/2014","SINAPI","CHP",0.04006054,144.56,5.79]
["88316","SERVENTE COM ENCARGOS COMPLEMENTARES","SINAPI","H",0.04192382,{"v":15.6,"d":"15.60"},0.65]
["95606","UMIDIFICAÇÃO DE MATERIAL PARA VALAS COM CAMINHÃO PIPA 10000L. AF_11/2016","SINAPI","M3",0.93164062,1.54,1.43]
[{"$nulls":4},"TOTAL SERVICO:",null,{"v":14.3,"d":"14.30"}]
[{"$nulls":4},"VALOR:",null,{"v":14.3,"d":"14.30"}]
[null,null,""]
["6.3.7. COMP-19845271 - BOCA DE LOBO EM ALVENARIA TIJOLO MACICO, REVESTIDA C/ ARGAMASSA DE CIMENTO E AREIA 1:3, SOBRE LASTRO DE CONCRETO 10CM E TAMPA DE CONCRETO ARMADO (un)"]
["MATERIAL",null,"FONTE","UNID","COEFICIENTE","PREÇO UNITÁRIO","TOTAL"]
["00001350","!EM PROCESSO DE DESATIVACAO! CHAPA DE MADEIRA COMPENSADA RESINADA PARA FORMA DE CONCRETO, DE *2,2 X 1,1* M, E = 10 MM","SINAPI","UN",{"v":1,"d":"1.00000000"},{"v":42,"d":"42.00"},{"v":42,"d":"42.00"}]
["00000034","ACO CA-50, 10,0 MM, VERGALHAO","SINAPI","KG",2.04996534,11.67,23.92]
["00043132","ARAME RECOZIDO 16 BWG, D = 1,65 MM (0,016 KG/M) OU 18 BWG, D = 1,25 MM (0,01 KG/M)","SINAPI","KG",2.04996534,24.27,49.75]
["00000367","AREIA GROSSA - POSTO JAZIDA/FORNECEDOR (RETIRADO NA JAZIDA, SEM TRANSPORTE)","SINAPI","M3",2.04996534,{"v":84,"d":"84.00"},{"v":172.2,"d":"172.20"}]
["00001106","CAL HIDRATADA CH-I PARA ARGAMASSAS","SINAPI","KG",2.04996534,0.55,1.13]
["00001379","CIMENTO PORTLAND COMPOSTO CP II-32","SINAPI","KG",2.04996534,0.54,1.11]
["00004721","PEDRA BRITADA N. 1 (9,5 a 19 MM) POSTO PEDREIRA/FORNECEDOR, SEM FRETE","SINAPI","M3",2.04996534,{"v":94.5,"d":"94.50"},193.72]
["00004718","PEDRA BRITADA N. 2 (19 A 38 MM) POSTO PEDREIRA/FORNECEDOR, SEM FRETE","SINAPI","M3",2.04996534,{"v":95,"d":"95.00"},194.75]
["00006189","TABUA NAO APARELHADA *2,5 X 30* CM, EM MACARANDUBA, ANGELIM OU EQUIVALENTE DA REGIAO - BRUTA","SINAPI","M",2.04996534,19.28,39.52]
["00007258","TIJOLO CERAMICO MACICO COMUM *5 X 10 X 20* CM (L X A X C)","SINAPI","UN",{"v":1,"d":"1.00000000"},0.56,0.56]
[{"$nulls":4},"TOTAL MATERIAL:",null,718.66]
["SERVICO",null,"FONTE","UNID","COEFICIENTE","PREÇO UNITÁRIO","TOTAL"]
["88245","ARMADOR COM ENCARGOS COMPLEMENTARES","SINAPI","H",2.04996534,19.71,{"v":40.4,"d":"40.40"}]
["88262","CARPINTEIRO DE FORMAS COM ENCARGOS COMPLEMENTARES","SINAPI","H",2.04996534,19.61,{"v":40.2,"d":"40.20"}]
["88309","PEDREIRO COM ENCARGOS COMPLEMENTARES","SINAPI","H",2.04996534,19.82,40.63]
["88316","SERVENTE COM ENCARGOS COMPLEMENTARES","SINAPI","H",2.04996534,{"v":15.6,"d":"15.60"},31.98]
[{"$nulls":4},"TOTAL SERVICO:",null,153.21]
[{"$nulls":4},"VALOR:",null,871.87]
[null,null,""]
["6.3.8. 83716 - GRELHA FF 30X100CM, COM ASSENTAMENTO DE ARGAMASSA CIMENTO/AREIA 1:4 (UN)"]
["MATERIAL",null,"FONTE","UNID","COEFICIENTE","PREÇO UNITÁRIO","TOTAL"]
["00011245","GRELHA FOFO SIMPLES COM REQUADRO, CARGA MAXIMA  12,5 T, *300 X 1000* MM, E= *15* MM, AREA ESTACIONAMENTO CARRO PASSEIO","SINAPI","UN",{"v":1,"d":"1.00000000"},404.65,404.65]
[{"$nulls":4},"TOTAL MATERIAL:",null,404.65]
["SERVICO",null,"FONTE","UNID","COEFICIENTE","PREÇO UNITÁRIO","TOTAL"]
["87316","ARGAMASSA TRAÇO 1:4 (EM VOLUME DE CIMENTO E AREIA GROSSA ÚMIDA) PARA CHAPISCO CONVENCIONAL, PREPARO MECÂNICO COM BETONEIRA 400 L. AF_08/2019","SINAPI","M3",0.01609231,340.19,5.47]
["88309","PEDREIRO COM ENCARGOS COMPLEMENTARES","SINAPI","H",5.22038973,19.82,103.46]
["88316","SERVENTE COM ENCARGOS COMPLEMENTARES","SINAPI","H",5.22039017,{"v":15.6,"d":"15.60"},81.43]
[{"$nulls":4},"TOTAL SERVICO:",null,190.36]
[{"$nulls":4},"VALOR:",null,595.01]
[null,null,""]
["6.3.9. COMP-87246896 - POÇO DE VISITA EM ALVENARIA TIJ. MACIÇOS * ESP.=20M ; DIM. INTERNO = 1,20X1,20X1,60M; LAJE SUPERIOR C. A. ESPESSURA DE =0,15M, INCLUSIVE TAMPÃO TD-600 (UN)"]
["GERAL",null,"FONTE","UNID","COEFICIENTE","PREÇO UNITÁRIO","TOTAL"]
["COMP-16529465","TAMPAO FOFO ARTICULADO, CLASSE B125 CARGA MAX 12,5 T, REDONDO TAMPA 600 MM, REDE PLUVIAL/ESGOTO, P = CHAMINE CX AREIA / POCO VISITA ASSENTADO COM ARG CIM/AREIA 1:4, FORNECIMENTO E ASSENTAMENTO","PRÓPRIA","un",{"v":1,"d":"1.00000000"},{"v":1036.07,"d":"1,036.07"},{"v":1036.07,"d":"1,036.07"}]
["INS-829266","ALVENARIA EM TIJOLO CERAMICO 5X10X20CM 1 VEZ ( ESPESSURA DE 20CM ), ASSENTADO COM ARGAMASSA TRAÇO 1:2:8( CIMENTO, CAL E AREIA)","PRÓPRIA","M2",12.00455147,158.98,{"v":1908.48,"d":"1,908.48"}]
[{"$nulls":4},"TOTAL GERAL:",null,{"v":2944.55,"d":"2,944.55"}]
["SERVICO",null,"FONTE","UNID","COEFICIENTE","PREÇO UNITÁRIO","TOTAL"]
["6106220","Armação de fuste de tubulão em aço CA-50 com apoio de guindaste - fornecimento, preparo e colocação","SICRO NOVO","kg",{"v":0.0968109,"d":"0.09681090"},11.27,1.09]
["94969","CONCRETO FCK = 15MPA, TRAÇO 1:3,4:3,5 (EM MASSA SECA DE CIMENTO/ AREIA MÉDIA/ BRITA 1) - PREPARO MECÂNICO COM BETONEIRA 600 L. AF_05/2021","SINAPI","M3",0.00834994,325.11,2.71]
["87792","EMBOÇO OU MASSA ÚNICA EM ARGAMASSA TRAÇO 1:2:8, PREPARO MECÂNICO COM BETONEIRA 400 L, APLICADA MANUALMENTE EM PANOS CEGOS DE FACHADA (SEM PRESENÇA DE VÃOS), ESPESSURA DE 25 MM. AF_06/2014","SINAPI","M2",0.10794415,28.03,3.03]
["92419","MONTAGEM E DESMONTAGEM DE FÔRMA DE PILARES RETANGULARES E ESTRUTURAS SIMILARES, PÉ-DIREITO SIMPLES, EM CHAPA DE MADEIRA COMPENSADA RESINADA, 4 UTILIZAÇÕES. AF_09/2020","SINAPI","M2",0.04027333,64.29,2.59]
[{"$nulls":4},"TOTAL SERVICO:",null,9.42]
[{"$nulls":4},"VALOR:",null,{"v":2953.97,"d":"2,953.97"}]
[null,null,""]
["6.3.10. 92210 - TUBO DE CONCRETO PARA REDES COLETORAS DE ÁGUAS PLUVIAIS, DIÂMETRO DE 400 MM, JUNTA RÍGIDA, INSTALADO EM LOCAL COM BAIXO NÍVEL DE INTERFERÊNCIAS - FORNECIMENTO E ASSENTAMENTO. AF_12/2015 (M)"]
["MATERIAL",null,"FONTE","UNID","COEFICIENTE","PREÇO UNITÁRIO","TOTAL"]
["00007745","TUBO DE CONCRETO ARMADO PARA AGUAS PLUVIAIS, CLASSE PA-1, COM ENCAIXE PONTA E BOLSA, DIAMETRO NOMINAL DE 400 MM","SINAPI","M",0.93427539,87.28,81.54]
[{"$nulls":4},"TOTAL MATERIAL:",null,81.54]
["SERVICO",null,"FONTE","UNID","COEFICIENTE","PREÇO UNITÁRIO","TOTAL"]
["88629","ARGAMASSA TRAÇO 1:3 (EM VOLUME DE CIMENTO E AREIA MÉDIA ÚMIDA), PREPARO MANUAL. AF_08/2019","SINAPI","M3",{"v":1.81412E-3,"d":"0.00181412"},485.43,0.88]
["88246","ASSENTADOR DE TUBOS COM ENCARGOS COMPLEMENTARES","SINAPI","H",0.31384396,14.66,{"v":4.6,"d":"4.60"}]
["5632","ESCAVADEIRA HIDRÁULICA SOBRE ESTEIRAS, CAÇAMBA 0,80 M3, PESO OPERACIONAL 17 T, POTENCIA BRUTA 111 HP - CHI DIURNO. AF_06/2014","SINAPI","CHI",0.14059484,55.42,7.79]
["5631","ESCAVADEIRA HIDRÁULICA SOBRE ESTEIRAS, CAÇAMBA 0,80 M3, PESO OPERACIONAL 17 T, POTENCIA BRUTA 111 HP - CHP DIURNO. AF_06/2014","SINAPI","CHP",0.06712269,144.56,{"v":9.7,"d":"9.70"}]
["88316","SERVENTE COM ENCARGOS COMPLEMENTARES","SINAPI","H",0.62768793,{"v":15.6,"d":"15.60"},9.79]
[{"$nulls":4},"TOTAL SERVICO:",null,32.76]
[{"$nulls":4},"VALOR:",null,{"v":114.3,"d":"114.30"}]
[null,null,""]
["6.3.11. 102738 - BOCA PARA BUEIRO SIMPLES TUBULAR D = 60 CM EM CONCRETO,  INCLUINDO FÔRMAS E MATERIAIS. AF_07/2021 (UN)"]
["SERVICO",null,"FONTE","UNID","COEFICIENTE","PREÇO UNITÁRIO","TOTAL"]
["102730","ARMAÇÃO DE MURO ALA E MURO TESTA UTILIZANDO AÇO CA-50 DE 10 MM - MONTAGEM. AF_07/2021","SINAPI","KG",3.89521201,{"v":15.4,"d":"15.40"},59.98]
["102731","ARMAÇÃO DE MURO ALA E MURO TESTA UTILIZANDO AÇO CA-50 DE 12,5 MM - MONTAGEM. AF_07/2021","SINAPI","KG",9.59751447,{"v":13.1,"d":"13.10"},125.72]
["102728","ARMAÇÃO DE MURO ALA E MURO TESTA UTILIZANDO AÇO CA-50 DE 6,3 MM - MONTAGEM. AF_07/2021","SINAPI","KG",23.70458074,17.53,415.54]
["102729","ARMAÇÃO DE MURO ALA E MURO TESTA UTILIZANDO AÇO CA-50 DE 8 MM - MONTAGEM. AF_07/2021","SINAPI","KG",1.36016537,16.95,23.05]
["102734","ARMAÇÃO DE SOLEIRA UTILIZANDO AÇO CA-50 DE 6,3 MM - MONTAGEM. AF_07/2021","SINAPI","KG",4.20266705,{"v":16.7,"d":"16.70"},70.18]
["102736","CONCRETAGEM DE BOCA PARA BUEIRO, FCK = 20 MPA, COM USO DE BOMBA - LANÇAMENTO, ADENSAMENTO E ACABAMENTO. AF_07/2021","SINAPI","M3",0.59051391,{"v":402.4,"d":"402.40"},237.62]
["102727","FABRICAÇÃO, MONTAGEM E DESMONTAGEM DE FÔRMA PARA BOCA PARA BUEIRO, EM CHAPA DE MADEIRA COMPENSADA RESINADA, E = 17 MM, 2 UTILIZAÇÕES. AF_07/2021","SINAPI","M2",3.75041919,75.43,282.89]
["96620","LASTRO DE CONCRETO MAGRO, APLICADO EM PISOS, LAJES SOBRE SOLO OU RADIERS. AF_08/2017","SINAPI","M3",0.12770527,466.11,59.52]
[{"$nulls":4},"TOTAL SERVICO:",null,{"v":1274.5,"d":"1,274.50"}]
[{"$nulls":4},"VALOR:",null,{"v":1274.5,"d":"1,274.50"}]
[null,null,""]
["6.4.1. COMP-51076047 - LIMPEZA FINAL DA OBRA  (m2)"]
["MATERIAL",null,"FONTE","UNID","COEFICIENTE","PREÇO UNITÁRIO","TOTAL"]
["00038400","VASSOURA 40 CM COM CABO","SINAPI","UN",0.02661291,9.27,0.25]
[{"$nulls":4},"TOTAL MATERIAL:",null,0.25]
["SERVICO",null,"FONTE","UNID","COEFICIENTE","PREÇO UNITÁRIO","TOTAL"]
["88316","SERVENTE COM ENCARGOS COMPLEMENTARES","SINAPI","H",0.00532258,{"v":15.6,"d":"15.60"},0.08]
[{"$nulls":4},"TOTAL SERVICO:",null,0.08]
[{"$nulls":4},"VALOR:",null,0.33]

{"sheet":"CRONOGRAMA","index":3,"n_rows":16,"n_cols":10,"rows_kept":16,"merged":[[0,0,0,7],[1,7,1,8],[2,0,3,0],[2,1,3,1],[2,2,3,2],[4,0,5,0],[4,1,5,1],[4,2,5,2],[6,0,7,0],[6,1,7,1],[6,2,7,2],[8,0,9,0],[8,1,9,1],[8,2,9,2],[10,0,11,0],[10,1,11,1],[10,2,11,2],[12,0,13,0],[12,1,13,1],[12,2,13,2],[12,7,12,8],[13,7,13,8],[14,2,15,2],[14,7,14,8],[14,9,15,9],[15,7,15,8]]}
[]
["ITEM","DESCRIÇÃO","VALOR (R$)","MÊS 1","MÊS 2","MÊS 3","MÊS 4","MÊS 5",null,"Total parcela"]
["1","RUA PROJETADA l",{"v":74705.67,"d":"74,705.67"},{"v":1,"d":"100.00%"},{"$nulls":5},{"v":1,"d":"100.00' %'"}]
[{"$nulls":3},{"v":74705.67,"d":"74,705.67"},{"$nulls":5},{"v":74705.67,"d":"74,705.67"}]
["2","RUA PROJETADA ll",{"v":86120.75,"d":"86,120.75"},{"v":0.2,"d":"20.00%"},{"v":0.8,"d":"80.00%"},{"$nulls":4},{"v":1,"d":"100.00' %'"}]
[{"$nulls":3},{"v":17224.15,"d":"17,224.15"},{"v":68896.6,"d":"68,896.60"},{"$nulls":4},{"v":86120.75,"d":"86,120.75"}]
["3","RUA PROJETADA lll",{"v":118540.14,"d":"118,540.14"},null,{"v":0.5,"d":"50.00%"},{"v":0.5,"d":"50.00%"},{"$nulls":3},{"v":1,"d":"100.00' %'"}]
[{"$nulls":4},{"v":59270.07,"d":"59,270.07"},{"v":59270.07,"d":"59,270.07"},{"$nulls":3},{"v":118540.14,"d":"118,540.14"}]
["4","RUA PROJETADA lV",{"v":88627.71,"d":"88,627.71"},null,null,{"v":1,"d":"100.00%"},{"$nulls":3},{"v":1,"d":"100.00' %'"}]
[{"$nulls":5},{"v":88627.71,"d":"88,627.71"},{"$nulls":3},{"v":88627.71,"d":"88,627.71"}]
["5","RUA PROJETADA V",{"v":81659.89,"d":"81,659.89"},{"$nulls":3},{"v":1,"d":"100.00%"},null,null,{"v":1,"d":"100.00' %'"}]
[{"$nulls":6},{"v":81659.89,"d":"81,659.89"},null,null,{"v":81659.89,"d":"81,659.89"}]
["6","TRAVESSA PEDRO HORONATO ( TRECHO 3)",{"v":187674.46,"d":"187,674.46"},{"$nulls":3},{"v":0.3,"d":"30.00%"},{"v":0.7,"d":"70.00%"},null,{"v":1,"d":"100.00' %'"}]
[{"$nulls":6},{"v":56302.34,"d":"56,302.34"},{"v":131372.12,"d":"131,372.12"},null,{"v":187674.46,"d":"187,674.46"}]
[null,null,{"v":637328.62,"d":"637,328.62"},{"v":91929.82,"d":"91,929.82"},{"v":128166.67,"d":"128,166.67"},{"v":147897.78,"d":"147,897.78"},{"v":137962.23,"d":"137,962.23"},{"v":131372.12,"d":"131,372.12"},null,{"v":637328.62,"d":"637,328.62"}]
[{"$nulls":3},{"v":91929.82,"d":"91,929.82"},{"v":220096.49,"d":"220,096.49"},{"v":367994.27,"d":"367,994.27"},{"v":505956.5,"d":"505,956.50"},{"v":637328.62,"d":"637,328.62"}]

{"sheet":"BDI","index":4,"n_rows":25,"n_cols":3,"rows_kept":25,"merged":[[0,0,0,3],[1,1,1,3],[3,1,3,2],[9,1,9,2],[10,1,10,2],[15,1,15,2],[16,1,16,2],[22,1,22,2],[23,1,23,2],[24,1,24,3]]}
[]
[null,"\n"]
["COD","DESCRIÇÃO","%"]
[null,""]
[null,"despesas indiretas"]
["AC","Administração Central",4.01]
["DF","Despesas Financeiras",1.11]
["R","Riscos ",0.56]
[null,"TOTAL",5.68]
[null,"\n"]
[null,""]
[null,"Benefício"]
["S+G","Seguro/Garantia",{"v":0.4,"d":"0.40"}]
["L","Lucro",6.92]
[null,"TOTAL",7.32]
[null,"\n"]
[null,""]
["I","Impostos"]
["","PIS",0.65]
["","COFINS",{"v":3,"d":"3.00"}]
["","ISS",{"v":5,"d":"5.00"}]
[null,"TOTAL",8.65]
[null,"\n"]
[null,"BDI = 24,23%"]
[null,"(1+AC+S+R+G)*(1+DF)*(1+L)/(1-I)-1"]

{"sheet":"ENCARGOS SOCIAIS","index":5,"n_rows":130,"n_cols":4,"rows_kept":130,"merged":[[0,0,0,4],[1,1,1,2],[3,1,3,2],[15,1,15,2],[28,1,28,2],[36,1,36,2],[41,1,41,2],[42,1,42,3],[43,1,43,4],[44,1,44,2],[46,1,46,2],[58,1,58,2],[71,1,71,2],[79,1,79,2],[84,1,84,2],[85,1,85,3],[86,1,86,4],[87,1,87,2],[89,1,89,2],[101,1,101,2],[114,1,114,2],[122,1,122,2],[127,1,127,2],[128,1,128,3],[129,1,129,4]]}
[]
[null,"\n"]
["COD","DESCRIÇÃO","HORA %","MES %"]
[null,"\n"]
["A","GRUPO A"]
["A1","INSS",{"v":20,"d":"20.00"},{"v":20,"d":"20.00"}]
["A2","SESI",{"v":1.5,"d":"1.50"},{"v":1.5,"d":"1.50"}]
["A3","SENAI",{"v":1,"d":"1.00"},{"v":1,"d":"1.00"}]
["A4","INCRA",{"v":0.2,"d":"0.20"},{"v":0.2,"d":"0.20"}]
["A5","SEBRAE",{"v":0.6,"d":"0.60"},{"v":0.6,"d":"0.60"}]
["A6","Salário Educação",{"v":2.5,"d":"2.50"},{"v":2.5,"d":"2.50"}]
["A7","Seguro Contra Acidentes de Trabalho ",{"v":3,"d":"3.00"},{"v":3,"d":"3.00"}]
["A8","FGTS",{"v":8,"d":"8.00"},{"v":8,"d":"8.00"}]
["A9","SECONCI",{"v":0,"d":"0.00"},{"v":0,"d":"0.00"}]
[null,"TOTAL",{"v":36.8,"d":"36.80"},{"v":36.8,"d":"36.80"}]
[null,"\n"]
["B","GRUPO B"]
["B1","Repouso Semanal Remunerado",17.86,{"v":0,"d":"0.00"}]
["B2","Feriados",3.93,{"v":0,"d":"0.00"}]
["B3","Auxílio - Enfermidade",0.87,0.67]
["B4","13º Salário",10.74,8.33]
["B5","Licença PaternidadE",0.07,0.06]
["B6","Faltas Justificadas",0.72,0.56]
["B7","Dias de Chuvas",1.44,{"v":0,"d":"0.00"}]
["B8","Auxílio Acidente de Trabalho",0.11,0.08]
["B9","Férias Gozadas",7.69,5.97]
["B10","Salário Maternidade",0.03,0.03]
[null,"TOTAL",{"v":43.459999999999994,"d":"43.46"},{"v":15.700000000000001,"d":"15.70"}]
[null,"\n"]
["C","GRUPO C"]
["C1","Aviso Prévio Indenizado",4.73,3.67]
["C2","Aviso Prévio Trabalhado",0.11,0.09]
["C3","Férias Indenizadas",5.31,4.12]
["C4","Depósito Rescisão Sem Justa Causa",3.84,2.98]
["C5","Indenização Adicional",{"v":0.4,"d":"0.40"},0.31]
[null,"TOTAL",14.39,11.17]
[null,"\n"]
["D","GRUPO D"]
["D1","Reincidência de Grupo A sobre Grupo B ",15.99,5.78]
["D2","Reincidência de Grupo A sobre Aviso Prévio Trabalhado e Reincidência do FGTS sobre Aviso Prévio Indenizado",0.42,0.33]
[null,"TOTAL",16.41,6.11]
[null,"\n"]
[null,"Horista = 111,06%\nMensalista = 69,78%"]
[null,"A + B + C + D"]
[null,"\n"]
["COD","DESCRIÇÃO","HORA %","MES %"]
[null,"\n"]
["A","GRUPO A"]
["A1","INSS",{"v":20,"d":"20.00"},{"v":20,"d":"20.00"}]
["A2","SESI",{"v":1.5,"d":"1.50"},{"v":1.5,"d":"1.50"}]
["A3","SENAI",{"v":1,"d":"1.00"},{"v":1,"d":"1.00"}]
["A4","INCRA",{"v":0.2,"d":"0.20"},{"v":0.2,"d":"0.20"}]
["A5","SEBRAE",{"v":0.6,"d":"0.60"},{"v":0.6,"d":"0.60"}]
["A6","Salário Educação",{"v":2.5,"d":"2.50"},{"v":2.5,"d":"2.50"}]
["A7","Seguro Contra Acidentes de Trabalho ",{"v":3,"d":"3.00"},{"v":3,"d":"3.00"}]
["A8","FGTS",{"v":8,"d":"8.00"},{"v":8,"d":"8.00"}]
["A9","SECONCI",{"v":0,"d":"0.00"},{"v":0,"d":"0.00"}]
[null,"TOTAL",{"v":36.8,"d":"36.80"},{"v":36.8,"d":"36.80"}]
[null,"\n"]
["B","GRUPO B"]
["B1","Repouso Semanal Remunerado",18.02,{"v":0,"d":"0.00"}]
["B2","Feriados",4.31,{"v":0,"d":"0.00"}]
["B3","Auxílio - Enfermidade",{"v":0.9,"d":"0.90"},0.69]
["B4","13º Salário",10.79,8.33]
["B5","Licença PaternidadE",0.07,0.06]
["B6","Faltas Justificadas",0.72,0.56]
["B7","Dias de Chuvas",1.98,{"v":0,"d":"0.00"}]
["B8","Auxílio Acidente de Trabalho",0.11,0.09]
["B9","Férias Gozadas",13.86,{"v":10.7,"d":"10.70"}]
["B10","Salário Maternidade",0.03,0.03]
[null,"TOTAL",{"v":50.78999999999999,"d":"50.79"},20.46]
[null,"\n"]
["C","GRUPO C"]
["C1","Aviso Prévio Indenizado",4.56,3.53]
["C2","Aviso Prévio Trabalhado",0.11,0.08]
["C3","Férias Indenizadas",0.51,{"v":0.4,"d":"0.40"}]
["C4","Depósito Rescisão Sem Justa Causa",4.13,{"v":3.2,"d":"3.20"}]
["C5","Indenização Adicional",0.38,{"v":0.3,"d":"0.30"}]
[null,"TOTAL",9.69,7.51]
[null,"\n"]
["D","GRUPO D"]
["D1","Reincidência de Grupo A sobre Grupo B ",18.69,7.53]
["D2","Reincidência de Grupo A sobre Aviso Prévio Trabalhado e Reincidência do FGTS sobre Aviso Prévio Indenizado",0.41,0.31]
[null,"TOTAL",{"v":19.1,"d":"19.10"},7.84]
[null,"\n"]
[null,"Horista = 116,38%\nMensalista = 72,61%"]
[null,"A + B + C + D"]
[null,"\n"]
["COD","DESCRIÇÃO","HORA %","MES %"]
[null,"\n"]
["A","GRUPO A"]
["A1","INSS",{"v":20,"d":"20.00"},{"v":20,"d":"20.00"}]
["A2","SESI",{"v":1.5,"d":"1.50"},{"v":1.5,"d":"1.50"}]
["A3","SENAI",{"v":1,"d":"1.00"},{"v":1,"d":"1.00"}]
["A4","INCRA",{"v":0.2,"d":"0.20"},{"v":0.2,"d":"0.20"}]
["A5","SEBRAE",{"v":0.6,"d":"0.60"},{"v":0.6,"d":"0.60"}]
["A6","Salário Educação",{"v":2.5,"d":"2.50"},{"v":2.5,"d":"2.50"}]
["A7","Seguro Contra Acidentes de Trabalho ",{"v":3,"d":"3.00"},{"v":3,"d":"3.00"}]
["A8","FGTS",{"v":8,"d":"8.00"},{"v":8,"d":"8.00"}]
["A9","SECONCI",{"v":0,"d":"0.00"},{"v":0,"d":"0.00"}]
[null,"TOTAL",{"v":36.8,"d":"36.80"},{"v":36.8,"d":"36.80"}]
[null,"\n"]
["B","GRUPO B"]
["B1","Repouso Semanal Remunerado",18.01,{"v":0,"d":"0.00"}]
["B2","Feriados",{"v":4.3,"d":"4.30"},{"v":0,"d":"0.00"}]
["B3","Auxílio - Enfermidade",0.87,0.67]
["B4","13º Salário",10.78,8.33]
["B5","Licença PaternidadE",0.07,0.06]
["B6","Faltas Justificadas",0.72,0.56]
["B7","Dias de Chuvas",1.98,{"v":0,"d":"0.00"}]
["B8","Auxílio Acidente de Trabalho",0.11,0.08]
["B9","Férias Gozadas",13.64,10.55]
["B10","Salário Maternidade",0.03,0.03]
[null,"TOTAL",50.51,20.28]
[null,"\n"]
["C","GRUPO C"]
["C1","Aviso Prévio Indenizado",4.45,3.45]
["C2","Aviso Prévio Trabalhado",{"v":0.1,"d":"0.10"},0.08]
["C3","Férias Indenizadas",{"v":0.5,"d":"0.50"},0.39]
["C4","Depósito Rescisão Sem Justa Causa",{"v":4.1,"d":"4.10"},3.17]
["C5","Indenização Adicional",0.37,0.29]
[null,"TOTAL",{"v":9.519999999999998,"d":"9.52"},7.38]
[null,"\n"]
["D","GRUPO D"]
["D1","Reincidência de Grupo A sobre Grupo B ",18.59,7.46]
["D2","Reincidência de Grupo A sobre Aviso Prévio Trabalhado e Reincidência do FGTS sobre Aviso Prévio Indenizado",0.39,0.31]
[null,"TOTAL",18.98,7.77]
[null,"\n"]
[null,"Horista = 115,81%\nMensalista = 72,23%"]
[null,"A + B + C + D"]